{"text_format":"3","workbook":"xlsx","n_sheets":2,"sheets":["SUMMARY","Detailed Estimate"],"not_rendered":{"images":1,"defined_names":3},"read":"whole","date_system":"1900"}

{"sheet":"SUMMARY","index":0,"n_rows":16,"n_cols":5,"rows_kept":16,"merged":[[0,4,0,5],[0,9,0,10],[0,11,0,15],[1,4,1,5],[1,6,1,10],[2,0,2,2],[2,4,2,5],[2,6,2,10],[3,0,3,2]]}
[]
[{"$nulls":4},"Project Name:"]
["www.biddingpartners.com",{"$nulls":3},"Address:"]
["+1 (347) 994-0941"]
[]
[null,"CSI DIV.","DESCRIPTION","TOTAL TRADE COST","REMARKS"]
[]
[null,"DIV.01","GENERAL CONDITIONS",{"$f":"'Detailed Estimate'!P8","v":{"v":29500,"d":"$29,500.00"}}]
[null,"DIV.06","WOOD PLASTICS & COMPOSITES",{"$f":"'Detailed Estimate'!P14","v":{"v":321113.31281802634,"d":"$321,113.31"}}]
[{"$f":"IF(G10<>\"\",1+MAX($A$1:A9),\"\")","v":""}]
[null,null,"SUBTOTAL",{"$f":"SUM(D8:D10)","v":{"v":350613.31281802634,"d":"$350,613.31"}}]
[null,null,"OVERHEAD & PROFIT - 25%",{"$f":"0.25*D11","v":{"v":87653.32820450659,"d":"$87,653.33"}}]
[null,null,"TOTAL BID",{"$f":"SUM(D11:D12)","v":{"v":438266.64102253295,"d":"$438,266.64"}}]
[]
[{"$f":"IF(G26<>\"\",1+MAX($A$1:A14),\"\")","v":""},null,"EXCLUSIONS"]
[{"$f":"IF(G27<>\"\",1+MAX($A$1:A15),\"\")","v":""},null,"ALL ITEMS NOT MENTIONED ABOVE ARE EXCLUDED"]

{"sheet":"Detailed Estimate","index":1,"n_rows":698,"n_cols":16,"rows_kept":698,"merged":[[0,9,0,10],[0,11,0,15],[1,9,1,10],[1,11,1,15],[2,0,2,3],[2,9,2,10],[2,11,2,15],[3,0,3,3],[695,0,695,3],[697,0,697,3]]}
[]
[{"$nulls":9},"Project Name:"]
["www.biddingpartners.com",{"$nulls":8},"Address:"]
[{"v":3479940941,"d":"+1 (347) 994-0941"}]
[]
["SR #","REFERENCE SHEET","DETAIL SHEET","CSI SECT","DESCRIPTION","QTY.","WASTAGE","QTY WITH\nWASTAGE","UNIT OF\nMEASURMENT","UNIT LABOR COST","TOTAL LABOR COST","UNIT MATERIAL COST","TOTAL MATERIAL COST","UNIT COST","TOTAL ITEM\nCOST","TOTAL TRADE\nCOST"]
[]
[{"$nulls":3},"DIV. 01","GENERAL REQUIREMENTS",{"$nulls":10},{"$f":"SUM(O10:O12)","v":{"v":29500,"d":"$29,500"}}]
[]
[{"$f":"IF(I10<>\"\",1+MAX($A$6:A9),\"\")","v":1},{"$nulls":3},"PERMITS & SITE SUPERVISION FEE",1,{"v":0,"d":"0%"},{"$f":"F10*(1+G10)","v":1},"LS",{"$nulls":4},{"v":12000,"d":"$12,000.0"},{"$f":"N10*H10","v":{"v":12000,"d":"$12,000"}}]
[{"$f":"IF(I11<>\"\",1+MAX($A$6:A10),\"\")","v":2},{"$nulls":3},"Allowances",1,{"v":0,"d":"0%"},{"$f":"F11*(1+G11)","v":1},"LS",{"$nulls":4},{"v":7500,"d":"$7,500.0"},{"$f":"N11*H11","v":{"v":7500,"d":"$7,500"}}]
[{"$f":"IF(I12<>\"\",1+MAX($A$6:A11),\"\")","v":3},{"$nulls":3},"Mobilization",1,{"v":0,"d":"0%"},1,"LS",{"$nulls":4},{"v":10000,"d":"$10,000.0"},{"v":10000,"d":"$10,000"}]
[{"$f":"IF(I13<>\"\",1+MAX($A$6:A12),\"\")","v":""}]
[{"$f":"IF(I14<>\"\",1+MAX($A$6:A13),\"\")","v":""},null,null,"DIV. 06","WOOD PLASTICS & COMPOSITE",{"$nulls":10},{"$f":"SUM(O17:O694)","v":{"v":321113.31281802634,"d":"$321,113"}}]
[{"$f":"IF(I15<>\"\",1+MAX($A$6:A14),\"\")","v":""}]
[{"$f":"IF(I16<>\"\",1+MAX($A$6:A15),\"\")","v":""},{"$nulls":3},"LEVEL -1 FRAMING"]
[{"$f":"IF(I17<>\"\",1+MAX($A$6:A16),\"\")","v":""}]
[{"$f":"IF(I18<>\"\",1+MAX($A$6:A17),\"\")","v":""},{"$nulls":3},"SHEATHING"]
[{"$f":"IF(I19<>\"\",1+MAX($A$6:A18),\"\")","v":4},"S-2.2","S-2.2",null,"3/4\" Thick Tongue & Groove Plywood Sheathing (4'X8') Ea.",{"$f":"2674.18/32","v":{"v":83.568125,"d":"84"}},{"v":0,"d":"0%"},{"$f":"F19*(1+G19)","v":{"v":83.568125,"d":"84"}},"EA",{"v":90,"d":"$90.0"},{"$f":"J19*H19","v":{"v":7521.131249999999,"d":"$7,521.13"}},{"v":53,"d":"$53.00"},{"$f":"L19*H19","v":{"v":4429.110624999999,"d":"$4,429.11"}},{"v":143,"d":"$143.0"},{"$f":"N19*H19","v":{"v":11950.241875,"d":"$11,950"}}]
[{"$f":"IF(I20<>\"\",1+MAX($A$6:A19),\"\")","v":""}]
[{"$f":"IF(I21<>\"\",1+MAX($A$6:A20),\"\")","v":""},{"$nulls":3},"FLOOR JOISTS"]
[{"$f":"IF(I22<>\"\",1+MAX($A$6:A21),\"\")","v":5},"S-2.2","S-2.2",null,"14\" TJI 110 Floor Joist @ 16\" O.C. @ 59.51'",11,{"v":0,"d":"0%"},{"$f":"F22*(1+G22)","v":11},"EA",{"v":897.4107999999999,"d":"$897.4"},{"$f":"J22*H22","v":{"v":9871.518799999998,"d":"$9,871.52"}},{"v":649.8492,"d":"$649.85"},{"$f":"L22*H22","v":{"v":7148.3412,"d":"$7,148.34"}},{"v":1547.26,"d":"$1,547.3"},{"$f":"N22*H22","v":{"v":17019.86,"d":"$17,020"}}]
[{"$f":"IF(I23<>\"\",1+MAX($A$6:A22),\"\")","v":6},"S-2.2","S-2.2",null,"14\" TJI 110 Floor Joist @ 16\" O.C. @ 53.98'",1,{"v":0,"d":"0%"},{"$f":"F23*(1+G23)","v":1},"EA",{"v":814.0183999999999,"d":"$814.0"},{"$f":"J23*H23","v":{"v":814.0183999999999,"d":"$814.02"}},{"v":589.4616,"d":"$589.46"},{"$f":"L23*H23","v":{"v":589.4616,"d":"$589.46"}},{"v":1403.48,"d":"$1,403.5"},{"$f":"N23*H23","v":{"v":1403.48,"d":"$1,403"}}]
[{"$f":"IF(I24<>\"\",1+MAX($A$6:A23),\"\")","v":7},"S-2.2","S-2.2",null,"14\" TJI 110 Floor Joist @ 16\" O.C. @ 54.83'",5,{"v":0,"d":"0%"},{"$f":"F24*(1+G24)","v":5},"EA",{"v":826.8363999999999,"d":"$826.8"},{"v":4134.182,"d":"$4,134.18"},{"v":598.7435999999999,"d":"$598.74"},{"v":2993.7179999999994,"d":"$2,993.72"},{"v":1425.58,"d":"$1,425.6"},{"$f":"N24*H24","v":{"v":7127.9,"d":"$7,128"}}]
[{"$f":"IF(I25<>\"\",1+MAX($A$6:A24),\"\")","v":8},"S-2.2","S-2.2",null,"14\" TJI 110 Floor Joist @ 16\" O.C. @ 20.74'",1,{"v":0,"d":"0%"},1,"EA",{"v":312.75919999999996,"d":"$312.8"},{"v":312.75919999999996,"d":"$312.76"},{"v":226.4808,"d":"$226.48"},{"v":226.4808,"d":"$226.48"},{"v":539.24,"d":"$539.2"},{"v":539.24,"d":"$539"}]
[{"$f":"IF(I26<>\"\",1+MAX($A$6:A25),\"\")","v":9},"S-2.2","S-2.2",null,"14\" TJI 110 Floor Joist @ 16\" O.C. @ 5.57'",4,{"v":0,"d":"0%"},4,"EA",{"v":83.9956,"d":"$84.0"},{"v":335.9824,"d":"$335.98"},{"v":60.8244,"d":"$60.82"},{"v":243.2976,"d":"$243.30"},{"v":144.82,"d":"$144.8"},{"v":579.28,"d":"$579"}]
[{"$f":"IF(I27<>\"\",1+MAX($A$6:A26),\"\")","v":10},"S-2.2","S-2.2",null,"14\" TJI 110 Floor Joist @ 16\" O.C. @ 11.19'",7,{"v":0,"d":"0%"},7,"EA",{"v":168.74519999999998,"d":"$168.7"},{"v":1181.2163999999998,"d":"$1,181.22"},{"v":122.1948,"d":"$122.19"},{"v":855.3636,"d":"$855.36"},{"v":290.94,"d":"$290.9"},{"v":2036.58,"d":"$2,037"}]
[{"$f":"IF(I28<>\"\",1+MAX($A$6:A27),\"\")","v":11},"S-2.2","S-2.2",null,"14\" TJI 110 Floor Joist @ 16\" O.C. @ 25.97'",1,{"v":0,"d":"0%"},1,"EA",{"v":391.6276,"d":"$391.6"},{"v":391.6276,"d":"$391.63"},{"v":283.5924,"d":"$283.59"},{"v":283.5924,"d":"$283.59"},{"v":675.22,"d":"$675.2"},{"v":675.22,"d":"$675"}]
[{"$f":"IF(I29<>\"\",1+MAX($A$6:A28),\"\")","v":12},"S-2.2","S-2.2",null,"14\" TJI 110 Floor Joist @ 16\" O.C. @ 20.42'",1,{"v":0,"d":"0%"},1,"EA",{"v":307.9336,"d":"$307.9"},{"v":307.9336,"d":"$307.93"},{"v":222.98640000000003,"d":"$222.99"},{"v":222.98640000000003,"d":"$222.99"},{"v":530.9200000000001,"d":"$530.9"},{"v":530.9200000000001,"d":"$531"}]
[{"$f":"IF(I30<>\"\",1+MAX($A$6:A29),\"\")","v":13},"S-2.2","S-2.2",null,"14\" TJI 110 Floor Joist @ 16\" O.C. @ 13.55'",9,{"v":0,"d":"0%"},9,"EA",{"v":204.334,"d":"$204.3"},{"v":1839.006,"d":"$1,839.01"},{"v":147.966,"d":"$147.97"},{"v":1331.694,"d":"$1,331.69"},{"v":352.3,"d":"$352.3"},{"v":3170.7000000000003,"d":"$3,171"}]
[{"$f":"IF(I31<>\"\",1+MAX($A$6:A30),\"\")","v":14},"S-2.2","S-2.2",null,"14\" TJI 110 Floor Joist @ 16\" O.C. @ 14.98'",6,{"v":0,"d":"0%"},6,"EA",{"v":225.89839999999998,"d":"$225.9"},{"v":1355.3903999999998,"d":"$1,355.39"},{"v":163.5816,"d":"$163.58"},{"v":981.4896000000001,"d":"$981.49"},{"v":389.48,"d":"$389.5"},{"v":2336.88,"d":"$2,337"}]
[{"$f":"IF(I32<>\"\",1+MAX($A$6:A31),\"\")","v":15},"S-2.2","S-2.2",null,"14\" TJI 110 Floor Joist @ 16\" O.C. @ 14.97'",6,{"v":0,"d":"0%"},6,"EA",{"v":225.7476,"d":"$225.7"},{"v":1354.4856,"d":"$1,354.49"},{"v":163.4724,"d":"$163.47"},{"v":980.8344,"d":"$980.83"},{"v":389.22,"d":"$389.2"},{"v":2335.32,"d":"$2,335"}]
[{"$f":"IF(I33<>\"\",1+MAX($A$6:A32),\"\")","v":16},"S-2.2","S-2.2",null,"14\" TJI 110 Floor Joist @ 16\" O.C. @ 14.96'",1,{"v":0,"d":"0%"},1,"EA",{"v":225.5968,"d":"$225.6"},{"v":225.5968,"d":"$225.60"},{"v":163.3632,"d":"$163.36"},{"v":163.3632,"d":"$163.36"},{"v":388.96000000000004,"d":"$389.0"},{"v":388.96000000000004,"d":"$389"}]
[{"$f":"IF(I34<>\"\",1+MAX($A$6:A33),\"\")","v":17},"S-2.2","S-2.2",null,"14\" TJI 110 Floor Joist @ 16\" O.C. @ 22.31'",1,{"v":0,"d":"0%"},1,"EA",{"v":336.43479999999994,"d":"$336.4"},{"v":336.43479999999994,"d":"$336.43"},{"v":243.62519999999998,"d":"$243.63"},{"v":243.62519999999998,"d":"$243.63"},{"v":580.06,"d":"$580.1"},{"v":580.06,"d":"$580"}]
[{"$f":"IF(I35<>\"\",1+MAX($A$6:A34),\"\")","v":18},"S-2.2","S-2.2",null,"14\" TJI 110 Floor Joist @ 16\" O.C. @ 22.32'",1,{"v":0,"d":"0%"},1,"EA",{"v":336.5856,"d":"$336.6"},{"v":336.5856,"d":"$336.59"},{"v":243.73440000000002,"d":"$243.73"},{"v":243.73440000000002,"d":"$243.73"},{"v":580.32,"d":"$580.3"},{"v":580.32,"d":"$580"}]
[{"$f":"IF(I36<>\"\",1+MAX($A$6:A35),\"\")","v":19},"S-2.2","S-2.2",null,"14\" TJI 110 Floor Joist @ 16\" O.C. @ 22.33'",2,{"v":0,"d":"0%"},2,"EA",{"v":336.73639999999995,"d":"$336.7"},{"v":673.4727999999999,"d":"$673.47"},{"v":243.84359999999995,"d":"$243.84"},{"v":487.6871999999999,"d":"$487.69"},{"v":580.5799999999999,"d":"$580.6"},{"v":1161.1599999999999,"d":"$1,161"}]
[{"$f":"IF(I37<>\"\",1+MAX($A$6:A36),\"\")","v":20},"S-2.2","S-2.2",null,"14\" TJI 110 Floor Joist @ 16\" O.C. @ 22.34'",1,{"v":0,"d":"0%"},1,"EA",{"v":336.8872,"d":"$336.9"},{"v":336.8872,"d":"$336.89"},{"v":243.9528,"d":"$243.95"},{"v":243.9528,"d":"$243.95"},{"v":580.84,"d":"$580.8"},{"v":580.84,"d":"$581"}]
[{"$f":"IF(I38<>\"\",1+MAX($A$6:A37),\"\")","v":21},"S-2.2","S-2.2",null,"14\" TJI 110 Floor Joist @ 16\" O.C. @ 22.35'",2,{"v":0,"d":"0%"},2,"EA",{"v":337.038,"d":"$337.0"},{"v":674.076,"d":"$674.08"},{"v":244.062,"d":"$244.06"},{"v":488.124,"d":"$488.12"},{"v":581.1,"d":"$581.1"},{"v":1162.2,"d":"$1,162"}]
[{"$f":"IF(I39<>\"\",1+MAX($A$6:A38),\"\")","v":22},"S-2.2","S-2.2",null,"14\" TJI 110 Floor Joist @ 16\" O.C. @ 22.36'",1,{"v":0,"d":"0%"},{"$f":"F39*(1+G39)","v":1},"EA",{"v":337.18879999999996,"d":"$337.2"},{"v":337.18879999999996,"d":"$337.19"},{"v":244.1712,"d":"$244.17"},{"v":244.1712,"d":"$244.17"},{"v":581.36,"d":"$581.4"},{"$f":"N39*H39","v":{"v":581.36,"d":"$581"}}]
[{"$f":"IF(I40<>\"\",1+MAX($A$6:A39),\"\")","v":23},"S-2.2","S-2.2",null,"14\" TJI 110 Floor Joist @ 16\" O.C. @ 22.37'",2,{"v":0,"d":"0%"},2,"EA",{"v":337.33959999999996,"d":"$337.3"},{"v":674.6791999999999,"d":"$674.68"},{"v":244.2804,"d":"$244.28"},{"v":488.5608,"d":"$488.56"},{"v":581.62,"d":"$581.6"},{"v":1163.24,"d":"$1,163"}]
[{"$f":"IF(I41<>\"\",1+MAX($A$6:A40),\"\")","v":24},"S-2.2","S-2.2",null,"14\" TJI 110 Floor Joist @ 16\" O.C. @ 22.38'",1,{"v":0,"d":"0%"},1,"EA",{"v":337.49039999999997,"d":"$337.5"},{"v":337.49039999999997,"d":"$337.49"},{"v":244.3896,"d":"$244.39"},{"v":244.3896,"d":"$244.39"},{"v":581.88,"d":"$581.9"},{"v":581.88,"d":"$582"}]
[{"$f":"IF(I42<>\"\",1+MAX($A$6:A41),\"\")","v":25},"S-2.2","S-2.2",null,"14\" TJI 110 Floor Joist @ 16\" O.C. @ 22.39'",2,{"v":0,"d":"0%"},2,"EA",{"v":337.64119999999997,"d":"$337.6"},{"v":675.2823999999999,"d":"$675.28"},{"v":244.4988,"d":"$244.50"},{"v":488.9976,"d":"$489.00"},{"v":582.14,"d":"$582.1"},{"v":1164.28,"d":"$1,164"}]
[{"$f":"IF(I43<>\"\",1+MAX($A$6:A42),\"\")","v":26},"S-2.2","S-2.2",null,"14\" TJI 110 Floor Joist @ 16\" O.C. @ 22.4'",1,{"v":0,"d":"0%"},1,"EA",{"v":337.792,"d":"$337.8"},{"v":337.792,"d":"$337.79"},{"v":244.60799999999998,"d":"$244.61"},{"v":244.60799999999998,"d":"$244.61"},{"v":582.4,"d":"$582.4"},{"v":582.4,"d":"$582"}]
[{"$f":"IF(I44<>\"\",1+MAX($A$6:A43),\"\")","v":27},"S-2.2","S-2.2",null,"14\" TJI 110 Floor Joist @ 16\" O.C. @ 22.41'",2,{"v":0,"d":"0%"},2,"EA",{"v":337.9428,"d":"$337.9"},{"v":675.8856,"d":"$675.89"},{"v":244.7172,"d":"$244.72"},{"v":489.4344,"d":"$489.43"},{"v":582.66,"d":"$582.7"},{"v":1165.32,"d":"$1,165"}]
[{"$f":"IF(I45<>\"\",1+MAX($A$6:A44),\"\")","v":28},"S-2.2","S-2.2",null,"14\" TJI 110 Floor Joist @ 16\" O.C. @ 22.42'",1,{"v":0,"d":"0%"},1,"EA",{"v":338.09360000000004,"d":"$338.1"},{"v":338.09360000000004,"d":"$338.09"},{"v":244.82640000000004,"d":"$244.83"},{"v":244.82640000000004,"d":"$244.83"},{"v":582.9200000000001,"d":"$582.9"},{"v":582.9200000000001,"d":"$583"}]
[{"$f":"IF(I46<>\"\",1+MAX($A$6:A45),\"\")","v":29},"S-2.2","S-2.2",null,"14\" TJI 110 Floor Joist @ 16\" O.C. @ 18.96'",2,{"v":0,"d":"0%"},2,"EA",{"v":285.9168,"d":"$285.9"},{"v":571.8336,"d":"$571.83"},{"v":207.0432,"d":"$207.04"},{"v":414.0864,"d":"$414.09"},{"v":492.96000000000004,"d":"$493.0"},{"v":985.9200000000001,"d":"$986"}]
[{"$f":"IF(I47<>\"\",1+MAX($A$6:A46),\"\")","v":30},"S-2.2","S-2.2",null,"14\" TJI 110 Floor Joist @ 16\" O.C. @ 18.97'",7,{"v":0,"d":"0%"},7,"EA",{"v":286.06759999999997,"d":"$286.1"},{"v":2002.4732,"d":"$2,002.47"},{"v":207.15239999999997,"d":"$207.15"},{"v":1450.0667999999998,"d":"$1,450.07"},{"v":493.21999999999997,"d":"$493.2"},{"v":3452.54,"d":"$3,453"}]
[{"$f":"IF(I48<>\"\",1+MAX($A$6:A47),\"\")","v":31},"S-2.2","S-2.2",null,"14\" TJI 110 Floor Joist @ 16\" O.C. @ 18.98'",1,{"v":0,"d":"0%"},1,"EA",{"v":286.2184,"d":"$286.2"},{"v":286.2184,"d":"$286.22"},{"v":207.2616,"d":"$207.26"},{"v":207.2616,"d":"$207.26"},{"v":493.48,"d":"$493.5"},{"v":493.48,"d":"$493"}]
[{"$f":"IF(I49<>\"\",1+MAX($A$6:A48),\"\")","v":""}]
[{"$f":"IF(I50<>\"\",1+MAX($A$6:A49),\"\")","v":32},"S-2.2","S-2.2",null,"3-1/2 Floor Joist w/ BN @ 11'",1,{"v":0,"d":"0%"},{"$f":"F50*(1+G50)","v":1},"EA",{"v":78.42999999999999,"d":"$78.4"},{"$f":"J50*H50","v":{"v":78.42999999999999,"d":"$78.43"}},{"v":48.07,"d":"$48.07"},{"$f":"L50*H50","v":{"v":48.07,"d":"$48.07"}},{"v":126.5,"d":"$126.5"},{"$f":"N50*H50","v":{"v":126.5,"d":"$127"}}]
[{"$f":"IF(I51<>\"\",1+MAX($A$6:A50),\"\")","v":""}]
[{"$f":"IF(I52<>\"\",1+MAX($A$6:A51),\"\")","v":""},{"$nulls":3},"WOODEN BEAMS & HEADER"]
[{"$f":"IF(I53<>\"\",1+MAX($A$6:A52),\"\")","v":33},"S-2.2","S-2.2",null,"(6\"X6\") Wooden Header - 3'",3,{"v":0,"d":"0%"},{"$f":"F53*(1+G53)","v":3},"EA",{"v":34.875,"d":"$34.9"},{"$f":"J53*H53","v":{"v":104.625,"d":"$104.63"}},{"v":21.375,"d":"$21.38"},{"$f":"L53*H53","v":{"v":64.125,"d":"$64.13"}},{"v":56.25,"d":"$56.3"},{"$f":"N53*H53","v":{"v":168.75,"d":"$169"}}]
[{"$f":"IF(I54<>\"\",1+MAX($A$6:A53),\"\")","v":34},"S-2.2","S-2.2",null,"5-1/4\"X14\" LVL - 15'",{"v":15.42,"d":"15"},{"v":0,"d":"0%"},{"$f":"F54*(1+G54)","v":{"v":15.42,"d":"15"}},"EA",{"v":277.875,"d":"$277.9"},{"v":4284.8324999999995,"d":"$4,284.83"},{"v":453.375,"d":"$453.38"},{"$f":"L54*H54","v":{"v":6991.0425,"d":"$6,991.04"}},{"v":731.25,"d":"$731.3"},{"$f":"N54*H54","v":{"v":11275.875,"d":"$11,276"}}]
[{"$f":"IF(I55<>\"\",1+MAX($A$6:A54),\"\")","v":35},"S-2.2","S-2.2",null,"5-1/4\"X14\" LVL - 4'",{"v":4.42,"d":"4"},{"v":0,"d":"0%"},{"v":4.42,"d":"4"},"EA",{"v":74.1,"d":"$74.1"},{"$f":"J55*H55","v":{"v":327.522,"d":"$327.52"}},{"v":120.9,"d":"$120.90"},{"v":534.378,"d":"$534.38"},{"v":195,"d":"$195.0"},{"v":861.9,"d":"$862"}]
[{"$f":"IF(I56<>\"\",1+MAX($A$6:A55),\"\")","v":36},"S-2.2","S-2.2",null,"5-1/4\"X14\" LVL - 6'",{"v":6.19,"d":"6"},{"v":0,"d":"0%"},{"v":6.19,"d":"6"},"EA",{"v":111.15,"d":"$111.2"},{"$f":"J56*H56","v":{"v":688.0185000000001,"d":"$688.02"}},{"v":181.35,"d":"$181.35"},{"v":1122.5565000000001,"d":"$1,122.56"},{"v":292.5,"d":"$292.5"},{"v":1810.575,"d":"$1,811"}]
[{"$f":"IF(I57<>\"\",1+MAX($A$6:A56),\"\")","v":37},"S-2.2","S-2.2",null,"5-1/4\"X14\" LVL - 5'",{"v":4.99,"d":"5"},{"v":0,"d":"0%"},{"v":4.99,"d":"5"},"EA",{"v":92.625,"d":"$92.6"},{"v":462.19875,"d":"$462.20"},{"v":151.125,"d":"$151.13"},{"v":754.11375,"d":"$754.11"},{"v":243.75,"d":"$243.8"},{"v":1216.3125,"d":"$1,216"}]
[{"$f":"IF(I58<>\"\",1+MAX($A$6:A57),\"\")","v":38},"S-2.2","S-2.2",null,"3-1/2\"X14\" LVL - 12'",{"v":11.52,"d":"12"},{"v":0,"d":"0%"},{"v":11.52,"d":"12"},"EA",{"v":57.24,"d":"$57.2"},{"v":659.4048,"d":"$659.40"},{"v":50.76,"d":"$50.76"},{"v":584.7552,"d":"$584.76"},{"v":108,"d":"$108.0"},{"v":1244.1599999999999,"d":"$1,244"}]
[{"$f":"IF(I59<>\"\",1+MAX($A$6:A58),\"\")","v":39},"S-2.2","S-2.2",null,"3-1/2\"X11-7/8\" LVL - 13'",{"v":12.84,"d":"13"},{"v":0,"d":"0%"},{"$f":"F59*(1+G59)","v":{"v":12.84,"d":"13"}},"EA",{"v":55.120000000000005,"d":"$55.1"},{"$f":"J59*H59","v":{"v":707.7408,"d":"$707.74"}},{"v":48.879999999999995,"d":"$48.88"},{"$f":"L59*H59","v":{"v":627.6192,"d":"$627.62"}},{"v":104,"d":"$104.0"},{"$f":"N59*H59","v":{"v":1335.36,"d":"$1,335"}}]
[{"$f":"IF(I60<>\"\",1+MAX($A$6:A59),\"\")","v":40},"S-2.2","S-2.2",null,"5-1/4\"X14\" LVL - 13'",{"v":13.21,"d":"13"},{"v":0,"d":"0%"},{"v":13.21,"d":"13"},"EA",{"v":240.825,"d":"$240.8"},{"v":3181.2982500000003,"d":"$3,181.30"},{"v":392.925,"d":"$392.93"},{"v":5190.539250000001,"d":"$5,190.54"},{"v":633.75,"d":"$633.8"},{"v":8371.8375,"d":"$8,372"}]
[{"$f":"IF(I61<>\"\",1+MAX($A$6:A60),\"\")","v":""}]
[{"$f":"IF(I62<>\"\",1+MAX($A$6:A61),\"\")","v":""},{"$nulls":3},"FRAMING MISC."]
[{"$f":"IF(I63<>\"\",1+MAX($A$6:A62),\"\")","v":41},"S-2.2","S-2.2",null,"HDU4",24,{"v":0,"d":"0%"},{"$f":"F63*(1+G63)","v":24},"EA",{"v":12.8,"d":"$12.8"},{"$f":"J63*H63","v":{"v":307.20000000000005,"d":"$307.20"}},{"v":27.200000000000003,"d":"$27.20"},{"$f":"L63*H63","v":{"v":652.8000000000001,"d":"$652.80"}},{"v":40,"d":"$40.0"},{"$f":"N63*H63","v":{"v":960,"d":"$960"}}]
[{"$f":"IF(I64<>\"\",1+MAX($A$6:A63),\"\")","v":42},"S-2.2","S-2.2",null,"HDU5",8,{"v":0,"d":"0%"},{"$f":"F64*(1+G64)","v":8},"EA",{"v":16,"d":"$16.0"},{"$f":"J64*H64","v":{"v":128,"d":"$128.00"}},{"v":34,"d":"$34.00"},{"$f":"L64*H64","v":{"v":272,"d":"$272.00"}},{"v":50,"d":"$50.0"},{"$f":"N64*H64","v":{"v":400,"d":"$400"}}]
[{"$f":"IF(I65<>\"\",1+MAX($A$6:A64),\"\")","v":43},"S-2.2","S-2.2",null,"HDU8",24,{"v":0,"d":"0%"},24,"EA",{"v":19.2,"d":"$19.2"},{"$f":"J65*H65","v":{"v":460.79999999999995,"d":"$460.80"}},{"v":40.800000000000004,"d":"$40.80"},{"$f":"L65*H65","v":{"v":979.2,"d":"$979.20"}},{"v":60,"d":"$60.0"},{"v":1440,"d":"$1,440"}]
[{"$f":"IF(I66<>\"\",1+MAX($A$6:A65),\"\")","v":44},"S-2.2","S-2.2",null,"CMST14",5,{"v":0,"d":"0%"},{"$f":"F66*(1+G66)","v":5},"EA",{"v":16,"d":"$16.0"},{"$f":"J66*H66","v":{"v":80,"d":"$80.00"}},{"v":34,"d":"$34.00"},{"$f":"L66*H66","v":{"v":170,"d":"$170.00"}},{"v":50,"d":"$50.0"},{"$f":"N66*H66","v":{"v":250,"d":"$250"}}]
[{"$f":"IF(I67<>\"\",1+MAX($A$6:A66),\"\")","v":45},"S-2.2","S-2.2",null,"HDU 11",4,{"v":0,"d":"0%"},4,"EA",{"v":24,"d":"$24.0"},{"$f":"J67*H67","v":{"v":96,"d":"$96.00"}},{"v":51.00000000000001,"d":"$51.00"},{"$f":"L67*H67","v":{"v":204.00000000000003,"d":"$204.00"}},{"v":75,"d":"$75.0"},{"v":300,"d":"$300"}]
[{"$f":"IF(I68<>\"\",1+MAX($A$6:A67),\"\")","v":""}]
[{"$f":"IF(I69<>\"\",1+MAX($A$6:A68),\"\")","v":""},{"$nulls":3},"EXTERIOR WOODEN STAIRS"]
[{"$f":"IF(I70<>\"\",1+MAX($A$6:A69),\"\")","v":46},"S-2.2","S-2.2",null,"(3'x10\") Wooden Stain Treads @17EA & 6\" High Riser @ 18 EA",1,{"v":0,"d":"0%"},{"$f":"F70*(1+G70)","v":1},"EA",{"v":1094.4,"d":"$1,094.4"},{"$f":"J70*H70","v":{"v":1094.4,"d":"$1,094.40"}},{"v":1785.6,"d":"$1,785.60"},{"$f":"L70*H70","v":{"v":1785.6,"d":"$1,785.60"}},{"v":2880,"d":"$2,880.0"},{"v":2880,"d":"$2,880"}]
[{"$f":"IF(I71<>\"\",1+MAX($A$6:A70),\"\")","v":""}]
[{"$f":"IF(I72<>\"\",1+MAX($A$6:A71),\"\")","v":""},{"$nulls":3},"INTERIOR WOODEN STAIRS"]
[{"$f":"IF(I73<>\"\",1+MAX($A$6:A72),\"\")","v":47},"S-2.2","S-2.2",null,"(3'-4\"x12\") Wooden Stain Treads @19EA & 6\" High Riser @ 20 EA",1,{"v":0,"d":"0%"},{"$f":"F73*(1+G73)","v":1},"EA",{"v":1368,"d":"$1,368.0"},{"$f":"J73*H73","v":{"v":1368,"d":"$1,368.00"}},{"v":2232,"d":"$2,232.00"},{"$f":"L73*H73","v":{"v":2232,"d":"$2,232.00"}},{"v":3600,"d":"$3,600.0"},{"$f":"N73*H73","v":{"v":3600,"d":"$3,600"}}]
[{"$f":"IF(I74<>\"\",1+MAX($A$6:A73),\"\")","v":""}]
[{"$f":"IF(I75<>\"\",1+MAX($A$6:A74),\"\")","v":""},{"$nulls":3},"RAILINGS"]
[{"$f":"IF(I76<>\"\",1+MAX($A$6:A75),\"\")","v":48},"S-2.2","S-2.2",null,"1 1/2\" Handrail @ 36\" Max Above Stair Nosing w/ Full Height Tempered Glass Guardrail",{"v":9.13,"d":"9"},{"v":0.1,"d":"10%"},{"$f":"F76*(1+G76)","v":{"v":10.043000000000001,"d":"10"}},"LF",{"v":121.6,"d":"$121.6"},{"$f":"J76*H76","v":{"v":1221.2288,"d":"$1,221.23"}},{"v":198.4,"d":"$198.40"},{"$f":"L76*H76","v":{"v":1992.5312000000004,"d":"$1,992.53"}},{"v":320,"d":"$320.0"},{"$f":"N76*H76","v":{"v":3213.76,"d":"$3,214"}}]
[{"$f":"IF(I77<>\"\",1+MAX($A$6:A76),\"\")","v":49},"S-2.2","S-2.2",null,"1 1/2\" Handrail @ 36\" Max Above Stair Nosing w/ 36\" Guard rail",{"v":7.27,"d":"7"},{"v":0.1,"d":"10%"},{"$f":"F77*(1+G77)","v":{"v":7.997,"d":"8"}},"LF",{"v":121.6,"d":"$121.6"},{"$f":"J77*H77","v":{"v":972.4351999999999,"d":"$972.44"}},{"v":198.4,"d":"$198.40"},{"$f":"L77*H77","v":{"v":1586.6048,"d":"$1,586.60"}},{"v":320,"d":"$320.0"},{"$f":"N77*H77","v":{"v":2559.04,"d":"$2,559"}}]
[{"$f":"IF(I78<>\"\",1+MAX($A$6:A77),\"\")","v":""}]
[{"$f":"IF(I79<>\"\",1+MAX($A$6:A78),\"\")","v":""},{"$nulls":3},"WOODEN POST & BRACING"]
[{"$f":"IF(I80<>\"\",1+MAX($A$6:A79),\"\")","v":""}]
[{"$f":"IF(I81<>\"\",1+MAX($A$6:A80),\"\")","v":50},"S-2.2","S-2.2",null,"4\"X8\" Blocking @ 10' O.C.",{"$f":"2674.18/10","v":{"v":267.418,"d":"267"}},{"v":0.1,"d":"10%"},{"$f":"F81*(1+G81)","v":{"v":294.1598,"d":"294"}},"LF",{"v":7.261,"d":"$7.26"},{"$f":"J81*H81","v":{"v":2135.8943078,"d":"$2,135.89"}},{"v":6.438999999999999,"d":"$6.44"},{"$f":"L81*H81","v":{"v":1894.0949521999999,"d":"$1,894.09"}},{"v":13.7,"d":"$13.7"},{"$f":"N81*H81","v":{"v":4029.98926,"d":"$4,030.0"}}]
[{"$f":"IF(I82<>\"\",1+MAX($A$6:A81),\"\")","v":""}]
[{"$f":"IF(I83<>\"\",1+MAX($A$6:A82),\"\")","v":""},{"$nulls":3},"LEVEL-2 / LOWER ROOF FRAMING"]
[{"$f":"IF(I84<>\"\",1+MAX($A$6:A83),\"\")","v":""}]
[{"$f":"IF(I85<>\"\",1+MAX($A$6:A84),\"\")","v":""},{"$nulls":3},"FLOOR SHEATHING"]
[{"$f":"IF(I86<>\"\",1+MAX($A$6:A85),\"\")","v":51},"S-2.3","S-2.3",null,"3/4\" Thick Tongue & Groove Plywood Sheathing (4'X8') Ea.",{"$f":"1361.48/32","v":{"v":42.54625,"d":"43"}},{"v":0,"d":"0%"},{"$f":"F86*(1+G86)","v":{"v":42.54625,"d":"43"}},"EA",{"v":90,"d":"$90.0"},{"$f":"J86*H86","v":{"v":3829.1625,"d":"$3,829.16"}},{"v":53,"d":"$53.00"},{"$f":"L86*H86","v":{"v":2254.95125,"d":"$2,254.95"}},{"v":143,"d":"$143.0"},{"$f":"N86*H86","v":{"v":6084.11375,"d":"$6,084"}}]
[{"$f":"IF(I87<>\"\",1+MAX($A$6:A86),\"\")","v":""}]
[{"$f":"IF(I88<>\"\",1+MAX($A$6:A87),\"\")","v":""},{"$nulls":3},"ROOF SHEATHING"]
[{"$f":"IF(I89<>\"\",1+MAX($A$6:A88),\"\")","v":52},"S-2.3","S-2.3",null,"5/8\" Thick Plywood Sheathing (4'X8') Ea.",{"$f":"2769.67/32","v":{"v":86.5521875,"d":"87"}},{"v":0,"d":"0%"},{"$f":"F89*(1+G89)","v":{"v":86.5521875,"d":"87"}},"EA",{"v":90,"d":"$90.0"},{"$f":"J89*H89","v":{"v":7789.696875000001,"d":"$7,789.70"}},{"v":30,"d":"$30.00"},{"$f":"L89*H89","v":{"v":2596.565625,"d":"$2,596.57"}},{"v":120,"d":"$120.0"},{"$f":"N89*H89","v":{"v":10386.2625,"d":"$10,386"}}]
[{"$f":"IF(I90<>\"\",1+MAX($A$6:A89),\"\")","v":""}]
[{"$f":"IF(I91<>\"\",1+MAX($A$6:A90),\"\")","v":""},{"$nulls":3},"WOODEN BEAMS & HEADER"]
[{"$f":"IF(I92<>\"\",1+MAX($A$6:A91),\"\")","v":53},"S-2.3","S-2.3",null,"(6\"x6\") Wooden Header - 3'",3,{"v":0,"d":"0%"},{"$f":"F92*(1+G92)","v":3},"EA",{"v":34.875,"d":"$34.9"},{"$f":"J92*H92","v":{"v":104.625,"d":"$104.63"}},{"v":21.375,"d":"$21.38"},{"$f":"L92*H92","v":{"v":64.125,"d":"$64.13"}},{"v":56.25,"d":"$56.3"},{"$f":"N92*H92","v":{"v":168.75,"d":"$169"}}]
[{"$f":"IF(I93<>\"\",1+MAX($A$6:A92),\"\")","v":54},"S-2.3","S-2.3",null,"(6\"x8\") Wooden Header - 3'",2,{"v":0,"d":"0%"},{"$f":"F93*(1+G93)","v":2},"EA",{"v":37.2,"d":"$37.2"},{"v":74.4,"d":"$74.40"},{"v":22.8,"d":"$22.80"},{"v":45.6,"d":"$45.60"},{"v":60,"d":"$60.0"},{"$f":"N93*H93","v":{"v":120,"d":"$120"}}]
[{"$f":"IF(I94<>\"\",1+MAX($A$6:A93),\"\")","v":55},"S-2.3","S-2.3",null,"(6\"x6\") Wooden Header - 4'",4,{"v":0,"d":"0%"},4,"EA",{"v":46.5,"d":"$46.5"},{"$f":"J94*H94","v":{"v":186,"d":"$186.00"}},{"v":28.5,"d":"$28.50"},{"$f":"L94*H94","v":{"v":114,"d":"$114.00"}},{"v":75,"d":"$75.0"},{"v":300,"d":"$300"}]
[{"$f":"IF(I95<>\"\",1+MAX($A$6:A94),\"\")","v":56},"S-2.3","S-2.3",null,"(6\"x8\") Wooden Header - 7'",1,{"v":0,"d":"0%"},1,"EA",{"v":86.8,"d":"$86.8"},{"v":86.8,"d":"$86.80"},{"v":53.2,"d":"$53.20"},{"v":53.2,"d":"$53.20"},{"v":140,"d":"$140.0"},{"v":140,"d":"$140"}]
[{"$f":"IF(I96<>\"\",1+MAX($A$6:A95),\"\")","v":57},"S-2.3","S-2.3",null,"(4\"x12\") Wooden Beam - 18'",1,{"v":0,"d":"0%"},1,"EA",{"v":216,"d":"$216.0"},{"v":216,"d":"$216.00"},{"v":193.5,"d":"$193.50"},{"v":193.5,"d":"$193.50"},{"v":409.5,"d":"$409.5"},{"v":409.5,"d":"$410"}]
[{"$f":"IF(I97<>\"\",1+MAX($A$6:A96),\"\")","v":58},"S-2.3","S-2.3",null,"(4\"x8\") Wooden Header - 14'",1,{"v":0,"d":"0%"},1,"EA",{"v":101.654,"d":"$101.65"},{"v":101.654,"d":"$101.65"},{"v":90.14599999999999,"d":"$90.15"},{"v":90.14599999999999,"d":"$90.15"},{"v":191.79999999999998,"d":"$191.8"},{"v":191.79999999999998,"d":"$192"}]
[{"$f":"IF(I98<>\"\",1+MAX($A$6:A97),\"\")","v":59},"S-2.3","S-2.3",null,"(4\"x8\") Wooden Beam - 17'",1,{"v":0,"d":"0%"},1,"EA",{"v":123.437,"d":"$123.44"},{"v":123.437,"d":"$123.44"},{"v":109.46299999999998,"d":"$109.46"},{"v":109.46299999999998,"d":"$109.46"},{"v":232.89999999999998,"d":"$232.9"},{"v":232.89999999999998,"d":"$233"}]
[{"$f":"IF(I99<>\"\",1+MAX($A$6:A98),\"\")","v":60},"S-2.3","S-2.3",null,"(4\"x12\") Wooden Beam - 16'",1,{"v":0,"d":"0%"},1,"EA",{"v":189.28,"d":"$189.3"},{"v":189.28,"d":"$189.28"},{"v":174.72,"d":"$174.72"},{"v":174.72,"d":"$174.72"},{"v":364,"d":"$364.0"},{"v":364,"d":"$364"}]
[{"$f":"IF(I100<>\"\",1+MAX($A$6:A99),\"\")","v":61},"S-2.3","S-2.3",null,"(4\"x8\") Wooden Beam - 14'",1,{"v":0,"d":"0%"},1,"EA",{"v":101.654,"d":"$101.65"},{"v":101.654,"d":"$101.65"},{"v":90.14599999999999,"d":"$90.15"},{"v":90.14599999999999,"d":"$90.15"},{"v":191.79999999999998,"d":"$191.8"},{"v":191.79999999999998,"d":"$192"}]
[{"$f":"IF(I101<>\"\",1+MAX($A$6:A100),\"\")","v":62},"S-2.3","S-2.3",null,"(4\"x8\") Wooden Beam - 6'",2,{"v":0,"d":"0%"},2,"EA",{"v":43.565999999999995,"d":"$43.57"},{"v":87.13199999999999,"d":"$87.13"},{"v":38.63399999999999,"d":"$38.63"},{"v":77.26799999999999,"d":"$77.27"},{"v":82.19999999999999,"d":"$82.2"},{"v":164.39999999999998,"d":"$164"}]
[{"$f":"IF(I102<>\"\",1+MAX($A$6:A101),\"\")","v":63},"S-2.3","S-2.3",null,"(4\"x8\") Wooden Beam - 5'",1,{"v":0,"d":"0%"},1,"EA",{"v":36.305,"d":"$36.31"},{"v":36.305,"d":"$36.31"},{"v":32.195,"d":"$32.20"},{"v":32.195,"d":"$32.20"},{"v":68.5,"d":"$68.5"},{"v":68.5,"d":"$69"}]
[{"$f":"IF(I103<>\"\",1+MAX($A$6:A102),\"\")","v":64},"S-2.3","S-2.3",null,"(4\"x12\") Wooden Beam - 6'",1,{"v":0,"d":"0%"},1,"EA",{"v":70.98,"d":"$71.0"},{"$f":"J103*H103","v":{"v":70.98,"d":"$70.98"}},{"v":65.52,"d":"$65.52"},{"v":65.52,"d":"$65.52"},{"v":136.5,"d":"$136.5"},{"v":136.5,"d":"$137"}]
[{"$f":"IF(I104<>\"\",1+MAX($A$6:A103),\"\")","v":65},"S-2.3","S-2.3",null,"3-1/2\"X9-1/2\" LVL - 8'",1,{"v":0,"d":"0%"},1,"EA",{"v":29.68,"d":"$29.7"},{"v":29.68,"d":"$29.68"},{"v":26.32,"d":"$26.32"},{"v":26.32,"d":"$26.32"},{"v":56,"d":"$56.0"},{"v":56,"d":"$56"}]
[{"$f":"IF(I105<>\"\",1+MAX($A$6:A104),\"\")","v":66},"S-2.3","S-2.3",null,"3-1/2\"X7-1/4\" LVL - 15'",1,{"v":0,"d":"0%"},1,"EA",{"v":47.7,"d":"$47.7"},{"$f":"J105*H105","v":{"v":47.7,"d":"$47.70"}},{"v":42.3,"d":"$42.30"},{"$f":"L105*H105","v":{"v":42.3,"d":"$42.30"}},{"v":90,"d":"$90.0"},{"v":90,"d":"$90"}]
[{"$f":"IF(I106<>\"\",1+MAX($A$6:A105),\"\")","v":67},"S-2.3","S-2.3",null,"5-1/4\"X14\" LVL - 17'",1,{"v":0,"d":"0%"},1,"EA",{"v":314.925,"d":"$314.9"},{"v":314.925,"d":"$314.93"},{"v":513.825,"d":"$513.83"},{"v":513.825,"d":"$513.83"},{"v":828.75,"d":"$828.8"},{"v":828.75,"d":"$829"}]
[{"$f":"IF(I107<>\"\",1+MAX($A$6:A106),\"\")","v":68},"S-2.3","S-2.3",null,"5-1/4\"X14\" LVL - 5'",1,{"v":0,"d":"0%"},1,"EA",{"v":92.625,"d":"$92.6"},{"v":92.625,"d":"$92.63"},{"v":151.125,"d":"$151.13"},{"v":151.125,"d":"$151.13"},{"v":243.75,"d":"$243.8"},{"v":243.75,"d":"$244"}]
[{"$f":"IF(I108<>\"\",1+MAX($A$6:A107),\"\")","v":69},"S-2.3","S-2.3",null,"5-1/4\"X14\" PSL - 12'",2,{"v":0,"d":"0%"},2,"EA",{"v":228,"d":"$228.0"},{"v":456,"d":"$456.00"},{"v":372,"d":"$372.00"},{"v":744,"d":"$744.00"},{"v":600,"d":"$600.0"},{"v":1200,"d":"$1,200"}]
[{"$f":"IF(I109<>\"\",1+MAX($A$6:A108),\"\")","v":70},"S-2.3","S-2.3",null,"5-1/4\"X14\" LVL - 8'",1,{"v":0,"d":"0%"},1,"EA",{"v":148.2,"d":"$148.2"},{"v":148.2,"d":"$148.20"},{"v":241.8,"d":"$241.80"},{"v":241.8,"d":"$241.80"},{"v":390,"d":"$390.0"},{"v":390,"d":"$390"}]
[{"$f":"IF(I110<>\"\",1+MAX($A$6:A109),\"\")","v":71},"S-2.3","S-2.3",null,"3-1/2\"X14\" LVL - 11'",1,{"v":0,"d":"0%"},1,"EA",{"v":52.470000000000006,"d":"$52.5"},{"v":52.470000000000006,"d":"$52.47"},{"v":46.529999999999994,"d":"$46.53"},{"v":46.529999999999994,"d":"$46.53"},{"v":99,"d":"$99.0"},{"v":99,"d":"$99"}]
[{"$f":"IF(I111<>\"\",1+MAX($A$6:A110),\"\")","v":72},"S-2.3","S-2.3",null,"3-1/2\"X14\" LVL - 14'",1,{"v":0,"d":"0%"},1,"EA",{"v":66.78,"d":"$66.8"},{"v":66.78,"d":"$66.78"},{"v":59.22,"d":"$59.22"},{"v":59.22,"d":"$59.22"},{"v":126,"d":"$126.0"},{"v":126,"d":"$126"}]
[{"$f":"IF(I112<>\"\",1+MAX($A$6:A111),\"\")","v":73},"S-2.3","S-2.3",null,"5-1/4\"X9-1/2\" LVL - 13'",1,{"v":0,"d":"0%"},1,"EA",{"v":197.6,"d":"$197.6"},{"$f":"J112*H112","v":{"v":197.6,"d":"$197.60"}},{"v":322.4,"d":"$322.40"},{"$f":"L112*H112","v":{"v":322.4,"d":"$322.40"}},{"v":520,"d":"$520.0"},{"v":520,"d":"$520"}]
[{"$f":"IF(I113<>\"\",1+MAX($A$6:A112),\"\")","v":74},"S-2.3","S-2.3",null,"3-1/2\"X16\" LVL - 20'",1,{"v":0,"d":"0%"},1,"EA",{"v":116.60000000000001,"d":"$116.6"},{"v":116.60000000000001,"d":"$116.60"},{"v":103.39999999999999,"d":"$103.40"},{"v":103.39999999999999,"d":"$103.40"},{"v":220,"d":"$220.0"},{"v":220,"d":"$220"}]
[{"$f":"IF(I114<>\"\",1+MAX($A$6:A113),\"\")","v":75},"S-2.3","S-2.3",null,"5-1/4\"X7-1/4\" LVL - 19'",1,{"v":0,"d":"0%"},1,"EA",{"v":259.92,"d":"$259.9"},{"$f":"J114*H114","v":{"v":259.92,"d":"$259.92"}},{"v":424.08,"d":"$424.08"},{"$f":"L114*H114","v":{"v":424.08,"d":"$424.08"}},{"v":684,"d":"$684.0"},{"v":684,"d":"$684"}]
[{"$f":"IF(I115<>\"\",1+MAX($A$6:A114),\"\")","v":76},"S-2.3","S-2.3",null,"3-1/2\"X7-1/4\" LVL - 16'",2,{"v":0,"d":"0%"},2,"EA",{"v":50.88,"d":"$50.9"},{"v":101.76,"d":"$101.76"},{"v":45.12,"d":"$45.12"},{"v":90.24,"d":"$90.24"},{"v":96,"d":"$96.0"},{"v":192,"d":"$192"}]
[{"$f":"IF(I116<>\"\",1+MAX($A$6:A115),\"\")","v":77},"S-2.3","S-2.3",null,"3-1/2\"X7-1/4\" LVL - 15'",4,{"v":0,"d":"0%"},4,"EA",{"v":47.7,"d":"$47.7"},{"v":190.8,"d":"$190.80"},{"v":42.3,"d":"$42.30"},{"v":169.2,"d":"$169.20"},{"v":90,"d":"$90.0"},{"v":360,"d":"$360"}]
[{"$f":"IF(I117<>\"\",1+MAX($A$6:A116),\"\")","v":78},"S-2.3","S-2.3",null,"3-1/2\"X7-1/4\" LVL - 11'",2,{"v":0,"d":"0%"},2,"EA",{"v":34.980000000000004,"d":"$35.0"},{"v":69.96000000000001,"d":"$69.96"},{"v":31.02,"d":"$31.02"},{"v":62.04,"d":"$62.04"},{"v":66,"d":"$66.0"},{"v":132,"d":"$132"}]
[{"$f":"IF(I118<>\"\",1+MAX($A$6:A117),\"\")","v":79},"S-2.3","S-2.3",null,"5-1/4\"X9-1/2\" LVL - 15'",1,{"v":0,"d":"0%"},{"$f":"F118*(1+G118)","v":1},"EA",{"v":228,"d":"$228.0"},{"v":228,"d":"$228.00"},{"v":372,"d":"$372.00"},{"v":372,"d":"$372.00"},{"v":600,"d":"$600.0"},{"$f":"N118*H118","v":{"v":600,"d":"$600"}}]
[{"$f":"IF(I119<>\"\",1+MAX($A$6:A118),\"\")","v":80},"S-2.3","S-2.3",null,"3-1/2\"X11-7/8\" LVL - 9'",1,{"v":0,"d":"0%"},1,"EA",{"v":38.160000000000004,"d":"$38.2"},{"$f":"J119*H119","v":{"v":38.160000000000004,"d":"$38.16"}},{"v":33.839999999999996,"d":"$33.84"},{"$f":"L119*H119","v":{"v":33.839999999999996,"d":"$33.84"}},{"v":72,"d":"$72.0"},{"v":72,"d":"$72"}]
[{"$f":"IF(I120<>\"\",1+MAX($A$6:A119),\"\")","v":81},"S-2.3","S-2.3",null,"3-1/2\"X11-7/8\" LVL - 7'",1,{"v":0,"d":"0%"},1,"EA",{"v":29.68,"d":"$29.7"},{"v":29.68,"d":"$29.68"},{"v":26.32,"d":"$26.32"},{"v":26.32,"d":"$26.32"},{"v":56,"d":"$56.0"},{"v":56,"d":"$56"}]
[{"$f":"IF(I121<>\"\",1+MAX($A$6:A120),\"\")","v":82},"S-2.3","S-2.3",null,"3-1/2\"X7-1/4\" LVL - 10'",1,{"v":0,"d":"0%"},1,"EA",{"v":31.8,"d":"$31.8"},{"v":31.8,"d":"$31.80"},{"v":28.2,"d":"$28.20"},{"v":28.2,"d":"$28.20"},{"v":60,"d":"$60.0"},{"v":60,"d":"$60"}]
[{"$f":"IF(I122<>\"\",1+MAX($A$6:A121),\"\")","v":83},"S-2.3","S-2.3",null,"3-1/2\"X14\" LVL - 10'",1,{"v":0,"d":"0%"},1,"EA",{"v":47.7,"d":"$47.7"},{"v":47.7,"d":"$47.70"},{"v":42.3,"d":"$42.30"},{"v":42.3,"d":"$42.30"},{"v":90,"d":"$90.0"},{"v":90,"d":"$90"}]
[{"$f":"IF(I123<>\"\",1+MAX($A$6:A122),\"\")","v":84},"S-2.3","S-2.3",null,"3-1/2\"X14\" LVL - 8'",1,{"v":0,"d":"0%"},1,"EA",{"v":38.160000000000004,"d":"$38.2"},{"v":38.160000000000004,"d":"$38.16"},{"v":33.839999999999996,"d":"$33.84"},{"v":33.839999999999996,"d":"$33.84"},{"v":72,"d":"$72.0"},{"v":72,"d":"$72"}]
[{"$f":"IF(I124<>\"\",1+MAX($A$6:A123),\"\")","v":85},"S-2.3","S-2.3",null,"3-1/2\"X14\" LVL - 11'",1,{"v":0,"d":"0%"},1,"EA",{"v":52.470000000000006,"d":"$52.5"},{"v":52.470000000000006,"d":"$52.47"},{"v":46.529999999999994,"d":"$46.53"},{"v":46.529999999999994,"d":"$46.53"},{"v":99,"d":"$99.0"},{"v":99,"d":"$99"}]
[{"$f":"IF(I125<>\"\",1+MAX($A$6:A124),\"\")","v":86},"S-2.3","S-2.3",null,"3-1/2\"X11-7/8\" LVL - 19'",1,{"v":0,"d":"0%"},1,"EA",{"v":80.56,"d":"$80.6"},{"v":80.56,"d":"$80.56"},{"v":71.44,"d":"$71.44"},{"v":71.44,"d":"$71.44"},{"v":152,"d":"$152.0"},{"v":152,"d":"$152"}]
[{"$f":"IF(I126<>\"\",1+MAX($A$6:A125),\"\")","v":87},"S-2.3","S-2.3",null,"5-1/4\"X14\" LVL - 14'",1,{"v":0,"d":"0%"},1,"EA",{"v":259.35,"d":"$259.4"},{"v":259.35,"d":"$259.35"},{"v":423.15,"d":"$423.15"},{"v":423.15,"d":"$423.15"},{"v":682.5,"d":"$682.5"},{"v":682.5,"d":"$683"}]
[{"$f":"IF(I127<>\"\",1+MAX($A$6:A126),\"\")","v":88},"S-2.3","S-2.3",null,"3-1/2\"X14\" LVL - 4'",2,{"v":0,"d":"0%"},2,"EA",{"v":19.080000000000002,"d":"$19.1"},{"v":38.160000000000004,"d":"$38.16"},{"v":16.919999999999998,"d":"$16.92"},{"v":33.839999999999996,"d":"$33.84"},{"v":36,"d":"$36.0"},{"v":72,"d":"$72"}]
[{"$f":"IF(I128<>\"\",1+MAX($A$6:A127),\"\")","v":89},"S-2.3","S-2.3",null,"3-1/2\"X14\" LVL - 13'",1,{"v":0,"d":"0%"},1,"EA",{"v":62.010000000000005,"d":"$62.0"},{"v":62.010000000000005,"d":"$62.01"},{"v":54.989999999999995,"d":"$54.99"},{"v":54.989999999999995,"d":"$54.99"},{"v":117,"d":"$117.0"},{"v":117,"d":"$117"}]
[{"$f":"IF(I129<>\"\",1+MAX($A$6:A128),\"\")","v":90},"S-2.3","S-2.3",null,"3-1/2\"X14\" LVL - 5'",1,{"v":0,"d":"0%"},1,"EA",{"v":23.85,"d":"$23.9"},{"v":23.85,"d":"$23.85"},{"v":21.15,"d":"$21.15"},{"v":21.15,"d":"$21.15"},{"v":45,"d":"$45.0"},{"v":45,"d":"$45"}]
[{"$f":"IF(I130<>\"\",1+MAX($A$6:A129),\"\")","v":91},"S-2.3","S-2.3",null,"3-1/2\"X14\" LVL - 8'",1,{"v":0,"d":"0%"},1,"EA",{"v":38.160000000000004,"d":"$38.2"},{"v":38.160000000000004,"d":"$38.16"},{"v":33.839999999999996,"d":"$33.84"},{"v":33.839999999999996,"d":"$33.84"},{"v":72,"d":"$72.0"},{"v":72,"d":"$72"}]
[{"$f":"IF(I131<>\"\",1+MAX($A$6:A130),\"\")","v":92},"S-2.3","S-2.3",null,"5-1/4\"X24\" PSL - 7'",1,{"v":0,"d":"0%"},1,"EA",{"v":140.315,"d":"$140.3"},{"$f":"J131*H131","v":{"v":140.315,"d":"$140.32"}},{"v":228.935,"d":"$228.94"},{"$f":"L131*H131","v":{"v":228.935,"d":"$228.94"}},{"v":369.25,"d":"$369.3"},{"v":369.25,"d":"$369"}]
[{"$f":"IF(I132<>\"\",1+MAX($A$6:A131),\"\")","v":93},"S-2.3","S-2.3",null,"3-1/2\"X14\" LVL - 4'",1,{"v":0,"d":"0%"},1,"EA",{"v":19.080000000000002,"d":"$19.1"},{"v":19.080000000000002,"d":"$19.08"},{"v":16.919999999999998,"d":"$16.92"},{"v":16.919999999999998,"d":"$16.92"},{"v":36,"d":"$36.0"},{"v":36,"d":"$36"}]
[{"$f":"IF(I133<>\"\",1+MAX($A$6:A132),\"\")","v":94},"S-2.3","S-2.3",null,"3-1/2\"X14\" LVL - 7'",1,{"v":0,"d":"0%"},1,"EA",{"v":33.39,"d":"$33.4"},{"v":33.39,"d":"$33.39"},{"v":29.61,"d":"$29.61"},{"v":29.61,"d":"$29.61"},{"v":63,"d":"$63.0"},{"v":63,"d":"$63"}]
[{"$f":"IF(I134<>\"\",1+MAX($A$6:A133),\"\")","v":95},"S-2.3","S-2.3",null,"3-1/2\"X11-7/8\" LVL - 13'",1,{"v":0,"d":"0%"},1,"EA",{"v":55.120000000000005,"d":"$55.1"},{"v":55.120000000000005,"d":"$55.12"},{"v":48.879999999999995,"d":"$48.88"},{"v":48.879999999999995,"d":"$48.88"},{"v":104,"d":"$104.0"},{"v":104,"d":"$104"}]
[{"$f":"IF(I135<>\"\",1+MAX($A$6:A134),\"\")","v":96},"S-2.3","S-2.3",null,"3-1/2\"X11-7/8\" LVL - 10'",1,{"v":0,"d":"0%"},{"$f":"F135*(1+G135)","v":1},"EA",{"v":42.400000000000006,"d":"$42.4"},{"v":42.400000000000006,"d":"$42.40"},{"v":37.599999999999994,"d":"$37.60"},{"$f":"L135*H135","v":{"v":37.599999999999994,"d":"$37.60"}},{"v":80,"d":"$80.0"},{"$f":"N135*H135","v":{"v":80,"d":"$80"}}]
[{"$f":"IF(I136<>\"\",1+MAX($A$6:A135),\"\")","v":97},"S-2.3","S-2.3",null,"5-1/4\"X11-7/8\" LVL Ridge - 13'",1,{"v":0,"d":"0%"},1,"EA",{"v":212.42000000000002,"d":"$212.4"},{"v":212.42000000000002,"d":"$212.42"},{"v":346.58,"d":"$346.58"},{"v":346.58,"d":"$346.58"},{"v":559,"d":"$559.0"},{"v":559,"d":"$559"}]
[{"$f":"IF(I137<>\"\",1+MAX($A$6:A136),\"\")","v":98},"S-2.3","S-2.3",null,"5-1/4\"X11-7/8\" LVL Ridge - 17'",1,{"v":0,"d":"0%"},1,"EA",{"v":277.78000000000003,"d":"$277.8"},{"$f":"J137*H137","v":{"v":277.78000000000003,"d":"$277.78"}},{"v":453.21999999999997,"d":"$453.22"},{"$f":"L137*H137","v":{"v":453.21999999999997,"d":"$453.22"}},{"v":731,"d":"$731.0"},{"v":731,"d":"$731"}]
[{"$f":"IF(I138<>\"\",1+MAX($A$6:A137),\"\")","v":99},"S-2.3","S-2.3",null,"5-1/4\"X7-1/4\" Struct Fascia - 10'",1,{"v":0,"d":"0%"},1,"EA",{"v":136.8,"d":"$136.8"},{"v":136.8,"d":"$136.80"},{"v":223.2,"d":"$223.20"},{"v":223.2,"d":"$223.20"},{"v":360,"d":"$360.0"},{"v":360,"d":"$360"}]
[{"$f":"IF(I139<>\"\",1+MAX($A$6:A138),\"\")","v":100},"S-2.3","S-2.3",null,"(4\"X8\") Struct Fascia - 14'",1,{"v":0,"d":"0%"},1,"EA",{"v":101.654,"d":"$101.65"},{"$f":"J139*H139","v":{"v":101.654,"d":"$101.65"}},{"v":90.14599999999999,"d":"$90.15"},{"v":90.14599999999999,"d":"$90.15"},{"v":191.79999999999998,"d":"$191.8"},{"v":191.79999999999998,"d":"$192"}]
[{"$f":"IF(I140<>\"\",1+MAX($A$6:A139),\"\")","v":101},"S-2.3","S-2.3",null,"1-3/4\"X7-1/4\" LVL Struct Fascia - 11'",1,{"v":0,"d":"0%"},1,"EA",{"v":89.32,"d":"$89.3"},{"v":89.32,"d":"$89.32"},{"v":64.67999999999999,"d":"$64.68"},{"v":64.67999999999999,"d":"$64.68"},{"v":154,"d":"$154.0"},{"v":154,"d":"$154"}]
[{"$f":"IF(I141<>\"\",1+MAX($A$6:A140),\"\")","v":102},"S-2.3","S-2.3",null,"1-3/4\"X7-1/4\" LVL Struct Fascia - 9'",1,{"v":0,"d":"0%"},{"$f":"F141*(1+G141)","v":1},"EA",{"v":73.08,"d":"$73.1"},{"$f":"J141*H141","v":{"v":73.08,"d":"$73.08"}},{"v":52.919999999999995,"d":"$52.92"},{"$f":"L141*H141","v":{"v":52.919999999999995,"d":"$52.92"}},{"v":126,"d":"$126.0"},{"$f":"N141*H141","v":{"v":126,"d":"$126"}}]
[{"$f":"IF(I142<>\"\",1+MAX($A$6:A141),\"\")","v":""}]
[{"$f":"IF(I143<>\"\",1+MAX($A$6:A142),\"\")","v":""},{"$nulls":3},"FLOOR JOIST"]
[{"$f":"IF(I144<>\"\",1+MAX($A$6:A143),\"\")","v":103},"S-2.3","S-2.3",null,"14\" TJI 110 Floor Joist @ 16\" O.C. @ 8.28'",15,{"v":0,"d":"0%"},{"$f":"F144*(1+G144)","v":15},"EA",{"v":124.86239999999998,"d":"$124.9"},{"$f":"J144*H144","v":{"v":1872.9359999999997,"d":"$1,872.94"}},{"v":90.41759999999998,"d":"$90.42"},{"$f":"L144*H144","v":{"v":1356.2639999999997,"d":"$1,356.26"}},{"v":215.27999999999997,"d":"$215.3"},{"$f":"N144*H144","v":{"v":3229.2,"d":"$3,229"}}]
[{"$f":"IF(I145<>\"\",1+MAX($A$6:A144),\"\")","v":104},"S-2.3","S-2.3",null,"14\" TJI 110 Floor Joist @ 16\" O.C. @ 7.52'",22,{"v":0,"d":"0%"},22,"EA",{"v":113.40159999999999,"d":"$113.4"},{"v":2494.8351999999995,"d":"$2,494.84"},{"v":82.1184,"d":"$82.12"},{"v":1806.6047999999998,"d":"$1,806.60"},{"v":195.51999999999998,"d":"$195.5"},{"v":4301.44,"d":"$4,301"}]
[{"$f":"IF(I146<>\"\",1+MAX($A$6:A145),\"\")","v":105},"S-2.3","S-2.3",null,"14\" TJI 110 Floor Joist @ 16\" O.C. @ 33.68'",8,{"v":0,"d":"0%"},{"$f":"F146*(1+G146)","v":8},"EA",{"v":507.89439999999996,"d":"$507.9"},{"v":4063.1551999999997,"d":"$4,063.16"},{"v":367.7856,"d":"$367.79"},{"v":2942.2848,"d":"$2,942.28"},{"v":875.68,"d":"$875.7"},{"$f":"N146*H146","v":{"v":7005.44,"d":"$7,005"}}]
[{"$f":"IF(I147<>\"\",1+MAX($A$6:A146),\"\")","v":106},"S-2.3","S-2.3",null,"14\" TJI 110 Floor Joist @ 16\" O.C. @ 26.72'",8,{"v":0,"d":"0%"},8,"EA",{"v":402.9376,"d":"$402.9"},{"v":3223.5008,"d":"$3,223.50"},{"v":291.7824,"d":"$291.78"},{"v":2334.2592,"d":"$2,334.26"},{"v":694.72,"d":"$694.7"},{"v":5557.76,"d":"$5,558"}]
[{"$f":"IF(I148<>\"\",1+MAX($A$6:A147),\"\")","v":107},"S-2.3","S-2.3",null,"14\" TJI 110 Floor Joist @ 16\" O.C. @ 33.66'",1,{"v":0,"d":"0%"},1,"EA",{"v":507.5927999999999,"d":"$507.6"},{"v":507.5927999999999,"d":"$507.59"},{"v":367.5671999999999,"d":"$367.57"},{"v":367.5671999999999,"d":"$367.57"},{"v":875.1599999999999,"d":"$875.2"},{"v":875.1599999999999,"d":"$875"}]
[{"$f":"IF(I149<>\"\",1+MAX($A$6:A148),\"\")","v":108},"S-2.3","S-2.3",null,"14\" TJI 110 Floor Joist @ 16\" O.C. @ 29.71'",4,{"v":0,"d":"0%"},4,"EA",{"v":448.0268,"d":"$448.0"},{"v":1792.1072,"d":"$1,792.11"},{"v":324.4332,"d":"$324.43"},{"v":1297.7328,"d":"$1,297.73"},{"v":772.46,"d":"$772.5"},{"v":3089.84,"d":"$3,090"}]
[{"$f":"IF(I150<>\"\",1+MAX($A$6:A149),\"\")","v":109},"S-2.3","S-2.3",null,"14\" TJI 110 Floor Joist @ 16\" O.C. @ 7.59'",7,{"v":0,"d":"0%"},7,"EA",{"v":114.4572,"d":"$114.5"},{"v":801.2004,"d":"$801.20"},{"v":82.8828,"d":"$82.88"},{"v":580.1796,"d":"$580.18"},{"v":197.34,"d":"$197.3"},{"v":1381.38,"d":"$1,381"}]
[{"$f":"IF(I151<>\"\",1+MAX($A$6:A150),\"\")","v":""}]
[{"$f":"IF(I152<>\"\",1+MAX($A$6:A151),\"\")","v":110},"S-2.3","S-2.3",null,"11-7/8\" TJI 210 Floor Joist @ 16\" O.C. @ 8.34'",1,{"v":0,"d":"0%"},1,"EA",{"v":106.41839999999999,"d":"$106.4"},{"$f":"J152*H152","v":{"v":106.41839999999999,"d":"$106.42"}},{"v":77.0616,"d":"$77.06"},{"$f":"L152*H152","v":{"v":77.0616,"d":"$77.06"}},{"v":183.48,"d":"$183.5"},{"v":183.48,"d":"$183"}]
[{"$f":"IF(I153<>\"\",1+MAX($A$6:A152),\"\")","v":111},"S-2.3","S-2.3",null,"11-7/8\" TJI 210 Floor Joist @ 16\" O.C. @ 8.38'",1,{"v":0,"d":"0%"},1,"EA",{"v":106.9288,"d":"$106.9"},{"$f":"J153*H153","v":{"v":106.9288,"d":"$106.93"}},{"v":77.4312,"d":"$77.43"},{"$f":"L153*H153","v":{"v":77.4312,"d":"$77.43"}},{"v":184.36,"d":"$184.4"},{"v":184.36,"d":"$184"}]
[{"$f":"IF(I154<>\"\",1+MAX($A$6:A153),\"\")","v":112},"S-2.3","S-2.3",null,"11-7/8\" TJI 210 Floor Joist @ 16\" O.C. @ 8.42'",1,{"v":0,"d":"0%"},1,"EA",{"v":107.4392,"d":"$107.4"},{"v":107.4392,"d":"$107.44"},{"v":77.8008,"d":"$77.80"},{"v":77.8008,"d":"$77.80"},{"v":185.24,"d":"$185.2"},{"v":185.24,"d":"$185"}]
[{"$f":"IF(I155<>\"\",1+MAX($A$6:A154),\"\")","v":113},"S-2.3","S-2.3",null,"11-7/8\" TJI 210 Floor Joist @ 16\" O.C. @ 8.31'",1,{"v":0,"d":"0%"},1,"EA",{"v":106.0356,"d":"$106.0"},{"v":106.0356,"d":"$106.04"},{"v":76.7844,"d":"$76.78"},{"v":76.7844,"d":"$76.78"},{"v":182.82000000000002,"d":"$182.8"},{"v":182.82000000000002,"d":"$183"}]
[{"$f":"IF(I156<>\"\",1+MAX($A$6:A155),\"\")","v":""}]
[{"$f":"IF(I157<>\"\",1+MAX($A$6:A156),\"\")","v":114},"S-2.3","S-2.3",null,"3-1/2 Floor Joist LVL w/ BN @ 11'",4,{"v":0,"d":"0%"},4,"EA",{"v":78.42999999999999,"d":"$78.4"},{"$f":"J157*H157","v":{"v":313.71999999999997,"d":"$313.72"}},{"v":48.07,"d":"$48.07"},{"$f":"L157*H157","v":{"v":192.28,"d":"$192.28"}},{"v":126.5,"d":"$126.5"},{"v":506,"d":"$506"}]
[{"$f":"IF(I158<>\"\",1+MAX($A$6:A157),\"\")","v":""}]
[{"$f":"IF(I159<>\"\",1+MAX($A$6:A158),\"\")","v":""},{"$nulls":3},"ROOF JOIST"]
[{"$f":"IF(I160<>\"\",1+MAX($A$6:A159),\"\")","v":115},"S-2.3","S-2.3",null,"1-3/4\"X7-1/4 LVL Roof Joist @ 12\" O.C. @ 6.09'",3,{"v":0,"d":"0%"},{"$f":"F160*(1+G160)","v":3},"EA",{"v":49.450799999999994,"d":"$49.5"},{"$f":"J160*H160","v":{"v":148.3524,"d":"$148.35"}},{"v":35.8092,"d":"$35.81"},{"$f":"L160*H160","v":{"v":107.42759999999998,"d":"$107.43"}},{"v":85.25999999999999,"d":"$85.3"},{"$f":"N160*H160","v":{"v":255.77999999999997,"d":"$256"}}]
[{"$f":"IF(I161<>\"\",1+MAX($A$6:A160),\"\")","v":116},"S-2.3","S-2.3",null,"1-3/4\"X7-1/4 LVL Roof Joist @ 12\" O.C. @ 7.49'",3,{"v":0,"d":"0%"},3,"EA",{"v":60.818799999999996,"d":"$60.8"},{"v":182.45639999999997,"d":"$182.46"},{"v":44.041199999999996,"d":"$44.04"},{"v":132.12359999999998,"d":"$132.12"},{"v":104.86,"d":"$104.9"},{"v":314.58,"d":"$315"}]
[{"$f":"IF(I162<>\"\",1+MAX($A$6:A161),\"\")","v":117},"S-2.3","S-2.3",null,"1-3/4\"X7-1/4 LVL Roof Joist @ 12\" O.C. @ 11.18'",7,{"v":0,"d":"0%"},7,"EA",{"v":90.78159999999998,"d":"$90.8"},{"v":635.4711999999998,"d":"$635.47"},{"v":65.73839999999998,"d":"$65.74"},{"v":460.1687999999999,"d":"$460.17"},{"v":156.51999999999998,"d":"$156.5"},{"v":1095.6399999999999,"d":"$1,096"}]
[{"$f":"IF(I163<>\"\",1+MAX($A$6:A162),\"\")","v":118},"S-2.3","S-2.3",null,"1-3/4\"X7-1/4 LVL Roof Joist @ 12\" O.C. @ 1.91'",7,{"v":0,"d":"0%"},7,"EA",{"v":15.509199999999998,"d":"$15.5"},{"v":108.56439999999999,"d":"$108.56"},{"v":11.230799999999999,"d":"$11.23"},{"v":78.61559999999999,"d":"$78.62"},{"v":26.74,"d":"$26.7"},{"v":187.17999999999998,"d":"$187"}]
[{"$f":"IF(I164<>\"\",1+MAX($A$6:A163),\"\")","v":119},"S-2.3","S-2.3",null,"1-3/4\"X7-1/4 LVL Roof Joist @ 12\" O.C. @ 13.38'",1,{"v":0,"d":"0%"},1,"EA",{"v":108.6456,"d":"$108.6"},{"v":108.6456,"d":"$108.65"},{"v":78.6744,"d":"$78.67"},{"v":78.6744,"d":"$78.67"},{"v":187.32000000000002,"d":"$187.3"},{"v":187.32000000000002,"d":"$187"}]
[{"$f":"IF(I165<>\"\",1+MAX($A$6:A164),\"\")","v":120},"S-2.3","S-2.3",null,"1-3/4\"X7-1/4 LVL Roof Joist @ 12\" O.C. @ 1.03'",9,{"v":0,"d":"0%"},9,"EA",{"v":8.3636,"d":"$8.4"},{"v":75.2724,"d":"$75.27"},{"v":6.0564,"d":"$6.06"},{"v":54.5076,"d":"$54.51"},{"v":14.42,"d":"$14.4"},{"v":129.78,"d":"$130"}]
[{"$f":"IF(I166<>\"\",1+MAX($A$6:A165),\"\")","v":121},"S-2.3","S-2.3",null,"1-3/4\"X7-1/4 LVL Roof Joist @ 12\" O.C. @ 13.37'",5,{"v":0,"d":"0%"},5,"EA",{"v":108.56439999999998,"d":"$108.6"},{"v":542.8219999999999,"d":"$542.82"},{"v":78.61559999999999,"d":"$78.62"},{"v":393.0779999999999,"d":"$393.08"},{"v":187.17999999999998,"d":"$187.2"},{"v":935.8999999999999,"d":"$936"}]
[{"$f":"IF(I167<>\"\",1+MAX($A$6:A166),\"\")","v":122},"S-2.3","S-2.3",null,"1-3/4\"X7-1/4 LVL Roof Joist @ 12\" O.C. @ 1.83'",3,{"v":0,"d":"0%"},3,"EA",{"v":14.8596,"d":"$14.9"},{"v":44.5788,"d":"$44.58"},{"v":10.7604,"d":"$10.76"},{"v":32.2812,"d":"$32.28"},{"v":25.62,"d":"$25.6"},{"v":76.86,"d":"$77"}]
[{"$f":"IF(I168<>\"\",1+MAX($A$6:A167),\"\")","v":123},"S-2.3","S-2.3",null,"1-3/4\"X7-1/4 LVL Roof Joist @ 12\" O.C. @ 8.24'",2,{"v":0,"d":"0%"},2,"EA",{"v":66.9088,"d":"$66.9"},{"v":133.8176,"d":"$133.82"},{"v":48.4512,"d":"$48.45"},{"v":96.9024,"d":"$96.90"},{"v":115.36,"d":"$115.4"},{"v":230.72,"d":"$231"}]
[{"$f":"IF(I169<>\"\",1+MAX($A$6:A168),\"\")","v":124},"S-2.3","S-2.3",null,"1-3/4\"X7-1/4 LVL Roof Joist @ 12\" O.C. @ 8.23'",1,{"v":0,"d":"0%"},{"$f":"F169*(1+G169)","v":1},"EA",{"v":66.82759999999999,"d":"$66.8"},{"v":66.82759999999999,"d":"$66.83"},{"v":48.392399999999995,"d":"$48.39"},{"v":48.392399999999995,"d":"$48.39"},{"v":115.22,"d":"$115.2"},{"$f":"N169*H169","v":{"v":115.22,"d":"$115"}}]
[{"$f":"IF(I170<>\"\",1+MAX($A$6:A169),\"\")","v":125},"S-2.3","S-2.3",null,"1-3/4\"X7-1/4 LVL Roof Joist @ 12\" O.C. @ 22.98'",7,{"v":0,"d":"0%"},7,"EA",{"v":186.5976,"d":"$186.6"},{"v":1306.1832,"d":"$1,306.18"},{"v":135.1224,"d":"$135.12"},{"v":945.8568,"d":"$945.86"},{"v":321.72,"d":"$321.7"},{"v":2252.04,"d":"$2,252"}]
[{"$f":"IF(I171<>\"\",1+MAX($A$6:A170),\"\")","v":126},"S-2.3","S-2.3",null,"1-3/4\"X7-1/4 LVL Roof Joist @ 12\" O.C. @ 22.22'",1,{"v":0,"d":"0%"},1,"EA",{"v":180.42639999999997,"d":"$180.4"},{"v":180.42639999999997,"d":"$180.43"},{"v":130.65359999999998,"d":"$130.65"},{"v":130.65359999999998,"d":"$130.65"},{"v":311.08,"d":"$311.1"},{"v":311.08,"d":"$311"}]
[{"$f":"IF(I172<>\"\",1+MAX($A$6:A171),\"\")","v":127},"S-2.3","S-2.3",null,"1-3/4\"X7-1/4 LVL Roof Joist @ 12\" O.C. @ 22.24'",1,{"v":0,"d":"0%"},1,"EA",{"v":180.58879999999996,"d":"$180.6"},{"v":180.58879999999996,"d":"$180.59"},{"v":130.77119999999996,"d":"$130.77"},{"v":130.77119999999996,"d":"$130.77"},{"v":311.35999999999996,"d":"$311.4"},{"v":311.35999999999996,"d":"$311"}]
[{"$f":"IF(I173<>\"\",1+MAX($A$6:A172),\"\")","v":128},"S-2.3","S-2.3",null,"1-3/4\"X7-1/4 LVL Roof Joist @ 12\" O.C. @ 22.26'",1,{"v":0,"d":"0%"},1,"EA",{"v":180.7512,"d":"$180.8"},{"v":180.7512,"d":"$180.75"},{"v":130.8888,"d":"$130.89"},{"v":130.8888,"d":"$130.89"},{"v":311.64000000000004,"d":"$311.6"},{"v":311.64000000000004,"d":"$312"}]
[{"$f":"IF(I174<>\"\",1+MAX($A$6:A173),\"\")","v":129},"S-2.3","S-2.3",null,"1-3/4\"X7-1/4 LVL Roof Joist @ 12\" O.C. @ 22.28'",1,{"v":0,"d":"0%"},1,"EA",{"v":180.9136,"d":"$180.9"},{"v":180.9136,"d":"$180.91"},{"v":131.0064,"d":"$131.01"},{"v":131.0064,"d":"$131.01"},{"v":311.92,"d":"$311.9"},{"v":311.92,"d":"$312"}]
[{"$f":"IF(I175<>\"\",1+MAX($A$6:A174),\"\")","v":130},"S-2.3","S-2.3",null,"1-3/4\"X7-1/4 LVL Roof Joist @ 12\" O.C. @ 22.3'",1,{"v":0,"d":"0%"},1,"EA",{"v":181.076,"d":"$181.1"},{"v":181.076,"d":"$181.08"},{"v":131.124,"d":"$131.12"},{"v":131.124,"d":"$131.12"},{"v":312.2,"d":"$312.2"},{"v":312.2,"d":"$312"}]
[{"$f":"IF(I176<>\"\",1+MAX($A$6:A175),\"\")","v":131},"S-2.3","S-2.3",null,"1-3/4\"X7-1/4 LVL Roof Joist @ 12\" O.C. @ 16.69'",1,{"v":0,"d":"0%"},1,"EA",{"v":135.52280000000002,"d":"$135.5"},{"v":135.52280000000002,"d":"$135.52"},{"v":98.1372,"d":"$98.14"},{"v":98.1372,"d":"$98.14"},{"v":233.66000000000003,"d":"$233.7"},{"v":233.66000000000003,"d":"$234"}]
[{"$f":"IF(I177<>\"\",1+MAX($A$6:A176),\"\")","v":132},"S-2.3","S-2.3",null,"1-3/4\"X7-1/4 LVL Roof Joist @ 12\" O.C. @ 16.68'",1,{"v":0,"d":"0%"},{"$f":"F177*(1+G177)","v":1},"EA",{"v":135.4416,"d":"$135.4"},{"v":135.4416,"d":"$135.44"},{"v":98.07839999999999,"d":"$98.08"},{"v":98.07839999999999,"d":"$98.08"},{"v":233.51999999999998,"d":"$233.5"},{"$f":"N177*H177","v":{"v":233.51999999999998,"d":"$234"}}]
[{"$f":"IF(I178<>\"\",1+MAX($A$6:A177),\"\")","v":133},"S-2.3","S-2.3",null,"1-3/4\"X7-1/4 LVL Roof Joist @ 12\" O.C. @ 16.67'",1,{"v":0,"d":"0%"},1,"EA",{"v":135.3604,"d":"$135.4"},{"v":135.3604,"d":"$135.36"},{"v":98.01960000000001,"d":"$98.02"},{"v":98.01960000000001,"d":"$98.02"},{"v":233.38000000000002,"d":"$233.4"},{"v":233.38000000000002,"d":"$233"}]
[{"$f":"IF(I179<>\"\",1+MAX($A$6:A178),\"\")","v":134},"S-2.3","S-2.3",null,"1-3/4\"X7-1/4 LVL Roof Joist @ 12\" O.C. @ 16.66'",1,{"v":0,"d":"0%"},1,"EA",{"v":135.2792,"d":"$135.3"},{"v":135.2792,"d":"$135.28"},{"v":97.9608,"d":"$97.96"},{"v":97.9608,"d":"$97.96"},{"v":233.24,"d":"$233.2"},{"v":233.24,"d":"$233"}]
[{"$f":"IF(I180<>\"\",1+MAX($A$6:A179),\"\")","v":135},"S-2.3","S-2.3",null,"1-3/4\"X7-1/4 LVL Roof Joist @ 12\" O.C. @ 16.65'",1,{"v":0,"d":"0%"},1,"EA",{"v":135.19799999999998,"d":"$135.2"},{"v":135.19799999999998,"d":"$135.20"},{"v":97.90199999999999,"d":"$97.90"},{"v":97.90199999999999,"d":"$97.90"},{"v":233.09999999999997,"d":"$233.1"},{"v":233.09999999999997,"d":"$233"}]
[{"$f":"IF(I181<>\"\",1+MAX($A$6:A180),\"\")","v":136},"S-2.3","S-2.3",null,"1-3/4\"X7-1/4 LVL Roof Joist @ 12\" O.C. @ 16.64'",1,{"v":0,"d":"0%"},1,"EA",{"v":135.11679999999998,"d":"$135.1"},{"v":135.11679999999998,"d":"$135.12"},{"v":97.8432,"d":"$97.84"},{"v":97.8432,"d":"$97.84"},{"v":232.96,"d":"$233.0"},{"v":232.96,"d":"$233"}]
[{"$f":"IF(I182<>\"\",1+MAX($A$6:A181),\"\")","v":137},"S-2.3","S-2.3",null,"1-3/4\"X7-1/4 LVL Roof Joist @ 12\" O.C. @ 16.62'",1,{"v":0,"d":"0%"},1,"EA",{"v":134.9544,"d":"$135.0"},{"v":134.9544,"d":"$134.95"},{"v":97.7256,"d":"$97.73"},{"v":97.7256,"d":"$97.73"},{"v":232.68,"d":"$232.7"},{"v":232.68,"d":"$233"}]
[{"$f":"IF(I183<>\"\",1+MAX($A$6:A182),\"\")","v":138},"S-2.3","S-2.3",null,"1-3/4\"X7-1/4 LVL Roof Joist @ 12\" O.C. @ 16.61'",4,{"v":0,"d":"0%"},4,"EA",{"v":134.8732,"d":"$134.9"},{"v":539.4928,"d":"$539.49"},{"v":97.6668,"d":"$97.67"},{"v":390.6672,"d":"$390.67"},{"v":232.54,"d":"$232.5"},{"v":930.16,"d":"$930"}]
[{"$f":"IF(I184<>\"\",1+MAX($A$6:A183),\"\")","v":139},"S-2.3","S-2.3",null,"1-3/4\"X7-1/4 LVL Roof Joist @ 12\" O.C. @ 1.32'",8,{"v":0,"d":"0%"},8,"EA",{"v":10.718399999999999,"d":"$10.7"},{"v":85.74719999999999,"d":"$85.75"},{"v":7.7616,"d":"$7.76"},{"v":62.0928,"d":"$62.09"},{"v":18.48,"d":"$18.5"},{"v":147.84,"d":"$148"}]
[{"$f":"IF(I185<>\"\",1+MAX($A$6:A184),\"\")","v":140},"S-2.3","S-2.3",null,"1-3/4\"X7-1/4 LVL Roof Joist @ 12\" O.C. @ 16.59'",2,{"v":0,"d":"0%"},2,"EA",{"v":134.71079999999998,"d":"$134.7"},{"v":269.42159999999996,"d":"$269.42"},{"v":97.5492,"d":"$97.55"},{"v":195.0984,"d":"$195.10"},{"v":232.26,"d":"$232.3"},{"v":464.52,"d":"$465"}]
[{"$f":"IF(I186<>\"\",1+MAX($A$6:A185),\"\")","v":141},"S-2.3","S-2.3",null,"1-3/4\"X7-1/4 LVL Roof Joist @ 12\" O.C. @ 16.6'",5,{"v":0,"d":"0%"},5,"EA",{"v":134.792,"d":"$134.8"},{"v":673.96,"d":"$673.96"},{"v":97.608,"d":"$97.61"},{"v":488.04,"d":"$488.04"},{"v":232.40000000000003,"d":"$232.4"},{"v":1162.0000000000002,"d":"$1,162"}]
[{"$f":"IF(I187<>\"\",1+MAX($A$6:A186),\"\")","v":""}]
[{"$f":"IF(I188<>\"\",1+MAX($A$6:A187),\"\")","v":142},"S-2.3","S-2.3",null,"11-7/8\" TJI 210 Roof Joist @ 16\" O.C. @ 4.87'",5,{"v":0,"d":"0%"},5,"EA",{"v":62.1412,"d":"$62.1"},{"$f":"J188*H188","v":{"v":310.706,"d":"$310.71"}},{"v":44.998799999999996,"d":"$45.00"},{"$f":"L188*H188","v":{"v":224.99399999999997,"d":"$224.99"}},{"v":107.14,"d":"$107.1"},{"v":535.7,"d":"$536"}]
[{"$f":"IF(I189<>\"\",1+MAX($A$6:A188),\"\")","v":143},"S-2.3","S-2.3",null,"11-7/8\" TJI 210 Roof Joist @ 16\" O.C. @ 4.88'",2,{"v":0,"d":"0%"},2,"EA",{"v":62.2688,"d":"$62.3"},{"v":124.5376,"d":"$124.54"},{"v":45.0912,"d":"$45.09"},{"v":90.1824,"d":"$90.18"},{"v":107.36,"d":"$107.4"},{"v":214.72,"d":"$215"}]
[{"$f":"IF(I190<>\"\",1+MAX($A$6:A189),\"\")","v":144},"S-2.3","S-2.3",null,"11-7/8\" TJI 210 Roof Joist @ 16\" O.C. @ 4.86'",1,{"v":0,"d":"0%"},1,"EA",{"v":62.0136,"d":"$62.0"},{"v":62.0136,"d":"$62.01"},{"v":44.9064,"d":"$44.91"},{"v":44.9064,"d":"$44.91"},{"v":106.92,"d":"$106.9"},{"v":106.92,"d":"$107"}]
[{"$f":"IF(I191<>\"\",1+MAX($A$6:A190),\"\")","v":145},"S-2.3","S-2.3",null,"11-7/8\" TJI 210 Roof Joist @ 16\" O.C. @ 5.4'",1,{"v":0,"d":"0%"},{"$f":"F191*(1+G191)","v":1},"EA",{"v":68.904,"d":"$68.9"},{"v":68.904,"d":"$68.90"},{"v":49.896,"d":"$49.90"},{"v":49.896,"d":"$49.90"},{"v":118.80000000000001,"d":"$118.8"},{"$f":"N191*H191","v":{"v":118.80000000000001,"d":"$119"}}]
[{"$f":"IF(I192<>\"\",1+MAX($A$6:A191),\"\")","v":146},"S-2.3","S-2.3",null,"11-7/8\" TJI 210 Roof Joist @ 16\" O.C. @ 3.55'",1,{"v":0,"d":"0%"},1,"EA",{"v":45.297999999999995,"d":"$45.3"},{"v":45.297999999999995,"d":"$45.30"},{"v":32.802,"d":"$32.80"},{"v":32.802,"d":"$32.80"},{"v":78.1,"d":"$78.1"},{"v":78.1,"d":"$78"}]
[{"$f":"IF(I193<>\"\",1+MAX($A$6:A192),\"\")","v":147},"S-2.3","S-2.3",null,"11-7/8\" TJI 210 Roof Joist @ 16\" O.C. @ 3.53'",1,{"v":0,"d":"0%"},1,"EA",{"v":45.04279999999999,"d":"$45.0"},{"v":45.04279999999999,"d":"$45.04"},{"v":32.6172,"d":"$32.62"},{"v":32.6172,"d":"$32.62"},{"v":77.66,"d":"$77.7"},{"v":77.66,"d":"$78"}]
[{"$f":"IF(I194<>\"\",1+MAX($A$6:A193),\"\")","v":148},"S-2.3","S-2.3",null,"11-7/8\" TJI 210 Roof Joist @ 16\" O.C. @ 3.52'",1,{"v":0,"d":"0%"},1,"EA",{"v":44.9152,"d":"$44.9"},{"v":44.9152,"d":"$44.92"},{"v":32.5248,"d":"$32.52"},{"v":32.5248,"d":"$32.52"},{"v":77.44,"d":"$77.4"},{"v":77.44,"d":"$77"}]
[{"$f":"IF(I195<>\"\",1+MAX($A$6:A194),\"\")","v":149},"S-2.3","S-2.3",null,"11-7/8\" TJI 210 Roof Joist @ 16\" O.C. @ 3.51'",1,{"v":0,"d":"0%"},1,"EA",{"v":44.7876,"d":"$44.8"},{"v":44.7876,"d":"$44.79"},{"v":32.4324,"d":"$32.43"},{"v":32.4324,"d":"$32.43"},{"v":77.22,"d":"$77.2"},{"v":77.22,"d":"$77"}]
[{"$f":"IF(I196<>\"\",1+MAX($A$6:A195),\"\")","v":150},"S-2.3","S-2.3",null,"11-7/8\" TJI 210 Roof Joist @ 16\" O.C. @ 3.5'",1,{"v":0,"d":"0%"},1,"EA",{"v":44.66,"d":"$44.7"},{"v":44.66,"d":"$44.66"},{"v":32.339999999999996,"d":"$32.34"},{"v":32.339999999999996,"d":"$32.34"},{"v":77,"d":"$77.0"},{"v":77,"d":"$77"}]
[{"$f":"IF(I197<>\"\",1+MAX($A$6:A196),\"\")","v":151},"S-2.3","S-2.3",null,"11-7/8\" TJI 210 Roof Joist @ 16\" O.C. @ 3.49'",1,{"v":0,"d":"0%"},1,"EA",{"v":44.532399999999996,"d":"$44.5"},{"v":44.532399999999996,"d":"$44.53"},{"v":32.2476,"d":"$32.25"},{"v":32.2476,"d":"$32.25"},{"v":76.78,"d":"$76.8"},{"v":76.78,"d":"$77"}]
[{"$f":"IF(I198<>\"\",1+MAX($A$6:A197),\"\")","v":152},"S-2.3","S-2.3",null,"11-7/8\" TJI 210 Roof Joist @ 16\" O.C. @ 3.47'",1,{"v":0,"d":"0%"},1,"EA",{"v":44.2772,"d":"$44.3"},{"v":44.2772,"d":"$44.28"},{"v":32.0628,"d":"$32.06"},{"v":32.0628,"d":"$32.06"},{"v":76.34,"d":"$76.3"},{"v":76.34,"d":"$76"}]
[{"$f":"IF(I199<>\"\",1+MAX($A$6:A198),\"\")","v":153},"S-2.3","S-2.3",null,"11-7/8\" TJI 210 Roof Joist @ 16\" O.C. @ 3.46'",1,{"v":0,"d":"0%"},1,"EA",{"v":44.1496,"d":"$44.1"},{"v":44.1496,"d":"$44.15"},{"v":31.9704,"d":"$31.97"},{"v":31.9704,"d":"$31.97"},{"v":76.12,"d":"$76.1"},{"v":76.12,"d":"$76"}]
[{"$f":"IF(I200<>\"\",1+MAX($A$6:A199),\"\")","v":154},"S-2.3","S-2.3",null,"11-7/8\" TJI 210 Roof Joist @ 16\" O.C. @ 3.45'",1,{"v":0,"d":"0%"},1,"EA",{"v":44.022,"d":"$44.0"},{"v":44.022,"d":"$44.02"},{"v":31.878,"d":"$31.88"},{"v":31.878,"d":"$31.88"},{"v":75.9,"d":"$75.9"},{"v":75.9,"d":"$76"}]
[{"$f":"IF(I201<>\"\",1+MAX($A$6:A200),\"\")","v":155},"S-2.3","S-2.3",null,"11-7/8\" TJI 210 Roof Joist @ 16\" O.C. @ 3.44'",1,{"v":0,"d":"0%"},1,"EA",{"v":43.89439999999999,"d":"$43.9"},{"v":43.89439999999999,"d":"$43.89"},{"v":31.785599999999995,"d":"$31.79"},{"v":31.785599999999995,"d":"$31.79"},{"v":75.67999999999999,"d":"$75.7"},{"v":75.67999999999999,"d":"$76"}]
[{"$f":"IF(I202<>\"\",1+MAX($A$6:A201),\"\")","v":156},"S-2.3","S-2.3",null,"11-7/8\" TJI 210 Roof Joist @ 16\" O.C. @ 3.42'",1,{"v":0,"d":"0%"},1,"EA",{"v":43.639199999999995,"d":"$43.6"},{"v":43.639199999999995,"d":"$43.64"},{"v":31.600799999999996,"d":"$31.60"},{"v":31.600799999999996,"d":"$31.60"},{"v":75.24,"d":"$75.2"},{"v":75.24,"d":"$75"}]
[{"$f":"IF(I203<>\"\",1+MAX($A$6:A202),\"\")","v":157},"S-2.3","S-2.3",null,"11-7/8\" TJI 210 Roof Joist @ 16\" O.C. @ 3.41'",1,{"v":0,"d":"0%"},1,"EA",{"v":43.5116,"d":"$43.5"},{"v":43.5116,"d":"$43.51"},{"v":31.5084,"d":"$31.51"},{"v":31.5084,"d":"$31.51"},{"v":75.02000000000001,"d":"$75.0"},{"v":75.02000000000001,"d":"$75"}]
[{"$f":"IF(I204<>\"\",1+MAX($A$6:A203),\"\")","v":158},"S-2.3","S-2.3",null,"11-7/8\" TJI 210 Roof Joist @ 16\" O.C. @ 3.56'",1,{"v":0,"d":"0%"},1,"EA",{"v":45.4256,"d":"$45.4"},{"v":45.4256,"d":"$45.43"},{"v":32.894400000000005,"d":"$32.89"},{"v":32.894400000000005,"d":"$32.89"},{"v":78.32000000000001,"d":"$78.3"},{"v":78.32000000000001,"d":"$78"}]
[{"$f":"IF(I205<>\"\",1+MAX($A$6:A204),\"\")","v":159},"S-2.3","S-2.3",null,"11-7/8\" TJI 210 Roof Joist @ 16\" O.C. @ 3.57'",1,{"v":0,"d":"0%"},1,"EA",{"v":45.55319999999999,"d":"$45.6"},{"v":45.55319999999999,"d":"$45.55"},{"v":32.986799999999995,"d":"$32.99"},{"v":32.986799999999995,"d":"$32.99"},{"v":78.53999999999999,"d":"$78.5"},{"v":78.53999999999999,"d":"$79"}]
[{"$f":"IF(I206<>\"\",1+MAX($A$6:A205),\"\")","v":160},"S-2.3","S-2.3",null,"11-7/8\" TJI 210 Roof Joist @ 16\" O.C. @ 3.58'",1,{"v":0,"d":"0%"},1,"EA",{"v":45.6808,"d":"$45.7"},{"v":45.6808,"d":"$45.68"},{"v":33.0792,"d":"$33.08"},{"v":33.0792,"d":"$33.08"},{"v":78.76,"d":"$78.8"},{"v":78.76,"d":"$79"}]
[{"$f":"IF(I207<>\"\",1+MAX($A$6:A206),\"\")","v":161},"S-2.3","S-2.3",null,"11-7/8\" TJI 210 Roof Joist @ 16\" O.C. @ 3.6'",1,{"v":0,"d":"0%"},1,"EA",{"v":45.936,"d":"$45.9"},{"v":45.936,"d":"$45.94"},{"v":33.264,"d":"$33.26"},{"v":33.264,"d":"$33.26"},{"v":79.2,"d":"$79.2"},{"v":79.2,"d":"$79"}]
[{"$f":"IF(I208<>\"\",1+MAX($A$6:A207),\"\")","v":162},"S-2.3","S-2.3",null,"11-7/8\" TJI 210 Roof Joist @ 16\" O.C. @ 3.61'",1,{"v":0,"d":"0%"},1,"EA",{"v":46.0636,"d":"$46.1"},{"v":46.0636,"d":"$46.06"},{"v":33.3564,"d":"$33.36"},{"v":33.3564,"d":"$33.36"},{"v":79.42,"d":"$79.4"},{"v":79.42,"d":"$79"}]
[{"$f":"IF(I209<>\"\",1+MAX($A$6:A208),\"\")","v":163},"S-2.3","S-2.3",null,"11-7/8\" TJI 210 Roof Joist @ 16\" O.C. @ 3.62'",1,{"v":0,"d":"0%"},1,"EA",{"v":46.191199999999995,"d":"$46.2"},{"v":46.191199999999995,"d":"$46.19"},{"v":33.4488,"d":"$33.45"},{"v":33.4488,"d":"$33.45"},{"v":79.64,"d":"$79.6"},{"v":79.64,"d":"$80"}]
[{"$f":"IF(I210<>\"\",1+MAX($A$6:A209),\"\")","v":164},"S-2.3","S-2.3",null,"11-7/8\" TJI 210 Roof Joist @ 16\" O.C. @ 3.63'",1,{"v":0,"d":"0%"},1,"EA",{"v":46.318799999999996,"d":"$46.3"},{"v":46.318799999999996,"d":"$46.32"},{"v":33.541199999999996,"d":"$33.54"},{"v":33.541199999999996,"d":"$33.54"},{"v":79.86,"d":"$79.9"},{"v":79.86,"d":"$80"}]
[{"$f":"IF(I211<>\"\",1+MAX($A$6:A210),\"\")","v":165},"S-2.3","S-2.3",null,"11-7/8\" TJI 210 Roof Joist @ 16\" O.C. @ 3.64'",1,{"v":0,"d":"0%"},1,"EA",{"v":46.4464,"d":"$46.4"},{"v":46.4464,"d":"$46.45"},{"v":33.6336,"d":"$33.63"},{"v":33.6336,"d":"$33.63"},{"v":80.08,"d":"$80.1"},{"v":80.08,"d":"$80"}]
[{"$f":"IF(I212<>\"\",1+MAX($A$6:A211),\"\")","v":166},"S-2.3","S-2.3",null,"11-7/8\" TJI 210 Roof Joist @ 16\" O.C. @ 3.66'",1,{"v":0,"d":"0%"},1,"EA",{"v":46.701600000000006,"d":"$46.7"},{"v":46.701600000000006,"d":"$46.70"},{"v":33.818400000000004,"d":"$33.82"},{"v":33.818400000000004,"d":"$33.82"},{"v":80.52000000000001,"d":"$80.5"},{"v":80.52000000000001,"d":"$81"}]
[{"$f":"IF(I213<>\"\",1+MAX($A$6:A212),\"\")","v":167},"S-2.3","S-2.3",null,"11-7/8\" TJI 210 Roof Joist @ 16\" O.C. @ 3.67'",1,{"v":0,"d":"0%"},1,"EA",{"v":46.82919999999999,"d":"$46.8"},{"v":46.82919999999999,"d":"$46.83"},{"v":33.910799999999995,"d":"$33.91"},{"v":33.910799999999995,"d":"$33.91"},{"v":80.74,"d":"$80.7"},{"v":80.74,"d":"$81"}]
[{"$f":"IF(I214<>\"\",1+MAX($A$6:A213),\"\")","v":168},"S-2.3","S-2.3",null,"11-7/8\" TJI 210 Roof Joist @ 16\" O.C. @ 3.68'",1,{"v":0,"d":"0%"},1,"EA",{"v":46.9568,"d":"$47.0"},{"v":46.9568,"d":"$46.96"},{"v":34.0032,"d":"$34.00"},{"v":34.0032,"d":"$34.00"},{"v":80.96000000000001,"d":"$81.0"},{"v":80.96000000000001,"d":"$81"}]
[{"$f":"IF(I215<>\"\",1+MAX($A$6:A214),\"\")","v":169},"S-2.3","S-2.3",null,"11-7/8\" TJI 210 Roof Joist @ 16\" O.C. @ 3.69'",1,{"v":0,"d":"0%"},1,"EA",{"v":47.084399999999995,"d":"$47.1"},{"v":47.084399999999995,"d":"$47.08"},{"v":34.0956,"d":"$34.10"},{"v":34.0956,"d":"$34.10"},{"v":81.17999999999999,"d":"$81.2"},{"v":81.17999999999999,"d":"$81"}]
[{"$f":"IF(I216<>\"\",1+MAX($A$6:A215),\"\")","v":170},"S-2.3","S-2.3",null,"11-7/8\" TJI 210 Roof Joist @ 16\" O.C. @ 3.71'",1,{"v":0,"d":"0%"},1,"EA",{"v":47.3396,"d":"$47.3"},{"v":47.3396,"d":"$47.34"},{"v":34.2804,"d":"$34.28"},{"v":34.2804,"d":"$34.28"},{"v":81.62,"d":"$81.6"},{"v":81.62,"d":"$82"}]
[{"$f":"IF(I217<>\"\",1+MAX($A$6:A216),\"\")","v":171},"S-2.3","S-2.3",null,"11-7/8\" TJI 210 Roof Joist @ 16\" O.C. @ 13.34'",3,{"v":0,"d":"0%"},3,"EA",{"v":170.2184,"d":"$170.2"},{"v":510.65520000000004,"d":"$510.66"},{"v":123.2616,"d":"$123.26"},{"v":369.7848,"d":"$369.78"},{"v":293.48,"d":"$293.5"},{"v":880.44,"d":"$880"}]
[{"$f":"IF(I218<>\"\",1+MAX($A$6:A217),\"\")","v":172},"S-2.3","S-2.3",null,"11-7/8\" TJI 210 Roof Joist @ 16\" O.C. @ 13.35'",2,{"v":0,"d":"0%"},2,"EA",{"v":170.34599999999998,"d":"$170.3"},{"v":340.69199999999995,"d":"$340.69"},{"v":123.35399999999998,"d":"$123.35"},{"v":246.70799999999997,"d":"$246.71"},{"v":293.7,"d":"$293.7"},{"v":587.4,"d":"$587"}]
[{"$f":"IF(I219<>\"\",1+MAX($A$6:A218),\"\")","v":173},"S-2.3","S-2.3",null,"11-7/8\" TJI 210 Roof Joist @ 16\" O.C. @ 13.36'",2,{"v":0,"d":"0%"},2,"EA",{"v":170.47359999999998,"d":"$170.5"},{"v":340.94719999999995,"d":"$340.95"},{"v":123.44639999999998,"d":"$123.45"},{"v":246.89279999999997,"d":"$246.89"},{"v":293.91999999999996,"d":"$293.9"},{"v":587.8399999999999,"d":"$588"}]
[{"$f":"IF(I220<>\"\",1+MAX($A$6:A219),\"\")","v":174},"S-2.3","S-2.3",null,"11-7/8\" TJI 210 Roof Joist @ 16\" O.C. @ 13.37'",1,{"v":0,"d":"0%"},1,"EA",{"v":170.60119999999998,"d":"$170.6"},{"v":170.60119999999998,"d":"$170.60"},{"v":123.5388,"d":"$123.54"},{"v":123.5388,"d":"$123.54"},{"v":294.14,"d":"$294.1"},{"v":294.14,"d":"$294"}]
[{"$f":"IF(I221<>\"\",1+MAX($A$6:A220),\"\")","v":175},"S-2.3","S-2.3",null,"11-7/8\" TJI 210 Roof Joist @ 16\" O.C. @ 13.33'",2,{"v":0,"d":"0%"},2,"EA",{"v":170.09079999999997,"d":"$170.1"},{"v":340.18159999999995,"d":"$340.18"},{"v":123.16919999999999,"d":"$123.17"},{"v":246.33839999999998,"d":"$246.34"},{"v":293.26,"d":"$293.3"},{"v":586.52,"d":"$587"}]
[{"$f":"IF(I222<>\"\",1+MAX($A$6:A221),\"\")","v":176},"S-2.3","S-2.3",null,"11-7/8\" TJI 210 Roof Joist @ 16\" O.C. @ 13.32'",1,{"v":0,"d":"0%"},1,"EA",{"v":169.9632,"d":"$170.0"},{"v":169.9632,"d":"$169.96"},{"v":123.0768,"d":"$123.08"},{"v":123.0768,"d":"$123.08"},{"v":293.04,"d":"$293.0"},{"v":293.04,"d":"$293"}]
[{"$f":"IF(I223<>\"\",1+MAX($A$6:A222),\"\")","v":""}]
[{"$f":"IF(I224<>\"\",1+MAX($A$6:A223),\"\")","v":""},{"$nulls":3},"ROOF RAFTER"]
[{"$f":"IF(I225<>\"\",1+MAX($A$6:A224),\"\")","v":177},"S-2.3","S-2.3",null,"(2\"X8\") DF#2 Roof Rafters @ 16\" O.C. @ 20.61'",3,{"v":0,"d":"0%"},{"$f":"F225*(1+G225)","v":3},"EA",{"v":59.76899999999999,"d":"$59.8"},{"$f":"J225*H225","v":{"v":179.30699999999996,"d":"$179.31"}},{"v":43.281,"d":"$43.28"},{"$f":"L225*H225","v":{"v":129.843,"d":"$129.84"}},{"v":103.05,"d":"$103.1"},{"$f":"N225*H225","v":{"v":309.15,"d":"$309"}}]
[{"$f":"IF(I226<>\"\",1+MAX($A$6:A225),\"\")","v":178},"S-2.3","S-2.3",null,"(2\"X8\") DF#2 Roof Rafters @ 16\" O.C. @ 16.74'",1,{"v":0,"d":"0%"},{"$f":"F226*(1+G226)","v":1},"EA",{"v":48.54599999999999,"d":"$48.5"},{"$f":"J226*H226","v":{"v":48.54599999999999,"d":"$48.55"}},{"v":35.153999999999996,"d":"$35.15"},{"$f":"L226*H226","v":{"v":35.153999999999996,"d":"$35.15"}},{"v":83.69999999999999,"d":"$83.7"},{"$f":"N226*H226","v":{"v":83.69999999999999,"d":"$84"}}]
[{"$f":"IF(I227<>\"\",1+MAX($A$6:A226),\"\")","v":179},"S-2.3","S-2.3",null,"(2\"X8\") DF#2 Roof Rafters @ 16\" O.C. @ 16.67'",1,{"v":0,"d":"0%"},1,"EA",{"v":48.343,"d":"$48.3"},{"v":48.343,"d":"$48.34"},{"v":35.007000000000005,"d":"$35.01"},{"v":35.007000000000005,"d":"$35.01"},{"v":83.35000000000001,"d":"$83.4"},{"v":83.35000000000001,"d":"$83"}]
[{"$f":"IF(I228<>\"\",1+MAX($A$6:A227),\"\")","v":180},"S-2.3","S-2.3",null,"(2\"X8\") DF#2 Roof Rafters @ 16\" O.C. @ 16.61'",1,{"v":0,"d":"0%"},{"$f":"F228*(1+G228)","v":1},"EA",{"v":48.169,"d":"$48.2"},{"v":48.169,"d":"$48.17"},{"v":34.881,"d":"$34.88"},{"v":34.881,"d":"$34.88"},{"v":83.05,"d":"$83.1"},{"$f":"N228*H228","v":{"v":83.05,"d":"$83"}}]
[{"$f":"IF(I229<>\"\",1+MAX($A$6:A228),\"\")","v":181},"S-2.3","S-2.3",null,"(2\"X8\") DF#2 Roof Rafters @ 16\" O.C. @ 20.62'",2,{"v":0,"d":"0%"},2,"EA",{"v":59.798,"d":"$59.8"},{"v":119.596,"d":"$119.60"},{"v":43.302,"d":"$43.30"},{"v":86.604,"d":"$86.60"},{"v":103.10000000000001,"d":"$103.1"},{"v":206.20000000000002,"d":"$206"}]
[{"$f":"IF(I230<>\"\",1+MAX($A$6:A229),\"\")","v":182},"S-2.3","S-2.3",null,"(2\"X8\") DF#2 Roof Rafters @ 16\" O.C. @ 20.63'",1,{"v":0,"d":"0%"},1,"EA",{"v":59.82699999999999,"d":"$59.8"},{"v":59.82699999999999,"d":"$59.83"},{"v":43.32299999999999,"d":"$43.32"},{"v":43.32299999999999,"d":"$43.32"},{"v":103.14999999999999,"d":"$103.2"},{"v":103.14999999999999,"d":"$103"}]
[{"$f":"IF(I231<>\"\",1+MAX($A$6:A230),\"\")","v":183},"S-2.3","S-2.3",null,"(2\"X8\") DF#2 Roof Rafters @ 16\" O.C. @ 20.64'",2,{"v":0,"d":"0%"},2,"EA",{"v":59.855999999999995,"d":"$59.9"},{"v":119.71199999999999,"d":"$119.71"},{"v":43.344,"d":"$43.34"},{"v":86.688,"d":"$86.69"},{"v":103.2,"d":"$103.2"},{"v":206.4,"d":"$206"}]
[{"$f":"IF(I232<>\"\",1+MAX($A$6:A231),\"\")","v":184},"S-2.3","S-2.3",null,"(2\"X8\") DF#2 Roof Rafters @ 16\" O.C. @ 20.65'",1,{"v":0,"d":"0%"},1,"EA",{"v":59.885,"d":"$59.9"},{"v":59.885,"d":"$59.89"},{"v":43.364999999999995,"d":"$43.37"},{"v":43.364999999999995,"d":"$43.37"},{"v":103.25,"d":"$103.3"},{"v":103.25,"d":"$103"}]
[{"$f":"IF(I233<>\"\",1+MAX($A$6:A232),\"\")","v":185},"S-2.3","S-2.3",null,"(2\"X8\") DF#2 Roof Rafters @ 16\" O.C. @ 20.66'",2,{"v":0,"d":"0%"},2,"EA",{"v":59.913999999999994,"d":"$59.9"},{"v":119.82799999999999,"d":"$119.83"},{"v":43.385999999999996,"d":"$43.39"},{"v":86.77199999999999,"d":"$86.77"},{"v":103.3,"d":"$103.3"},{"v":206.6,"d":"$207"}]
[{"$f":"IF(I234<>\"\",1+MAX($A$6:A233),\"\")","v":""}]
[{"$f":"IF(I235<>\"\",1+MAX($A$6:A234),\"\")","v":186},"S-2.3","S-2.3",null,"(2\"X12\") DF#2 Roof Rafters @ 16\" O.C. @ 28.95'",5,{"v":0,"d":"0%"},5,"EA",{"v":120.89519999999999,"d":"$120.9"},{"$f":"J235*H235","v":{"v":604.4759999999999,"d":"$604.48"}},{"v":87.5448,"d":"$87.54"},{"$f":"L235*H235","v":{"v":437.724,"d":"$437.72"}},{"v":208.44,"d":"$208.4"},{"v":1042.2,"d":"$1,042"}]
[{"$f":"IF(I236<>\"\",1+MAX($A$6:A235),\"\")","v":187},"S-2.3","S-2.3",null,"(2\"X12\") DF#2 Roof Rafters @ 16\" O.C. @ 19.54'",5,{"v":0,"d":"0%"},5,"EA",{"v":81.59903999999999,"d":"$81.6"},{"$f":"J236*H236","v":{"v":407.99519999999995,"d":"$408.00"}},{"v":59.08895999999999,"d":"$59.09"},{"$f":"L236*H236","v":{"v":295.4448,"d":"$295.44"}},{"v":140.688,"d":"$140.7"},{"v":703.4399999999999,"d":"$703"}]
[{"$f":"IF(I237<>\"\",1+MAX($A$6:A236),\"\")","v":188},"S-2.3","S-2.3",null,"(2\"X12\") DF#2 Roof Rafters @ 16\" O.C. @ 6.99'",1,{"v":0,"d":"0%"},1,"EA",{"v":29.19024,"d":"$29.2"},{"v":29.19024,"d":"$29.19"},{"v":21.13776,"d":"$21.14"},{"v":21.13776,"d":"$21.14"},{"v":50.328,"d":"$50.3"},{"v":50.328,"d":"$50"}]
[{"$f":"IF(I238<>\"\",1+MAX($A$6:A237),\"\")","v":189},"S-2.3","S-2.3",null,"(2\"X12\") DF#2 Roof Rafters @ 16\" O.C. @ 7.83'",1,{"v":0,"d":"0%"},1,"EA",{"v":32.69808,"d":"$32.7"},{"v":32.69808,"d":"$32.70"},{"v":23.67792,"d":"$23.68"},{"v":23.67792,"d":"$23.68"},{"v":56.376000000000005,"d":"$56.4"},{"v":56.376000000000005,"d":"$56"}]
[{"$f":"IF(I239<>\"\",1+MAX($A$6:A238),\"\")","v":190},"S-2.3","S-2.3",null,"(2\"X12\") DF#2 Roof Rafters @ 16\" O.C. @ 8.67'",1,{"v":0,"d":"0%"},1,"EA",{"v":36.20592,"d":"$36.2"},{"v":36.20592,"d":"$36.21"},{"v":26.21808,"d":"$26.22"},{"v":26.21808,"d":"$26.22"},{"v":62.424,"d":"$62.4"},{"v":62.424,"d":"$62"}]
[{"$f":"IF(I240<>\"\",1+MAX($A$6:A239),\"\")","v":191},"S-2.3","S-2.3",null,"(2\"X12\") DF#2 Roof Rafters @ 16\" O.C. @ 6.14'",1,{"v":0,"d":"0%"},1,"EA",{"v":25.640639999999998,"d":"$25.6"},{"v":25.640639999999998,"d":"$25.64"},{"v":18.567359999999997,"d":"$18.57"},{"v":18.567359999999997,"d":"$18.57"},{"v":44.208,"d":"$44.2"},{"v":44.208,"d":"$44"}]
[{"$f":"IF(I241<>\"\",1+MAX($A$6:A240),\"\")","v":192},"S-2.3","S-2.3",null,"(2\"X12\") DF#2 Roof Rafters @ 16\" O.C. @ 5.3'",1,{"v":0,"d":"0%"},1,"EA",{"v":22.132799999999996,"d":"$22.1"},{"v":22.132799999999996,"d":"$22.13"},{"v":16.027199999999997,"d":"$16.03"},{"v":16.027199999999997,"d":"$16.03"},{"v":38.16,"d":"$38.2"},{"v":38.16,"d":"$38"}]
[{"$f":"IF(I242<>\"\",1+MAX($A$6:A241),\"\")","v":193},"S-2.3","S-2.3",null,"(2\"X12\") DF#2 Roof Rafters @ 16\" O.C. @ 4.46'",1,{"v":0,"d":"0%"},1,"EA",{"v":18.62496,"d":"$18.6"},{"v":18.62496,"d":"$18.62"},{"v":13.48704,"d":"$13.49"},{"v":13.48704,"d":"$13.49"},{"v":32.112,"d":"$32.1"},{"v":32.112,"d":"$32"}]
[{"$f":"IF(I243<>\"\",1+MAX($A$6:A242),\"\")","v":194},"S-2.3","S-2.3",null,"(2\"X12\") DF#2 Roof Rafters @ 16\" O.C. @ 3.62'",1,{"v":0,"d":"0%"},1,"EA",{"v":15.117119999999998,"d":"$15.1"},{"v":15.117119999999998,"d":"$15.12"},{"v":10.94688,"d":"$10.95"},{"v":10.94688,"d":"$10.95"},{"v":26.064,"d":"$26.1"},{"v":26.064,"d":"$26"}]
[{"$f":"IF(I244<>\"\",1+MAX($A$6:A243),\"\")","v":195},"S-2.3","S-2.3",null,"(2\"X12\") DF#2 Roof Rafters @ 16\" O.C. @ 2.77'",1,{"v":0,"d":"0%"},1,"EA",{"v":11.567519999999998,"d":"$11.6"},{"v":11.567519999999998,"d":"$11.57"},{"v":8.376479999999999,"d":"$8.38"},{"v":8.376479999999999,"d":"$8.38"},{"v":19.944,"d":"$19.9"},{"v":19.944,"d":"$20"}]
[{"$f":"IF(I245<>\"\",1+MAX($A$6:A244),\"\")","v":196},"S-2.3","S-2.3",null,"(2\"X12\") DF#2 Roof Rafters @ 16\" O.C. @ 22.89'",1,{"v":0,"d":"0%"},1,"EA",{"v":95.58864000000001,"d":"$95.6"},{"v":95.58864000000001,"d":"$95.59"},{"v":69.21936000000001,"d":"$69.22"},{"v":69.21936000000001,"d":"$69.22"},{"v":164.80800000000002,"d":"$164.8"},{"v":164.80800000000002,"d":"$165"}]
[{"$f":"IF(I246<>\"\",1+MAX($A$6:A245),\"\")","v":197},"S-2.3","S-2.3",null,"(2\"X12\") DF#2 Roof Rafters @ 16\" O.C. @ 22.85'",1,{"v":0,"d":"0%"},1,"EA",{"v":95.4216,"d":"$95.4"},{"v":95.4216,"d":"$95.42"},{"v":69.0984,"d":"$69.10"},{"v":69.0984,"d":"$69.10"},{"v":164.52,"d":"$164.5"},{"v":164.52,"d":"$165"}]
[{"$f":"IF(I247<>\"\",1+MAX($A$6:A246),\"\")","v":198},"S-2.3","S-2.3",null,"(2\"X12\") DF#2 Roof Rafters @ 16\" O.C. @ 22.81'",1,{"v":0,"d":"0%"},1,"EA",{"v":95.25456,"d":"$95.3"},{"v":95.25456,"d":"$95.25"},{"v":68.97744,"d":"$68.98"},{"v":68.97744,"d":"$68.98"},{"v":164.232,"d":"$164.2"},{"v":164.232,"d":"$164"}]
[{"$f":"IF(I248<>\"\",1+MAX($A$6:A247),\"\")","v":199},"S-2.3","S-2.3",null,"(2\"X12\") DF#2 Roof Rafters @ 16\" O.C. @ 22.78'",1,{"v":0,"d":"0%"},1,"EA",{"v":95.12928000000001,"d":"$95.1"},{"v":95.12928000000001,"d":"$95.13"},{"v":68.88672000000001,"d":"$68.89"},{"v":68.88672000000001,"d":"$68.89"},{"v":164.01600000000002,"d":"$164.0"},{"v":164.01600000000002,"d":"$164"}]
[{"$f":"IF(I249<>\"\",1+MAX($A$6:A248),\"\")","v":200},"S-2.3","S-2.3",null,"(2\"X12\") DF#2 Roof Rafters @ 16\" O.C. @ 22.74'",1,{"v":0,"d":"0%"},1,"EA",{"v":94.96223999999998,"d":"$95.0"},{"v":94.96223999999998,"d":"$94.96"},{"v":68.76575999999999,"d":"$68.77"},{"v":68.76575999999999,"d":"$68.77"},{"v":163.72799999999998,"d":"$163.7"},{"v":163.72799999999998,"d":"$164"}]
[{"$f":"IF(I250<>\"\",1+MAX($A$6:A249),\"\")","v":201},"S-2.3","S-2.3",null,"(2\"X12\") DF#2 Roof Rafters @ 16\" O.C. @ 22.7'",1,{"v":0,"d":"0%"},1,"EA",{"v":94.7952,"d":"$94.8"},{"v":94.7952,"d":"$94.80"},{"v":68.6448,"d":"$68.64"},{"v":68.6448,"d":"$68.64"},{"v":163.44,"d":"$163.4"},{"v":163.44,"d":"$163"}]
[{"$f":"IF(I251<>\"\",1+MAX($A$6:A250),\"\")","v":202},"S-2.3","S-2.3",null,"(2\"X12\") DF#2 Roof Rafters @ 16\" O.C. @ 22.93'",1,{"v":0,"d":"0%"},1,"EA",{"v":95.75568,"d":"$95.8"},{"v":95.75568,"d":"$95.76"},{"v":69.34032,"d":"$69.34"},{"v":69.34032,"d":"$69.34"},{"v":165.096,"d":"$165.1"},{"v":165.096,"d":"$165"}]
[{"$f":"IF(I252<>\"\",1+MAX($A$6:A251),\"\")","v":203},"S-2.3","S-2.3",null,"(2\"X12\") DF#2 Roof Rafters @ 16\" O.C. @ 22.97'",1,{"v":0,"d":"0%"},1,"EA",{"v":95.92271999999998,"d":"$95.9"},{"v":95.92271999999998,"d":"$95.92"},{"v":69.46127999999999,"d":"$69.46"},{"v":69.46127999999999,"d":"$69.46"},{"v":165.384,"d":"$165.4"},{"v":165.384,"d":"$165"}]
[{"$f":"IF(I253<>\"\",1+MAX($A$6:A252),\"\")","v":204},"S-2.3","S-2.3",null,"(2\"X12\") DF#2 Roof Rafters @ 16\" O.C. @ 23.01'",1,{"v":0,"d":"0%"},1,"EA",{"v":96.08976000000001,"d":"$96.1"},{"v":96.08976000000001,"d":"$96.09"},{"v":69.58224000000001,"d":"$69.58"},{"v":69.58224000000001,"d":"$69.58"},{"v":165.67200000000003,"d":"$165.7"},{"v":165.67200000000003,"d":"$166"}]
[{"$f":"IF(I254<>\"\",1+MAX($A$6:A253),\"\")","v":205},"S-2.3","S-2.3",null,"(2\"X12\") DF#2 Roof Rafters @ 16\" O.C. @ 26.06'",2,{"v":0,"d":"0%"},2,"EA",{"v":108.82656,"d":"$108.8"},{"v":217.65312,"d":"$217.65"},{"v":78.80544,"d":"$78.81"},{"v":157.61088,"d":"$157.61"},{"v":187.632,"d":"$187.6"},{"v":375.264,"d":"$375"}]
[{"$f":"IF(I255<>\"\",1+MAX($A$6:A254),\"\")","v":206},"S-2.3","S-2.3",null,"(2\"X12\") DF#2 Roof Rafters @ 16\" O.C. @ 20.33'",1,{"v":0,"d":"0%"},1,"EA",{"v":84.89808,"d":"$84.9"},{"v":84.89808,"d":"$84.90"},{"v":61.47792,"d":"$61.48"},{"v":61.47792,"d":"$61.48"},{"v":146.376,"d":"$146.4"},{"v":146.376,"d":"$146"}]
[{"$f":"IF(I256<>\"\",1+MAX($A$6:A255),\"\")","v":207},"S-2.3","S-2.3",null,"(2\"X12\") DF#2 Roof Rafters @ 16\" O.C. @ 12.47'",1,{"v":0,"d":"0%"},1,"EA",{"v":52.07472,"d":"$52.1"},{"v":52.07472,"d":"$52.07"},{"v":37.70928,"d":"$37.71"},{"v":37.70928,"d":"$37.71"},{"v":89.784,"d":"$89.8"},{"v":89.784,"d":"$90"}]
[{"$f":"IF(I257<>\"\",1+MAX($A$6:A256),\"\")","v":208},"S-2.3","S-2.3",null,"(2\"X12\") DF#2 Roof Rafters @ 16\" O.C. @ 4.61'",1,{"v":0,"d":"0%"},1,"EA",{"v":19.25136,"d":"$19.3"},{"v":19.25136,"d":"$19.25"},{"v":13.94064,"d":"$13.94"},{"v":13.94064,"d":"$13.94"},{"v":33.192,"d":"$33.2"},{"v":33.192,"d":"$33"}]
[{"$f":"IF(I258<>\"\",1+MAX($A$6:A257),\"\")","v":""}]
[{"$f":"IF(I259<>\"\",1+MAX($A$6:A258),\"\")","v":209},"S-2.3","S-2.3",null,"(2\"X8\") DF#1 Roof Rafters @ 12\" O.C. @ 3.86'",3,{"v":0,"d":"0%"},3,"EA",{"v":11.193999999999999,"d":"$11.2"},{"$f":"J259*H259","v":{"v":33.581999999999994,"d":"$33.58"}},{"v":8.106,"d":"$8.11"},{"$f":"L259*H259","v":{"v":24.317999999999998,"d":"$24.32"}},{"v":19.3,"d":"$19.3"},{"v":57.900000000000006,"d":"$58"}]
[{"$f":"IF(I260<>\"\",1+MAX($A$6:A259),\"\")","v":210},"S-2.3","S-2.3",null,"(2\"X8\") DF#1 Roof Rafters @ 12\" O.C. @ 2.05'",1,{"v":0,"d":"0%"},1,"EA",{"v":5.944999999999999,"d":"$5.9"},{"v":5.944999999999999,"d":"$5.95"},{"v":4.305,"d":"$4.31"},{"v":4.305,"d":"$4.31"},{"v":10.25,"d":"$10.3"},{"v":10.25,"d":"$10"}]
[{"$f":"IF(I261<>\"\",1+MAX($A$6:A260),\"\")","v":211},"S-2.3","S-2.3",null,"(2\"X8\") DF#1 Roof Rafters @ 12\" O.C. @ 2.04'",2,{"v":0,"d":"0%"},{"$f":"F261*(1+G261)","v":2},"EA",{"v":5.9159999999999995,"d":"$5.9"},{"v":11.831999999999999,"d":"$11.83"},{"v":4.284,"d":"$4.28"},{"v":8.568,"d":"$8.57"},{"v":10.2,"d":"$10.2"},{"$f":"N261*H261","v":{"v":20.4,"d":"$20"}}]
[{"$f":"IF(I262<>\"\",1+MAX($A$6:A261),\"\")","v":212},"S-2.3","S-2.3",null,"(2\"X8\") DF#1 Roof Rafters @ 12\" O.C. @ 9.08'",2,{"v":0,"d":"0%"},2,"EA",{"v":26.331999999999997,"d":"$26.3"},{"v":52.663999999999994,"d":"$52.66"},{"v":19.067999999999998,"d":"$19.07"},{"v":38.135999999999996,"d":"$38.14"},{"v":45.4,"d":"$45.4"},{"v":90.8,"d":"$91"}]
[{"$f":"IF(I263<>\"\",1+MAX($A$6:A262),\"\")","v":213},"S-2.3","S-2.3",null,"(2\"X8\") DF#1 Roof Rafters @ 12\" O.C. @ 9.09'",1,{"v":0,"d":"0%"},1,"EA",{"v":26.361,"d":"$26.4"},{"v":26.361,"d":"$26.36"},{"v":19.089000000000002,"d":"$19.09"},{"v":19.089000000000002,"d":"$19.09"},{"v":45.45,"d":"$45.5"},{"v":45.45,"d":"$45"}]
[{"$f":"IF(I264<>\"\",1+MAX($A$6:A263),\"\")","v":214},"S-2.3","S-2.3",null,"(2\"X8\") DF#1 Roof Rafters @ 12\" O.C. @ 9.1'",1,{"v":0,"d":"0%"},1,"EA",{"v":26.389999999999997,"d":"$26.4"},{"v":26.389999999999997,"d":"$26.39"},{"v":19.11,"d":"$19.11"},{"v":19.11,"d":"$19.11"},{"v":45.5,"d":"$45.5"},{"v":45.5,"d":"$46"}]
[{"$f":"IF(I265<>\"\",1+MAX($A$6:A264),\"\")","v":215},"S-2.3","S-2.3",null,"(2\"X8\") DF#1 Roof Rafters @ 12\" O.C. @ 6.85'",1,{"v":0,"d":"0%"},1,"EA",{"v":19.865,"d":"$19.9"},{"v":19.865,"d":"$19.87"},{"v":14.385,"d":"$14.39"},{"v":14.385,"d":"$14.39"},{"v":34.25,"d":"$34.3"},{"v":34.25,"d":"$34"}]
[{"$f":"IF(I266<>\"\",1+MAX($A$6:A265),\"\")","v":216},"S-2.3","S-2.3",null,"(2\"X8\") DF#1 Roof Rafters @ 12\" O.C. @ 7.1'",1,{"v":0,"d":"0%"},1,"EA",{"v":20.59,"d":"$20.6"},{"v":20.59,"d":"$20.59"},{"v":14.91,"d":"$14.91"},{"v":14.91,"d":"$14.91"},{"v":35.5,"d":"$35.5"},{"v":35.5,"d":"$36"}]
[{"$f":"IF(I267<>\"\",1+MAX($A$6:A266),\"\")","v":217},"S-2.3","S-2.3",null,"(2\"X8\") DF#1 Roof Rafters @ 12\" O.C. @ 7.36'",1,{"v":0,"d":"0%"},1,"EA",{"v":21.344,"d":"$21.3"},{"v":21.344,"d":"$21.34"},{"v":15.456000000000001,"d":"$15.46"},{"v":15.456000000000001,"d":"$15.46"},{"v":36.800000000000004,"d":"$36.8"},{"v":36.800000000000004,"d":"$37"}]
[{"$f":"IF(I268<>\"\",1+MAX($A$6:A267),\"\")","v":218},"S-2.3","S-2.3",null,"(2\"X8\") DF#1 Roof Rafters @ 12\" O.C. @ 7.61'",1,{"v":0,"d":"0%"},1,"EA",{"v":22.069000000000003,"d":"$22.1"},{"v":22.069000000000003,"d":"$22.07"},{"v":15.981000000000002,"d":"$15.98"},{"v":15.981000000000002,"d":"$15.98"},{"v":38.050000000000004,"d":"$38.1"},{"v":38.050000000000004,"d":"$38"}]
[{"$f":"IF(I269<>\"\",1+MAX($A$6:A268),\"\")","v":219},"S-2.3","S-2.3",null,"(2\"X8\") DF#1 Roof Rafters @ 12\" O.C. @ 7.86'",1,{"v":0,"d":"0%"},1,"EA",{"v":22.794,"d":"$22.8"},{"v":22.794,"d":"$22.79"},{"v":16.506,"d":"$16.51"},{"v":16.506,"d":"$16.51"},{"v":39.300000000000004,"d":"$39.3"},{"v":39.300000000000004,"d":"$39"}]
[{"$f":"IF(I270<>\"\",1+MAX($A$6:A269),\"\")","v":220},"S-2.3","S-2.3",null,"(2\"X8\") DF#1 Roof Rafters @ 12\" O.C. @ 8.12'",1,{"v":0,"d":"0%"},1,"EA",{"v":23.547999999999995,"d":"$23.5"},{"v":23.547999999999995,"d":"$23.55"},{"v":17.051999999999996,"d":"$17.05"},{"v":17.051999999999996,"d":"$17.05"},{"v":40.599999999999994,"d":"$40.6"},{"v":40.599999999999994,"d":"$41"}]
[{"$f":"IF(I271<>\"\",1+MAX($A$6:A270),\"\")","v":221},"S-2.3","S-2.3",null,"(2\"X8\") DF#1 Roof Rafters @ 12\" O.C. @ 8.37'",1,{"v":0,"d":"0%"},1,"EA",{"v":24.272999999999996,"d":"$24.3"},{"v":24.272999999999996,"d":"$24.27"},{"v":17.576999999999998,"d":"$17.58"},{"v":17.576999999999998,"d":"$17.58"},{"v":41.849999999999994,"d":"$41.9"},{"v":41.849999999999994,"d":"$42"}]
[{"$f":"IF(I272<>\"\",1+MAX($A$6:A271),\"\")","v":222},"S-2.3","S-2.3",null,"(2\"X8\") DF#1 Roof Rafters @ 12\" O.C. @ 8.63'",1,{"v":0,"d":"0%"},1,"EA",{"v":25.027,"d":"$25.0"},{"v":25.027,"d":"$25.03"},{"v":18.123,"d":"$18.12"},{"v":18.123,"d":"$18.12"},{"v":43.150000000000006,"d":"$43.2"},{"v":43.150000000000006,"d":"$43"}]
[{"$f":"IF(I273<>\"\",1+MAX($A$6:A272),\"\")","v":223},"S-2.3","S-2.3",null,"(2\"X8\") DF#1 Roof Rafters @ 12\" O.C. @ 8.89'",1,{"v":0,"d":"0%"},1,"EA",{"v":25.781,"d":"$25.8"},{"v":25.781,"d":"$25.78"},{"v":18.669,"d":"$18.67"},{"v":18.669,"d":"$18.67"},{"v":44.45,"d":"$44.5"},{"v":44.45,"d":"$44"}]
[{"$f":"IF(I274<>\"\",1+MAX($A$6:A273),\"\")","v":224},"S-2.3","S-2.3",null,"(2\"X8\") DF#1 Roof Rafters @ 12\" O.C. @ 6.59'",1,{"v":0,"d":"0%"},1,"EA",{"v":19.111,"d":"$19.1"},{"v":19.111,"d":"$19.11"},{"v":13.839,"d":"$13.84"},{"v":13.839,"d":"$13.84"},{"v":32.95,"d":"$33.0"},{"v":32.95,"d":"$33"}]
[{"$f":"IF(I275<>\"\",1+MAX($A$6:A274),\"\")","v":225},"S-2.3","S-2.3",null,"(2\"X8\") DF#1 Roof Rafters @ 12\" O.C. @ 6.34'",1,{"v":0,"d":"0%"},1,"EA",{"v":18.386,"d":"$18.4"},{"v":18.386,"d":"$18.39"},{"v":13.314,"d":"$13.31"},{"v":13.314,"d":"$13.31"},{"v":31.7,"d":"$31.7"},{"v":31.7,"d":"$32"}]
[{"$f":"IF(I276<>\"\",1+MAX($A$6:A275),\"\")","v":226},"S-2.3","S-2.3",null,"(2\"X8\") DF#1 Roof Rafters @ 12\" O.C. @ 6.09'",1,{"v":0,"d":"0%"},1,"EA",{"v":17.660999999999998,"d":"$17.7"},{"v":17.660999999999998,"d":"$17.66"},{"v":12.789,"d":"$12.79"},{"v":12.789,"d":"$12.79"},{"v":30.45,"d":"$30.5"},{"v":30.45,"d":"$30"}]
[{"$f":"IF(I277<>\"\",1+MAX($A$6:A276),\"\")","v":227},"S-2.3","S-2.3",null,"(2\"X8\") DF#1 Roof Rafters @ 12\" O.C. @ 5.83'",1,{"v":0,"d":"0%"},1,"EA",{"v":16.906999999999996,"d":"$16.9"},{"v":16.906999999999996,"d":"$16.91"},{"v":12.242999999999999,"d":"$12.24"},{"v":12.242999999999999,"d":"$12.24"},{"v":29.15,"d":"$29.2"},{"v":29.15,"d":"$29"}]
[{"$f":"IF(I278<>\"\",1+MAX($A$6:A277),\"\")","v":228},"S-2.3","S-2.3",null,"(2\"X8\") DF#1 Roof Rafters @ 12\" O.C. @ 5.58'",1,{"v":0,"d":"0%"},1,"EA",{"v":16.182,"d":"$16.2"},{"v":16.182,"d":"$16.18"},{"v":11.717999999999998,"d":"$11.72"},{"v":11.717999999999998,"d":"$11.72"},{"v":27.9,"d":"$27.9"},{"v":27.9,"d":"$28"}]
[{"$f":"IF(I279<>\"\",1+MAX($A$6:A278),\"\")","v":229},"S-2.3","S-2.3",null,"(2\"X8\") DF#1 Roof Rafters @ 12\" O.C. @ 5.32'",1,{"v":0,"d":"0%"},1,"EA",{"v":15.427999999999999,"d":"$15.4"},{"v":15.427999999999999,"d":"$15.43"},{"v":11.172,"d":"$11.17"},{"v":11.172,"d":"$11.17"},{"v":26.6,"d":"$26.6"},{"v":26.6,"d":"$27"}]
[{"$f":"IF(I280<>\"\",1+MAX($A$6:A279),\"\")","v":230},"S-2.3","S-2.3",null,"(2\"X8\") DF#1 Roof Rafters @ 12\" O.C. @ 5.07'",1,{"v":0,"d":"0%"},1,"EA",{"v":14.703,"d":"$14.7"},{"v":14.703,"d":"$14.70"},{"v":10.647,"d":"$10.65"},{"v":10.647,"d":"$10.65"},{"v":25.35,"d":"$25.4"},{"v":25.35,"d":"$25"}]
[{"$f":"IF(I281<>\"\",1+MAX($A$6:A280),\"\")","v":231},"S-2.3","S-2.3",null,"(2\"X8\") DF#1 Roof Rafters @ 12\" O.C. @ 4.81'",1,{"v":0,"d":"0%"},1,"EA",{"v":13.948999999999998,"d":"$13.9"},{"v":13.948999999999998,"d":"$13.95"},{"v":10.100999999999999,"d":"$10.10"},{"v":10.100999999999999,"d":"$10.10"},{"v":24.049999999999997,"d":"$24.1"},{"v":24.049999999999997,"d":"$24"}]
[{"$f":"IF(I282<>\"\",1+MAX($A$6:A281),\"\")","v":232},"S-2.3","S-2.3",null,"(2\"X8\") DF#1 Roof Rafters @ 12\" O.C. @ 4.56'",1,{"v":0,"d":"0%"},1,"EA",{"v":13.223999999999997,"d":"$13.2"},{"v":13.223999999999997,"d":"$13.22"},{"v":9.575999999999999,"d":"$9.58"},{"v":9.575999999999999,"d":"$9.58"},{"v":22.799999999999997,"d":"$22.8"},{"v":22.799999999999997,"d":"$23"}]
[{"$f":"IF(I283<>\"\",1+MAX($A$6:A282),\"\")","v":233},"S-2.3","S-2.3",null,"(2\"X8\") DF#1 Roof Rafters @ 12\" O.C. @ 4.31'",2,{"v":0,"d":"0%"},2,"EA",{"v":12.498999999999997,"d":"$12.5"},{"v":24.997999999999994,"d":"$25.00"},{"v":9.050999999999998,"d":"$9.05"},{"v":18.101999999999997,"d":"$18.10"},{"v":21.549999999999997,"d":"$21.6"},{"v":43.099999999999994,"d":"$43"}]
[{"$f":"IF(I284<>\"\",1+MAX($A$6:A283),\"\")","v":234},"S-2.3","S-2.3",null,"(2\"X8\") DF#1 Roof Rafters @ 12\" O.C. @ 4.05'",1,{"v":0,"d":"0%"},1,"EA",{"v":11.745,"d":"$11.7"},{"v":11.745,"d":"$11.75"},{"v":8.504999999999999,"d":"$8.51"},{"v":8.504999999999999,"d":"$8.51"},{"v":20.25,"d":"$20.3"},{"v":20.25,"d":"$20"}]
[{"$f":"IF(I285<>\"\",1+MAX($A$6:A284),\"\")","v":235},"S-2.3","S-2.3",null,"(2\"X8\") DF#1 Roof Rafters @ 12\" O.C. @ 9.22'",1,{"v":0,"d":"0%"},1,"EA",{"v":26.738,"d":"$26.7"},{"v":26.738,"d":"$26.74"},{"v":19.362,"d":"$19.36"},{"v":19.362,"d":"$19.36"},{"v":46.1,"d":"$46.1"},{"v":46.1,"d":"$46"}]
[{"$f":"IF(I286<>\"\",1+MAX($A$6:A285),\"\")","v":236},"S-2.3","S-2.3",null,"(2\"X8\") DF#1 Roof Rafters @ 12\" O.C. @ 9.2'",1,{"v":0,"d":"0%"},1,"EA",{"v":26.68,"d":"$26.7"},{"v":26.68,"d":"$26.68"},{"v":19.32,"d":"$19.32"},{"v":19.32,"d":"$19.32"},{"v":46,"d":"$46.0"},{"v":46,"d":"$46"}]
[{"$f":"IF(I287<>\"\",1+MAX($A$6:A286),\"\")","v":237},"S-2.3","S-2.3",null,"(2\"X8\") DF#1 Roof Rafters @ 12\" O.C. @ 9.18'",1,{"v":0,"d":"0%"},1,"EA",{"v":26.621999999999996,"d":"$26.6"},{"v":26.621999999999996,"d":"$26.62"},{"v":19.278,"d":"$19.28"},{"v":19.278,"d":"$19.28"},{"v":45.9,"d":"$45.9"},{"v":45.9,"d":"$46"}]
[{"$f":"IF(I288<>\"\",1+MAX($A$6:A287),\"\")","v":238},"S-2.3","S-2.3",null,"(2\"X8\") DF#1 Roof Rafters @ 12\" O.C. @ 7.21'",1,{"v":0,"d":"0%"},1,"EA",{"v":20.908999999999995,"d":"$20.9"},{"v":20.908999999999995,"d":"$20.91"},{"v":15.140999999999998,"d":"$15.14"},{"v":15.140999999999998,"d":"$15.14"},{"v":36.05,"d":"$36.1"},{"v":36.05,"d":"$36"}]
[{"$f":"IF(I289<>\"\",1+MAX($A$6:A288),\"\")","v":239},"S-2.3","S-2.3",null,"(2\"X8\") DF#1 Roof Rafters @ 12\" O.C. @ 3.45'",1,{"v":0,"d":"0%"},1,"EA",{"v":10.004999999999999,"d":"$10.0"},{"v":10.004999999999999,"d":"$10.01"},{"v":7.245,"d":"$7.25"},{"v":7.245,"d":"$7.25"},{"v":17.25,"d":"$17.3"},{"v":17.25,"d":"$17"}]
[{"$f":"IF(I290<>\"\",1+MAX($A$6:A289),\"\")","v":240},"S-2.3","S-2.3",null,"(2\"X8\") DF#1 Roof Rafters @ 12\" O.C. @ 9.23'",1,{"v":0,"d":"0%"},1,"EA",{"v":26.767000000000003,"d":"$26.8"},{"v":26.767000000000003,"d":"$26.77"},{"v":19.383000000000003,"d":"$19.38"},{"v":19.383000000000003,"d":"$19.38"},{"v":46.150000000000006,"d":"$46.2"},{"v":46.150000000000006,"d":"$46"}]
[{"$f":"IF(I291<>\"\",1+MAX($A$6:A290),\"\")","v":241},"S-2.3","S-2.3",null,"(2\"X8\") DF#1 Roof Rafters @ 12\" O.C. @ 9.25'",1,{"v":0,"d":"0%"},1,"EA",{"v":26.825,"d":"$26.8"},{"v":26.825,"d":"$26.83"},{"v":19.425,"d":"$19.43"},{"v":19.425,"d":"$19.43"},{"v":46.25,"d":"$46.3"},{"v":46.25,"d":"$46"}]
[{"$f":"IF(I292<>\"\",1+MAX($A$6:A291),\"\")","v":242},"S-2.3","S-2.3",null,"(2\"X8\") DF#1 Roof Rafters @ 12\" O.C. @ 9.27'",1,{"v":0,"d":"0%"},1,"EA",{"v":26.882999999999996,"d":"$26.9"},{"v":26.882999999999996,"d":"$26.88"},{"v":19.466999999999995,"d":"$19.47"},{"v":19.466999999999995,"d":"$19.47"},{"v":46.349999999999994,"d":"$46.4"},{"v":46.349999999999994,"d":"$46"}]
[{"$f":"IF(I293<>\"\",1+MAX($A$6:A292),\"\")","v":243},"S-2.3","S-2.3",null,"(2\"X8\") DF#1 Roof Rafters @ 12\" O.C. @ 9.29'",1,{"v":0,"d":"0%"},1,"EA",{"v":26.940999999999995,"d":"$26.9"},{"v":26.940999999999995,"d":"$26.94"},{"v":19.508999999999997,"d":"$19.51"},{"v":19.508999999999997,"d":"$19.51"},{"v":46.449999999999996,"d":"$46.5"},{"v":46.449999999999996,"d":"$46"}]
[{"$f":"IF(I294<>\"\",1+MAX($A$6:A293),\"\")","v":244},"S-2.3","S-2.3",null,"(2\"X8\") DF#1 Roof Rafters @ 12\" O.C. @ 9.31'",1,{"v":0,"d":"0%"},1,"EA",{"v":26.999000000000002,"d":"$27.0"},{"v":26.999000000000002,"d":"$27.00"},{"v":19.551000000000002,"d":"$19.55"},{"v":19.551000000000002,"d":"$19.55"},{"v":46.550000000000004,"d":"$46.6"},{"v":46.550000000000004,"d":"$47"}]
[{"$f":"IF(I295<>\"\",1+MAX($A$6:A294),\"\")","v":245},"S-2.3","S-2.3",null,"(2\"X8\") DF#1 Roof Rafters @ 12\" O.C. @ 9.32'",1,{"v":0,"d":"0%"},1,"EA",{"v":27.028,"d":"$27.0"},{"v":27.028,"d":"$27.03"},{"v":19.572,"d":"$19.57"},{"v":19.572,"d":"$19.57"},{"v":46.6,"d":"$46.6"},{"v":46.6,"d":"$47"}]
[{"$f":"IF(I296<>\"\",1+MAX($A$6:A295),\"\")","v":246},"S-2.3","S-2.3",null,"(2\"X8\") DF#1 Roof Rafters @ 12\" O.C. @ 9.34'",1,{"v":0,"d":"0%"},1,"EA",{"v":27.086,"d":"$27.1"},{"v":27.086,"d":"$27.09"},{"v":19.614,"d":"$19.61"},{"v":19.614,"d":"$19.61"},{"v":46.7,"d":"$46.7"},{"v":46.7,"d":"$47"}]
[{"$f":"IF(I297<>\"\",1+MAX($A$6:A296),\"\")","v":247},"S-2.3","S-2.3",null,"(2\"X8\") DF#1 Roof Rafters @ 12\" O.C. @ 9.36'",1,{"v":0,"d":"0%"},1,"EA",{"v":27.143999999999995,"d":"$27.1"},{"v":27.143999999999995,"d":"$27.14"},{"v":19.656,"d":"$19.66"},{"v":19.656,"d":"$19.66"},{"v":46.8,"d":"$46.8"},{"v":46.8,"d":"$47"}]
[{"$f":"IF(I298<>\"\",1+MAX($A$6:A297),\"\")","v":248},"S-2.3","S-2.3",null,"(2\"X8\") DF#1 Roof Rafters @ 12\" O.C. @ 9.38'",1,{"v":0,"d":"0%"},1,"EA",{"v":27.202,"d":"$27.2"},{"v":27.202,"d":"$27.20"},{"v":19.698,"d":"$19.70"},{"v":19.698,"d":"$19.70"},{"v":46.900000000000006,"d":"$46.9"},{"v":46.900000000000006,"d":"$47"}]
[{"$f":"IF(I299<>\"\",1+MAX($A$6:A298),\"\")","v":249},"S-2.3","S-2.3",null,"(2\"X8\") DF#1 Roof Rafters @ 12\" O.C. @ 9.4'",1,{"v":0,"d":"0%"},1,"EA",{"v":27.259999999999998,"d":"$27.3"},{"v":27.259999999999998,"d":"$27.26"},{"v":19.74,"d":"$19.74"},{"v":19.74,"d":"$19.74"},{"v":47,"d":"$47.0"},{"v":47,"d":"$47"}]
[{"$f":"IF(I300<>\"\",1+MAX($A$6:A299),\"\")","v":250},"S-2.3","S-2.3",null,"(2\"X8\") DF#1 Roof Rafters @ 12\" O.C. @ 6.21'",1,{"v":0,"d":"0%"},1,"EA",{"v":18.009,"d":"$18.0"},{"v":18.009,"d":"$18.01"},{"v":13.041,"d":"$13.04"},{"v":13.041,"d":"$13.04"},{"v":31.05,"d":"$31.1"},{"v":31.05,"d":"$31"}]
[{"$f":"IF(I301<>\"\",1+MAX($A$6:A300),\"\")","v":251},"S-2.3","S-2.3",null,"(2\"X8\") DF#1 Roof Rafters @ 12\" O.C. @ 5.94'",1,{"v":0,"d":"0%"},1,"EA",{"v":17.226,"d":"$17.2"},{"v":17.226,"d":"$17.23"},{"v":12.474,"d":"$12.47"},{"v":12.474,"d":"$12.47"},{"v":29.700000000000003,"d":"$29.7"},{"v":29.700000000000003,"d":"$30"}]
[{"$f":"IF(I302<>\"\",1+MAX($A$6:A301),\"\")","v":252},"S-2.3","S-2.3",null,"(2\"X8\") DF#1 Roof Rafters @ 12\" O.C. @ 5.67'",1,{"v":0,"d":"0%"},1,"EA",{"v":16.443,"d":"$16.4"},{"v":16.443,"d":"$16.44"},{"v":11.907,"d":"$11.91"},{"v":11.907,"d":"$11.91"},{"v":28.35,"d":"$28.4"},{"v":28.35,"d":"$28"}]
[{"$f":"IF(I303<>\"\",1+MAX($A$6:A302),\"\")","v":253},"S-2.3","S-2.3",null,"(2\"X8\") DF#1 Roof Rafters @ 12\" O.C. @ 5.4'",1,{"v":0,"d":"0%"},1,"EA",{"v":15.659999999999998,"d":"$15.7"},{"v":15.659999999999998,"d":"$15.66"},{"v":11.34,"d":"$11.34"},{"v":11.34,"d":"$11.34"},{"v":27,"d":"$27.0"},{"v":27,"d":"$27"}]
[{"$f":"IF(I304<>\"\",1+MAX($A$6:A303),\"\")","v":254},"S-2.3","S-2.3",null,"(2\"X8\") DF#1 Roof Rafters @ 12\" O.C. @ 5.13'",1,{"v":0,"d":"0%"},1,"EA",{"v":14.876999999999999,"d":"$14.9"},{"v":14.876999999999999,"d":"$14.88"},{"v":10.773,"d":"$10.77"},{"v":10.773,"d":"$10.77"},{"v":25.65,"d":"$25.7"},{"v":25.65,"d":"$26"}]
[{"$f":"IF(I305<>\"\",1+MAX($A$6:A304),\"\")","v":255},"S-2.3","S-2.3",null,"(2\"X8\") DF#1 Roof Rafters @ 12\" O.C. @ 4.86'",1,{"v":0,"d":"0%"},1,"EA",{"v":14.094,"d":"$14.1"},{"v":14.094,"d":"$14.09"},{"v":10.206,"d":"$10.21"},{"v":10.206,"d":"$10.21"},{"v":24.3,"d":"$24.3"},{"v":24.3,"d":"$24"}]
[{"$f":"IF(I306<>\"\",1+MAX($A$6:A305),\"\")","v":256},"S-2.3","S-2.3",null,"(2\"X8\") DF#1 Roof Rafters @ 12\" O.C. @ 4.59'",1,{"v":0,"d":"0%"},1,"EA",{"v":13.310999999999998,"d":"$13.3"},{"v":13.310999999999998,"d":"$13.31"},{"v":9.639,"d":"$9.64"},{"v":9.639,"d":"$9.64"},{"v":22.95,"d":"$23.0"},{"v":22.95,"d":"$23"}]
[{"$f":"IF(I307<>\"\",1+MAX($A$6:A306),\"\")","v":257},"S-2.3","S-2.3",null,"(2\"X8\") DF#1 Roof Rafters @ 12\" O.C. @ 4.04'",1,{"v":0,"d":"0%"},1,"EA",{"v":11.716,"d":"$11.7"},{"v":11.716,"d":"$11.72"},{"v":8.484,"d":"$8.48"},{"v":8.484,"d":"$8.48"},{"v":20.2,"d":"$20.2"},{"v":20.2,"d":"$20"}]
[{"$f":"IF(I308<>\"\",1+MAX($A$6:A307),\"\")","v":258},"S-2.3","S-2.3",null,"(2\"X8\") DF#1 Roof Rafters @ 12\" O.C. @ 3.77'",1,{"v":0,"d":"0%"},1,"EA",{"v":10.933,"d":"$10.9"},{"v":10.933,"d":"$10.93"},{"v":7.917000000000001,"d":"$7.92"},{"v":7.917000000000001,"d":"$7.92"},{"v":18.85,"d":"$18.9"},{"v":18.85,"d":"$19"}]
[{"$f":"IF(I309<>\"\",1+MAX($A$6:A308),\"\")","v":259},"S-2.3","S-2.3",null,"(2\"X8\") DF#1 Roof Rafters @ 12\" O.C. @ 3.5'",1,{"v":0,"d":"0%"},1,"EA",{"v":10.149999999999999,"d":"$10.2"},{"v":10.149999999999999,"d":"$10.15"},{"v":7.35,"d":"$7.35"},{"v":7.35,"d":"$7.35"},{"v":17.5,"d":"$17.5"},{"v":17.5,"d":"$18"}]
[{"$f":"IF(I310<>\"\",1+MAX($A$6:A309),\"\")","v":260},"S-2.3","S-2.3",null,"(2\"X8\") DF#1 Roof Rafters @ 12\" O.C. @ 3.23'",1,{"v":0,"d":"0%"},1,"EA",{"v":9.366999999999999,"d":"$9.4"},{"v":9.366999999999999,"d":"$9.37"},{"v":6.7829999999999995,"d":"$6.78"},{"v":6.7829999999999995,"d":"$6.78"},{"v":16.15,"d":"$16.2"},{"v":16.15,"d":"$16"}]
[{"$f":"IF(I311<>\"\",1+MAX($A$6:A310),\"\")","v":261},"S-2.3","S-2.3",null,"(2\"X8\") DF#1 Roof Rafters @ 12\" O.C. @ 2.96'",1,{"v":0,"d":"0%"},1,"EA",{"v":8.584,"d":"$8.6"},{"v":8.584,"d":"$8.58"},{"v":6.216,"d":"$6.22"},{"v":6.216,"d":"$6.22"},{"v":14.8,"d":"$14.8"},{"v":14.8,"d":"$15"}]
[{"$f":"IF(I312<>\"\",1+MAX($A$6:A311),\"\")","v":262},"S-2.3","S-2.3",null,"(2\"X8\") DF#1 Roof Rafters @ 12\" O.C. @ 2.69'",1,{"v":0,"d":"0%"},1,"EA",{"v":7.800999999999999,"d":"$7.8"},{"v":7.800999999999999,"d":"$7.80"},{"v":5.648999999999999,"d":"$5.65"},{"v":5.648999999999999,"d":"$5.65"},{"v":13.45,"d":"$13.5"},{"v":13.45,"d":"$13"}]
[{"$f":"IF(I313<>\"\",1+MAX($A$6:A312),\"\")","v":263},"S-2.3","S-2.3",null,"(2\"X8\") DF#1 Roof Rafters @ 12\" O.C. @ 2.42'",1,{"v":0,"d":"0%"},1,"EA",{"v":7.017999999999999,"d":"$7.0"},{"v":7.017999999999999,"d":"$7.02"},{"v":5.082,"d":"$5.08"},{"v":5.082,"d":"$5.08"},{"v":12.1,"d":"$12.1"},{"v":12.1,"d":"$12"}]
[{"$f":"IF(I314<>\"\",1+MAX($A$6:A313),\"\")","v":264},"S-2.3","S-2.3",null,"(2\"X8\") DF#1 Roof Rafters @ 12\" O.C. @ 2.15'",1,{"v":0,"d":"0%"},1,"EA",{"v":6.234999999999999,"d":"$6.2"},{"v":6.234999999999999,"d":"$6.24"},{"v":4.515,"d":"$4.52"},{"v":4.515,"d":"$4.52"},{"v":10.75,"d":"$10.8"},{"v":10.75,"d":"$11"}]
[{"$f":"IF(I315<>\"\",1+MAX($A$6:A314),\"\")","v":265},"S-2.3","S-2.3",null,"(2\"X8\") DF#1 Roof Rafters @ 12\" O.C. @ 1.88'",1,{"v":0,"d":"0%"},1,"EA",{"v":5.451999999999999,"d":"$5.5"},{"v":5.451999999999999,"d":"$5.45"},{"v":3.947999999999999,"d":"$3.95"},{"v":3.947999999999999,"d":"$3.95"},{"v":9.399999999999999,"d":"$9.4"},{"v":9.399999999999999,"d":"$9"}]
[{"$f":"IF(I316<>\"\",1+MAX($A$6:A315),\"\")","v":266},"S-2.3","S-2.3",null,"(2\"X8\") DF#1 Roof Rafters @ 12\" O.C. @ 6.48'",1,{"v":0,"d":"0%"},1,"EA",{"v":18.792,"d":"$18.8"},{"v":18.792,"d":"$18.79"},{"v":13.608000000000002,"d":"$13.61"},{"v":13.608000000000002,"d":"$13.61"},{"v":32.400000000000006,"d":"$32.4"},{"v":32.400000000000006,"d":"$32"}]
[{"$f":"IF(I317<>\"\",1+MAX($A$6:A316),\"\")","v":267},"S-2.3","S-2.3",null,"(2\"X8\") DF#1 Roof Rafters @ 12\" O.C. @ 6.75'",1,{"v":0,"d":"0%"},1,"EA",{"v":19.575,"d":"$19.6"},{"v":19.575,"d":"$19.58"},{"v":14.174999999999999,"d":"$14.18"},{"v":14.174999999999999,"d":"$14.18"},{"v":33.75,"d":"$33.8"},{"v":33.75,"d":"$34"}]
[{"$f":"IF(I318<>\"\",1+MAX($A$6:A317),\"\")","v":268},"S-2.3","S-2.3",null,"(2\"X8\") DF#1 Roof Rafters @ 12\" O.C. @ 7.03'",1,{"v":0,"d":"0%"},1,"EA",{"v":20.386999999999997,"d":"$20.4"},{"v":20.386999999999997,"d":"$20.39"},{"v":14.762999999999998,"d":"$14.76"},{"v":14.762999999999998,"d":"$14.76"},{"v":35.15,"d":"$35.2"},{"v":35.15,"d":"$35"}]
[{"$f":"IF(I319<>\"\",1+MAX($A$6:A318),\"\")","v":269},"S-2.3","S-2.3",null,"(2\"X8\") DF#1 Roof Rafters @ 12\" O.C. @ 7.3'",1,{"v":0,"d":"0%"},1,"EA",{"v":21.169999999999998,"d":"$21.2"},{"v":21.169999999999998,"d":"$21.17"},{"v":15.33,"d":"$15.33"},{"v":15.33,"d":"$15.33"},{"v":36.5,"d":"$36.5"},{"v":36.5,"d":"$37"}]
[{"$f":"IF(I320<>\"\",1+MAX($A$6:A319),\"\")","v":270},"S-2.3","S-2.3",null,"(2\"X8\") DF#1 Roof Rafters @ 12\" O.C. @ 7.57'",1,{"v":0,"d":"0%"},1,"EA",{"v":21.953,"d":"$22.0"},{"v":21.953,"d":"$21.95"},{"v":15.897,"d":"$15.90"},{"v":15.897,"d":"$15.90"},{"v":37.85,"d":"$37.9"},{"v":37.85,"d":"$38"}]
[{"$f":"IF(I321<>\"\",1+MAX($A$6:A320),\"\")","v":""}]
[{"$f":"IF(I322<>\"\",1+MAX($A$6:A321),\"\")","v":""},{"$nulls":3},"WOODEN POST"]
[{"$f":"IF(I323<>\"\",1+MAX($A$6:A322),\"\")","v":271},"S-2.3","S-2.3",null,"(6\"x6\") Wooden Post - 10' High",23,{"v":0,"d":"0%"},{"$f":"F323*(1+G323)","v":23},"EA",{"v":116.25,"d":"$116.3"},{"$f":"J323*H323","v":{"v":2673.75,"d":"$2,673.75"}},{"v":71.25,"d":"$71.25"},{"$f":"L323*H323","v":{"v":1638.75,"d":"$1,638.75"}},{"v":187.5,"d":"$187.5"},{"$f":"N323*H323","v":{"v":4312.5,"d":"$4,313"}}]
[{"$f":"IF(I324<>\"\",1+MAX($A$6:A323),\"\")","v":272},"S-2.3","S-2.3",null,"(2\"x6\") Wooden Post- 10' High",7,{"v":0,"d":"0%"},{"$f":"F324*(1+G324)","v":7},"EA",{"v":24.8,"d":"$24.80"},{"$f":"J324*H324","v":{"v":173.6,"d":"$173.60"}},{"v":15.2,"d":"$15.20"},{"$f":"L324*H324","v":{"v":106.39999999999999,"d":"$106.40"}},{"v":40,"d":"$40.0"},{"$f":"N324*H324","v":{"v":280,"d":"$280"}}]
[{"$f":"IF(I325<>\"\",1+MAX($A$6:A324),\"\")","v":273},"S-2.3","S-2.3",null,"(4\"x6\") Wooden Post- 10' High",9,{"v":0,"d":"0%"},9,"EA",{"v":72,"d":"$72.00"},{"$f":"J325*H325","v":{"v":648,"d":"$648.00"}},{"v":62,"d":"$62.00"},{"$f":"L325*H325","v":{"v":558,"d":"$558.00"}},{"v":134,"d":"$134.0"},{"v":1206,"d":"$1,206"}]
[{"$f":"IF(I326<>\"\",1+MAX($A$6:A325),\"\")","v":274},"S-2.3","S-2.3",null,"(6\"x8\") Wooden Post- 10' High",1,{"v":0,"d":"0%"},1,"EA",{"v":124,"d":"$124.0"},{"v":124,"d":"$124.00"},{"v":76,"d":"$76.00"},{"v":76,"d":"$76.00"},{"v":200,"d":"$200.0"},{"v":200,"d":"$200"}]
[{"$f":"IF(I327<>\"\",1+MAX($A$6:A326),\"\")","v":275},"S-2.3","S-2.3",null,"(6\"x10\") Wooden Post- 10' High",1,{"v":0,"d":"0%"},1,"EA",{"v":151.9,"d":"$151.9"},{"$f":"J327*H327","v":{"v":151.9,"d":"$151.90"}},{"v":93.1,"d":"$93.10"},{"$f":"L327*H327","v":{"v":93.1,"d":"$93.10"}},{"v":245,"d":"$245.0"},{"v":245,"d":"$245"}]
[{"$f":"IF(I328<>\"\",1+MAX($A$6:A327),\"\")","v":""}]
[{"$f":"IF(I329<>\"\",1+MAX($A$6:A328),\"\")","v":""},{"$nulls":3},"FRAMING MISC."]
[{"$f":"IF(I330<>\"\",1+MAX($A$6:A329),\"\")","v":276},"S-2.3","S-2.3",null,"CMST12 Strap",{"v":51.89,"d":"52"},{"v":0.1,"d":"10%"},{"$f":"F330*(1+G330)","v":{"v":57.07900000000001,"d":"57"}},"LF",{"v":2.2800000000000002,"d":"$2.28"},{"$f":"J330*H330","v":{"v":130.14012000000002,"d":"$130.14"}},{"v":3.7199999999999998,"d":"$3.72"},{"$f":"L330*H330","v":{"v":212.33388000000002,"d":"$212.33"}},{"v":6,"d":"$6.0"},{"v":342.47400000000005,"d":"$342"}]
[{"$f":"IF(I331<>\"\",1+MAX($A$6:A330),\"\")","v":277},"S-2.3","S-2.3",null,"CS14 Strap",{"v":181.77,"d":"182"},{"v":0.1,"d":"10%"},{"v":199.94700000000003,"d":"200"},"LF",{"v":2.66,"d":"$2.66"},{"$f":"J331*H331","v":{"v":531.8590200000001,"d":"$531.86"}},{"v":4.34,"d":"$4.34"},{"$f":"L331*H331","v":{"v":867.7699800000001,"d":"$867.77"}},{"v":7,"d":"$7.0"},{"v":1399.6290000000001,"d":"$1,400"}]
[{"$f":"IF(I332<>\"\",1+MAX($A$6:A331),\"\")","v":278},"S-2.3","S-2.3",null,"CMST14 Strap",{"v":47.72,"d":"48"},{"v":0.1,"d":"10%"},{"$f":"F332*(1+G332)","v":{"v":52.492000000000004,"d":"52"}},"LF",{"v":2.66,"d":"$2.66"},{"$f":"J332*H332","v":{"v":139.62872000000002,"d":"$139.63"}},{"v":4.34,"d":"$4.34"},{"$f":"L332*H332","v":{"v":227.81528,"d":"$227.82"}},{"v":7,"d":"$7.0"},{"$f":"N332*H332","v":{"v":367.444,"d":"$367"}}]
[{"$f":"IF(I333<>\"\",1+MAX($A$6:A332),\"\")","v":279},"S-2.3","S-2.3",null,"CMSTC16 Strap",{"v":25.97,"d":"26"},{"v":0.1,"d":"10%"},{"v":28.567,"d":"29"},"LF",{"v":3.04,"d":"$3.04"},{"$f":"J333*H333","v":{"v":86.84368,"d":"$86.84"}},{"v":4.96,"d":"$4.96"},{"$f":"L333*H333","v":{"v":141.69232,"d":"$141.69"}},{"v":8,"d":"$8.0"},{"v":228.536,"d":"$229"}]
[{"$f":"IF(I334<>\"\",1+MAX($A$6:A333),\"\")","v":280},"S-2.3","S-2.3",null,"(2\"X6\") Blocking",{"v":80.18,"d":"80"},{"v":0.1,"d":"10%"},{"v":88.19800000000002,"d":"88"},"LF",{"v":2.48,"d":"$2.48"},{"$f":"J334*H334","v":{"v":218.73104000000006,"d":"$218.73"}},{"v":1.52,"d":"$1.52"},{"$f":"L334*H334","v":{"v":134.06096000000002,"d":"$134.06"}},{"v":4,"d":"$4.0"},{"v":352.7920000000001,"d":"$353"}]
[{"$f":"IF(I335<>\"\",1+MAX($A$6:A334),\"\")","v":281},"S-2.3","S-2.3",null,"4\"X8\" Blocking @ 10' O.C.",413,{"v":0.1,"d":"10%"},{"$f":"F335*(1+G335)","v":{"v":454.3,"d":"454"}},"LF",{"v":7.261,"d":"$7.26"},{"$f":"J335*H335","v":{"v":3298.6723,"d":"$3,298.67"}},{"v":6.438999999999999,"d":"$6.44"},{"$f":"L335*H335","v":{"v":2925.2376999999997,"d":"$2,925.24"}},{"v":13.7,"d":"$13.7"},{"v":6223.91,"d":"$6,223.9"}]
[{"$f":"IF(I336<>\"\",1+MAX($A$6:A335),\"\")","v":""}]
[{"$f":"IF(I337<>\"\",1+MAX($A$6:A336),\"\")","v":""},{"$nulls":3},"INTERIOR WOODEN STAIRS"]
[{"$f":"IF(I338<>\"\",1+MAX($A$6:A337),\"\")","v":282},"S-2.2","S-2.2",null,"(3'-4\"x12\") Wooden Stain Treads @19EA & 6\" High Riser @ 20 EA",1,{"v":0,"d":"0%"},{"$f":"F338*(1+G338)","v":1},"EA",{"v":1368,"d":"$1,368.0"},{"$f":"J338*H338","v":{"v":1368,"d":"$1,368.00"}},{"v":2232,"d":"$2,232.00"},{"$f":"L338*H338","v":{"v":2232,"d":"$2,232.00"}},{"v":3600,"d":"$3,600.0"},{"v":3600,"d":"$3,600"}]
[{"$f":"IF(I339<>\"\",1+MAX($A$6:A338),\"\")","v":""}]
[{"$f":"IF(I340<>\"\",1+MAX($A$6:A339),\"\")","v":""},{"$nulls":3},"RAILINGS"]
[{"$f":"IF(I341<>\"\",1+MAX($A$6:A340),\"\")","v":283},"S-2.2","S-2.2",null,"1 1/2\" Handrail @ 36\" Max Above Stair Nosing w/ Full Height Tempered Glass Guardrail",{"v":16.82,"d":"17"},{"v":0.1,"d":"10%"},{"$f":"F341*(1+G341)","v":{"v":18.502000000000002,"d":"19"}},"LF",{"v":121.6,"d":"$121.6"},{"v":2249.8432000000003,"d":"$2,249.84"},{"v":198.4,"d":"$198.40"},{"v":3670.7968000000005,"d":"$3,670.80"},{"v":320,"d":"$320.0"},{"v":5920.640000000001,"d":"$5,921"}]
[{"$f":"IF(I342<>\"\",1+MAX($A$6:A341),\"\")","v":284},"S-2.2","S-2.2",null,"1 1/2\" Handrail @ 36\" Max Above Stair Nosing w/ 36\" Guard rail",{"v":13.18,"d":"13"},{"v":0.1,"d":"10%"},{"v":14.498000000000001,"d":"14"},"LF",{"v":121.6,"d":"$121.6"},{"v":1762.9568000000002,"d":"$1,762.96"},{"v":198.4,"d":"$198.40"},{"v":2876.4032,"d":"$2,876.40"},{"v":320,"d":"$320.0"},{"v":4639.360000000001,"d":"$4,639"}]
[{"$f":"IF(I343<>\"\",1+MAX($A$6:A342),\"\")","v":""}]
[{"$f":"IF(I344<>\"\",1+MAX($A$6:A343),\"\")","v":""},{"$nulls":3},"UPPER ROOF FRAMING"]
[{"$f":"IF(I345<>\"\",1+MAX($A$6:A344),\"\")","v":""}]
[{"$f":"IF(I346<>\"\",1+MAX($A$6:A345),\"\")","v":""},{"$nulls":3},"ROOF SHEATHING"]
[{"$f":"IF(I347<>\"\",1+MAX($A$6:A346),\"\")","v":285},"S-2.4","S-2.4",null,"5/8\" Thick Plywood Sheathing (4'X8') Ea.",{"$f":"2200.23/32","v":{"v":68.7571875,"d":"69"}},{"v":0,"d":"0%"},{"$f":"F347*(1+G347)","v":{"v":68.7571875,"d":"69"}},"EA",{"v":90,"d":"$90.0"},{"$f":"J347*H347","v":{"v":6188.146875,"d":"$6,188.15"}},{"v":30,"d":"$30.00"},{"$f":"L347*H347","v":{"v":2062.715625,"d":"$2,062.72"}},{"v":120,"d":"$120.0"},{"$f":"N347*H347","v":{"v":8250.8625,"d":"$8,251"}}]
[{"$f":"IF(I348<>\"\",1+MAX($A$6:A347),\"\")","v":""}]
[{"$f":"IF(I349<>\"\",1+MAX($A$6:A348),\"\")","v":""},{"$nulls":3},"WOODEN BEAMS & HEADER"]
[{"$f":"IF(I350<>\"\",1+MAX($A$6:A349),\"\")","v":286},"S-2.4","S-2.4",null,"(4\"x12\") Wooden Beam - 9'",1,{"v":0,"d":"0%"},{"$f":"F350*(1+G350)","v":1},"EA",{"v":106.47,"d":"$106.5"},{"$f":"J350*H350","v":{"v":106.47,"d":"$106.47"}},{"v":98.28,"d":"$98.28"},{"$f":"L350*H350","v":{"v":98.28,"d":"$98.28"}},{"v":204.75,"d":"$204.8"},{"$f":"N350*H350","v":{"v":204.75,"d":"$205"}}]
[{"$f":"IF(I351<>\"\",1+MAX($A$6:A350),\"\")","v":287},"S-2.4","S-2.4",null,"(4\"x12\") Wooden Beam - 8'",1,{"v":0,"d":"0%"},1,"EA",{"v":94.64,"d":"$94.6"},{"v":94.64,"d":"$94.64"},{"v":87.36,"d":"$87.36"},{"v":87.36,"d":"$87.36"},{"v":182,"d":"$182.0"},{"v":182,"d":"$182"}]
[{"$f":"IF(I352<>\"\",1+MAX($A$6:A351),\"\")","v":288},"S-2.4","S-2.4",null,"(4\"x12\") Wooden Beam - 7'",1,{"v":0,"d":"0%"},1,"EA",{"v":82.81,"d":"$82.8"},{"v":82.81,"d":"$82.81"},{"v":76.44,"d":"$76.44"},{"v":76.44,"d":"$76.44"},{"v":159.25,"d":"$159.3"},{"v":159.25,"d":"$159"}]
[{"$f":"IF(I353<>\"\",1+MAX($A$6:A352),\"\")","v":289},"S-2.4","S-2.4",null,"(4\"x12\") Wooden Beam - 15'",1,{"v":0,"d":"0%"},1,"EA",{"v":177.45000000000002,"d":"$177.5"},{"v":177.45000000000002,"d":"$177.45"},{"v":163.79999999999998,"d":"$163.80"},{"v":163.79999999999998,"d":"$163.80"},{"v":341.25,"d":"$341.3"},{"v":341.25,"d":"$341"}]
[{"$f":"IF(I354<>\"\",1+MAX($A$6:A353),\"\")","v":290},"S-2.4","S-2.4",null,"(4\"x12\") Wooden Beam - 14'",2,{"v":0,"d":"0%"},2,"EA",{"v":165.62,"d":"$165.6"},{"v":331.24,"d":"$331.24"},{"v":152.88,"d":"$152.88"},{"v":305.76,"d":"$305.76"},{"v":318.5,"d":"$318.5"},{"v":637,"d":"$637"}]
[{"$f":"IF(I355<>\"\",1+MAX($A$6:A354),\"\")","v":291},"S-2.4","S-2.4",null,"(6\"x12\") Wooden Beam - 11'",1,{"v":0,"d":"0%"},1,"EA",{"v":233.20000000000002,"d":"$233.2"},{"$f":"J355*H355","v":{"v":233.20000000000002,"d":"$233.20"}},{"v":206.79999999999998,"d":"$206.80"},{"v":206.79999999999998,"d":"$206.80"},{"v":440,"d":"$440.0"},{"v":440,"d":"$440"}]
[{"$f":"IF(I356<>\"\",1+MAX($A$6:A355),\"\")","v":292},"S-2.4","S-2.4",null,"(4\"x6\") Wooden Beam - 4'",2,{"v":0,"d":"0%"},2,"EA",{"v":28.8,"d":"$28.80"},{"v":57.6,"d":"$57.60"},{"v":24.8,"d":"$24.80"},{"v":49.6,"d":"$49.60"},{"v":53.6,"d":"$53.6"},{"v":107.2,"d":"$107"}]
[{"$f":"IF(I357<>\"\",1+MAX($A$6:A356),\"\")","v":293},"S-2.4","S-2.4",null,"(2\"x12\") Cant Beam - 18'",8,{"v":0,"d":"0%"},8,"EA",{"v":75.16799999999999,"d":"$75.2"},{"v":601.3439999999999,"d":"$601.34"},{"v":54.431999999999995,"d":"$54.43"},{"v":435.45599999999996,"d":"$435.46"},{"v":129.6,"d":"$129.6"},{"v":1036.8,"d":"$1,037"}]
[{"$f":"IF(I358<>\"\",1+MAX($A$6:A357),\"\")","v":294},"S-2.4","S-2.4",null,"(6\"x12\") Cant Beam - 17'",1,{"v":0,"d":"0%"},1,"EA",{"v":360.40000000000003,"d":"$360.4"},{"$f":"J358*H358","v":{"v":360.40000000000003,"d":"$360.40"}},{"v":319.59999999999997,"d":"$319.60"},{"v":319.59999999999997,"d":"$319.60"},{"v":680,"d":"$680.0"},{"v":680,"d":"$680"}]
[{"$f":"IF(I359<>\"\",1+MAX($A$6:A358),\"\")","v":295},"S-2.4","S-2.4",null,"(2\"X12\") Struct Fascia - 37'",1,{"v":0,"d":"0%"},1,"EA",{"v":154.512,"d":"$154.5"},{"v":154.512,"d":"$154.51"},{"v":111.888,"d":"$111.89"},{"v":111.888,"d":"$111.89"},{"v":266.40000000000003,"d":"$266.4"},{"v":266.40000000000003,"d":"$266"}]
[{"$f":"IF(I360<>\"\",1+MAX($A$6:A359),\"\")","v":296},"S-2.4","S-2.4",null,"(6\"x10\") Wooden Header - 4'",1,{"v":0,"d":"0%"},1,"EA",{"v":60.76,"d":"$60.8"},{"v":60.76,"d":"$60.76"},{"v":37.24,"d":"$37.24"},{"v":37.24,"d":"$37.24"},{"v":98,"d":"$98.0"},{"v":98,"d":"$98"}]
[{"$f":"IF(I361<>\"\",1+MAX($A$6:A360),\"\")","v":297},"S-2.4","S-2.4",null,"(4\"x12\") Wooden Header - 12'",1,{"v":0,"d":"0%"},1,"EA",{"v":141.96,"d":"$142.0"},{"v":141.96,"d":"$141.96"},{"v":131.04,"d":"$131.04"},{"v":131.04,"d":"$131.04"},{"v":273,"d":"$273.0"},{"v":273,"d":"$273"}]
[{"$f":"IF(I362<>\"\",1+MAX($A$6:A361),\"\")","v":298},"S-2.4","S-2.4",null,"(6\"x6\") Wooden Header - 4'",1,{"v":0,"d":"0%"},1,"EA",{"v":46.5,"d":"$46.5"},{"v":46.5,"d":"$46.50"},{"v":28.5,"d":"$28.50"},{"v":28.5,"d":"$28.50"},{"v":75,"d":"$75.0"},{"v":75,"d":"$75"}]
[{"$f":"IF(I363<>\"\",1+MAX($A$6:A362),\"\")","v":""}]
[{"$f":"IF(I364<>\"\",1+MAX($A$6:A363),\"\")","v":""},{"$nulls":3},"ROOF RAFTER"]
[{"$f":"IF(I365<>\"\",1+MAX($A$6:A364),\"\")","v":299},"S-2.4","S-2.4",null,"(2\"X12\") DF#2 Roof Rafters @ 16\" O.C. @ 18.1'",27,{"v":0,"d":"0%"},{"$f":"F365*(1+G365)","v":27},"EA",{"v":75.58560000000001,"d":"$75.6"},{"$f":"J365*H365","v":{"v":2040.8112000000003,"d":"$2,040.81"}},{"v":54.73440000000001,"d":"$54.73"},{"$f":"L365*H365","v":{"v":1477.8288000000002,"d":"$1,477.83"}},{"v":130.32000000000002,"d":"$130.3"},{"$f":"N365*H365","v":{"v":3518.640000000001,"d":"$3,519"}}]
[{"$f":"IF(I366<>\"\",1+MAX($A$6:A365),\"\")","v":300},"S-2.4","S-2.4",null,"(2\"X12\") DF#2 Roof Rafters @ 16\" O.C. @ 16.03'",1,{"v":0,"d":"0%"},1,"EA",{"v":66.94128,"d":"$66.9"},{"v":66.94128,"d":"$66.94"},{"v":48.474720000000005,"d":"$48.47"},{"v":48.474720000000005,"d":"$48.47"},{"v":115.41600000000001,"d":"$115.4"},{"v":115.41600000000001,"d":"$115"}]
[{"$f":"IF(I367<>\"\",1+MAX($A$6:A366),\"\")","v":301},"S-2.4","S-2.4",null,"(2\"X12\") DF#2 Roof Rafters @ 16\" O.C. @ 4.32'",1,{"v":0,"d":"0%"},1,"EA",{"v":18.04032,"d":"$18.0"},{"v":18.04032,"d":"$18.04"},{"v":13.063680000000002,"d":"$13.06"},{"v":13.063680000000002,"d":"$13.06"},{"v":31.104000000000003,"d":"$31.1"},{"v":31.104000000000003,"d":"$31"}]
[{"$f":"IF(I368<>\"\",1+MAX($A$6:A367),\"\")","v":302},"S-2.4","S-2.4",null,"(2\"X12\") DF#2 Roof Rafters @ 16\" O.C. @ 12.45'",1,{"v":0,"d":"0%"},{"$f":"F368*(1+G368)","v":1},"EA",{"v":51.9912,"d":"$52.0"},{"v":51.9912,"d":"$51.99"},{"v":37.6488,"d":"$37.65"},{"v":37.6488,"d":"$37.65"},{"v":89.64,"d":"$89.6"},{"$f":"N368*H368","v":{"v":89.64,"d":"$90"}}]
[{"$f":"IF(I369<>\"\",1+MAX($A$6:A368),\"\")","v":303},"S-2.4","S-2.4",null,"(2\"X12\") DF#2 Roof Rafters @ 16\" O.C. @ 3.51'",1,{"v":0,"d":"0%"},1,"EA",{"v":14.657759999999998,"d":"$14.7"},{"v":14.657759999999998,"d":"$14.66"},{"v":10.614239999999999,"d":"$10.61"},{"v":10.614239999999999,"d":"$10.61"},{"v":25.272,"d":"$25.3"},{"v":25.272,"d":"$25"}]
[{"$f":"IF(I370<>\"\",1+MAX($A$6:A369),\"\")","v":304},"S-2.4","S-2.4",null,"(2\"X12\") DF#2 Roof Rafters @ 16\" O.C. @ 13.78'",1,{"v":0,"d":"0%"},1,"EA",{"v":57.54527999999999,"d":"$57.5"},{"v":57.54527999999999,"d":"$57.55"},{"v":41.670719999999996,"d":"$41.67"},{"v":41.670719999999996,"d":"$41.67"},{"v":99.216,"d":"$99.2"},{"v":99.216,"d":"$99"}]
[{"$f":"IF(I371<>\"\",1+MAX($A$6:A370),\"\")","v":305},"S-2.4","S-2.4",null,"(2\"X12\") DF#2 Roof Rafters @ 16\" O.C. @ 2.88'",1,{"v":0,"d":"0%"},1,"EA",{"v":12.02688,"d":"$12.0"},{"v":12.02688,"d":"$12.03"},{"v":8.70912,"d":"$8.71"},{"v":8.70912,"d":"$8.71"},{"v":20.736,"d":"$20.7"},{"v":20.736,"d":"$21"}]
[{"$f":"IF(I372<>\"\",1+MAX($A$6:A371),\"\")","v":306},"S-2.4","S-2.4",null,"(2\"X12\") DF#2 Roof Rafters @ 16\" O.C. @ 30.63'",1,{"v":0,"d":"0%"},1,"EA",{"v":127.91087999999999,"d":"$127.9"},{"v":127.91087999999999,"d":"$127.91"},{"v":92.62512,"d":"$92.63"},{"v":92.62512,"d":"$92.63"},{"v":220.536,"d":"$220.5"},{"v":220.536,"d":"$221"}]
[{"$f":"IF(I373<>\"\",1+MAX($A$6:A372),\"\")","v":307},"S-2.4","S-2.4",null,"(2\"X12\") DF#2 Roof Rafters @ 16\" O.C. @ 30'",1,{"v":0,"d":"0%"},1,"EA",{"v":125.27999999999999,"d":"$125.3"},{"v":125.27999999999999,"d":"$125.28"},{"v":90.72,"d":"$90.72"},{"v":90.72,"d":"$90.72"},{"v":216,"d":"$216.0"},{"v":216,"d":"$216"}]
[{"$f":"IF(I374<>\"\",1+MAX($A$6:A373),\"\")","v":308},"S-2.4","S-2.4",null,"(2\"X12\") DF#2 Roof Rafters @ 16\" O.C. @ 12.33'",1,{"v":0,"d":"0%"},1,"EA",{"v":51.49007999999999,"d":"$51.5"},{"v":51.49007999999999,"d":"$51.49"},{"v":37.28592,"d":"$37.29"},{"v":37.28592,"d":"$37.29"},{"v":88.776,"d":"$88.8"},{"v":88.776,"d":"$89"}]
[{"$f":"IF(I375<>\"\",1+MAX($A$6:A374),\"\")","v":309},"S-2.4","S-2.4",null,"(2\"X12\") DF#2 Roof Rafters @ 16\" O.C. @ 0.6'",1,{"v":0,"d":"0%"},1,"EA",{"v":2.5056,"d":"$2.5"},{"v":2.5056,"d":"$2.51"},{"v":1.8144,"d":"$1.81"},{"v":1.8144,"d":"$1.81"},{"v":4.32,"d":"$4.3"},{"v":4.32,"d":"$4"}]
[{"$f":"IF(I376<>\"\",1+MAX($A$6:A375),\"\")","v":310},"S-2.4","S-2.4",null,"(2\"X12\") DF#2 Roof Rafters @ 16\" O.C. @ 11.12'",2,{"v":0,"d":"0%"},2,"EA",{"v":46.43711999999999,"d":"$46.4"},{"v":92.87423999999999,"d":"$92.87"},{"v":33.62687999999999,"d":"$33.63"},{"v":67.25375999999999,"d":"$67.25"},{"v":80.064,"d":"$80.1"},{"v":160.128,"d":"$160"}]
[{"$f":"IF(I377<>\"\",1+MAX($A$6:A376),\"\")","v":311},"S-2.4","S-2.4",null,"(2\"X12\") DF#2 Roof Rafters @ 16\" O.C. @ 4.14'",1,{"v":0,"d":"0%"},1,"EA",{"v":17.288639999999997,"d":"$17.3"},{"v":17.288639999999997,"d":"$17.29"},{"v":12.519359999999999,"d":"$12.52"},{"v":12.519359999999999,"d":"$12.52"},{"v":29.808,"d":"$29.8"},{"v":29.808,"d":"$30"}]
[{"$f":"IF(I378<>\"\",1+MAX($A$6:A377),\"\")","v":312},"S-2.4","S-2.4",null,"(2\"X12\") DF#2 Roof Rafters @ 16\" O.C. @ 9.79'",1,{"v":0,"d":"0%"},1,"EA",{"v":40.883039999999994,"d":"$40.9"},{"v":40.883039999999994,"d":"$40.88"},{"v":29.60496,"d":"$29.60"},{"v":29.60496,"d":"$29.60"},{"v":70.488,"d":"$70.5"},{"v":70.488,"d":"$70"}]
[{"$f":"IF(I379<>\"\",1+MAX($A$6:A378),\"\")","v":313},"S-2.4","S-2.4",null,"(2\"X12\") DF#2 Roof Rafters @ 16\" O.C. @ 4.77'",1,{"v":0,"d":"0%"},1,"EA",{"v":19.91952,"d":"$19.9"},{"v":19.91952,"d":"$19.92"},{"v":14.424479999999999,"d":"$14.42"},{"v":14.424479999999999,"d":"$14.42"},{"v":34.344,"d":"$34.3"},{"v":34.344,"d":"$34"}]
[{"$f":"IF(I380<>\"\",1+MAX($A$6:A379),\"\")","v":314},"S-2.4","S-2.4",null,"(2\"X12\") DF#2 Roof Rafters @ 16\" O.C. @ 8.46'",1,{"v":0,"d":"0%"},1,"EA",{"v":35.32896,"d":"$35.3"},{"v":35.32896,"d":"$35.33"},{"v":25.58304,"d":"$25.58"},{"v":25.58304,"d":"$25.58"},{"v":60.912000000000006,"d":"$60.9"},{"v":60.912000000000006,"d":"$61"}]
[{"$f":"IF(I381<>\"\",1+MAX($A$6:A380),\"\")","v":315},"S-2.4","S-2.4",null,"(2\"X12\") DF#2 Roof Rafters @ 16\" O.C. @ 5.39'",1,{"v":0,"d":"0%"},1,"EA",{"v":22.50864,"d":"$22.5"},{"v":22.50864,"d":"$22.51"},{"v":16.29936,"d":"$16.30"},{"v":16.29936,"d":"$16.30"},{"v":38.808,"d":"$38.8"},{"v":38.808,"d":"$39"}]
[{"$f":"IF(I382<>\"\",1+MAX($A$6:A381),\"\")","v":316},"S-2.4","S-2.4",null,"(2\"X12\") DF#2 Roof Rafters @ 16\" O.C. @ 7.13'",1,{"v":0,"d":"0%"},1,"EA",{"v":29.774879999999996,"d":"$29.8"},{"v":29.774879999999996,"d":"$29.77"},{"v":21.56112,"d":"$21.56"},{"v":21.56112,"d":"$21.56"},{"v":51.336,"d":"$51.3"},{"v":51.336,"d":"$51"}]
[{"$f":"IF(I383<>\"\",1+MAX($A$6:A382),\"\")","v":317},"S-2.4","S-2.4",null,"(2\"X12\") DF#2 Roof Rafters @ 16\" O.C. @ 6.02'",1,{"v":0,"d":"0%"},1,"EA",{"v":25.139519999999997,"d":"$25.1"},{"v":25.139519999999997,"d":"$25.14"},{"v":18.20448,"d":"$18.20"},{"v":18.20448,"d":"$18.20"},{"v":43.344,"d":"$43.3"},{"v":43.344,"d":"$43"}]
[{"$f":"IF(I384<>\"\",1+MAX($A$6:A383),\"\")","v":318},"S-2.4","S-2.4",null,"(2\"X12\") DF#2 Roof Rafters @ 16\" O.C. @ 5.8'",1,{"v":0,"d":"0%"},1,"EA",{"v":24.220799999999997,"d":"$24.2"},{"v":24.220799999999997,"d":"$24.22"},{"v":17.539199999999997,"d":"$17.54"},{"v":17.539199999999997,"d":"$17.54"},{"v":41.76,"d":"$41.8"},{"v":41.76,"d":"$42"}]
[{"$f":"IF(I385<>\"\",1+MAX($A$6:A384),\"\")","v":319},"S-2.4","S-2.4",null,"(2\"X12\") DF#2 Roof Rafters @ 16\" O.C. @ 6.65'",1,{"v":0,"d":"0%"},1,"EA",{"v":27.7704,"d":"$27.8"},{"v":27.7704,"d":"$27.77"},{"v":20.1096,"d":"$20.11"},{"v":20.1096,"d":"$20.11"},{"v":47.88,"d":"$47.9"},{"v":47.88,"d":"$48"}]
[{"$f":"IF(I386<>\"\",1+MAX($A$6:A385),\"\")","v":320},"S-2.4","S-2.4",null,"(2\"X12\") DF#2 Roof Rafters @ 16\" O.C. @ 4.47'",1,{"v":0,"d":"0%"},1,"EA",{"v":18.666719999999998,"d":"$18.7"},{"v":18.666719999999998,"d":"$18.67"},{"v":13.517279999999998,"d":"$13.52"},{"v":13.517279999999998,"d":"$13.52"},{"v":32.184,"d":"$32.2"},{"v":32.184,"d":"$32"}]
[{"$f":"IF(I387<>\"\",1+MAX($A$6:A386),\"\")","v":321},"S-2.4","S-2.4",null,"(2\"X12\") DF#2 Roof Rafters @ 16\" O.C. @ 7.27'",2,{"v":0,"d":"0%"},2,"EA",{"v":30.35952,"d":"$30.4"},{"v":60.71904,"d":"$60.72"},{"v":21.98448,"d":"$21.98"},{"v":43.96896,"d":"$43.97"},{"v":52.344,"d":"$52.3"},{"v":104.688,"d":"$105"}]
[{"$f":"IF(I388<>\"\",1+MAX($A$6:A387),\"\")","v":322},"S-2.4","S-2.4",null,"(2\"X12\") DF#2 Roof Rafters @ 16\" O.C. @ 3.14'",1,{"v":0,"d":"0%"},1,"EA",{"v":13.112639999999999,"d":"$13.1"},{"v":13.112639999999999,"d":"$13.11"},{"v":9.49536,"d":"$9.50"},{"v":9.49536,"d":"$9.50"},{"v":22.608,"d":"$22.6"},{"v":22.608,"d":"$23"}]
[{"$f":"IF(I389<>\"\",1+MAX($A$6:A388),\"\")","v":323},"S-2.4","S-2.4",null,"(2\"X12\") DF#2 Roof Rafters @ 16\" O.C. @ 7.9'",1,{"v":0,"d":"0%"},1,"EA",{"v":32.9904,"d":"$33.0"},{"v":32.9904,"d":"$32.99"},{"v":23.8896,"d":"$23.89"},{"v":23.8896,"d":"$23.89"},{"v":56.88,"d":"$56.9"},{"v":56.88,"d":"$57"}]
[{"$f":"IF(I390<>\"\",1+MAX($A$6:A389),\"\")","v":324},"S-2.4","S-2.4",null,"(2\"X12\") DF#2 Roof Rafters @ 16\" O.C. @ 1.81'",1,{"v":0,"d":"0%"},1,"EA",{"v":7.558559999999999,"d":"$7.6"},{"v":7.558559999999999,"d":"$7.56"},{"v":5.47344,"d":"$5.47"},{"v":5.47344,"d":"$5.47"},{"v":13.032,"d":"$13.0"},{"v":13.032,"d":"$13"}]
[{"$f":"IF(I391<>\"\",1+MAX($A$6:A390),\"\")","v":325},"S-2.4","S-2.4",null,"(2\"X12\") DF#2 Roof Rafters @ 16\" O.C. @ 8.53'",1,{"v":0,"d":"0%"},1,"EA",{"v":35.62128,"d":"$35.6"},{"v":35.62128,"d":"$35.62"},{"v":25.794719999999998,"d":"$25.79"},{"v":25.794719999999998,"d":"$25.79"},{"v":61.416,"d":"$61.4"},{"v":61.416,"d":"$61"}]
[{"$f":"IF(I392<>\"\",1+MAX($A$6:A391),\"\")","v":326},"S-2.4","S-2.4",null,"(2\"X12\") DF#2 Roof Rafters @ 16\" O.C. @ 0.48'",1,{"v":0,"d":"0%"},1,"EA",{"v":2.00448,"d":"$2.0"},{"v":2.00448,"d":"$2.00"},{"v":1.45152,"d":"$1.45"},{"v":1.45152,"d":"$1.45"},{"v":3.456,"d":"$3.5"},{"v":3.456,"d":"$3"}]
[{"$f":"IF(I393<>\"\",1+MAX($A$6:A392),\"\")","v":327},"S-2.4","S-2.4",null,"(2\"X12\") DF#2 Roof Rafters @ 16\" O.C. @ 9.15'",1,{"v":0,"d":"0%"},1,"EA",{"v":38.2104,"d":"$38.2"},{"v":38.2104,"d":"$38.21"},{"v":27.669600000000003,"d":"$27.67"},{"v":27.669600000000003,"d":"$27.67"},{"v":65.88000000000001,"d":"$65.9"},{"v":65.88000000000001,"d":"$66"}]
[{"$f":"IF(I394<>\"\",1+MAX($A$6:A393),\"\")","v":328},"S-2.4","S-2.4",null,"(2\"X12\") DF#2 Roof Rafters @ 16\" O.C. @ 8.69'",1,{"v":0,"d":"0%"},1,"EA",{"v":36.28944,"d":"$36.3"},{"v":36.28944,"d":"$36.29"},{"v":26.27856,"d":"$26.28"},{"v":26.27856,"d":"$26.28"},{"v":62.568,"d":"$62.6"},{"v":62.568,"d":"$63"}]
[{"$f":"IF(I395<>\"\",1+MAX($A$6:A394),\"\")","v":329},"S-2.4","S-2.4",null,"(2\"X12\") DF#2 Roof Rafters @ 16\" O.C. @ 7.98'",1,{"v":0,"d":"0%"},1,"EA",{"v":33.32448,"d":"$33.3"},{"v":33.32448,"d":"$33.32"},{"v":24.131520000000002,"d":"$24.13"},{"v":24.131520000000002,"d":"$24.13"},{"v":57.456,"d":"$57.5"},{"v":57.456,"d":"$57"}]
[{"$f":"IF(I396<>\"\",1+MAX($A$6:A395),\"\")","v":330},"S-2.4","S-2.4",null,"(2\"X12\") DF#2 Roof Rafters @ 16\" O.C. @ 6.55'",1,{"v":0,"d":"0%"},{"$f":"F396*(1+G396)","v":1},"EA",{"v":27.352799999999995,"d":"$27.4"},{"v":27.352799999999995,"d":"$27.35"},{"v":19.807199999999998,"d":"$19.81"},{"v":19.807199999999998,"d":"$19.81"},{"v":47.16,"d":"$47.2"},{"$f":"N396*H396","v":{"v":47.16,"d":"$47"}}]
[{"$f":"IF(I397<>\"\",1+MAX($A$6:A396),\"\")","v":331},"S-2.4","S-2.4",null,"(2\"X12\") DF#2 Roof Rafters @ 16\" O.C. @ 5.84'",1,{"v":0,"d":"0%"},1,"EA",{"v":24.38784,"d":"$24.4"},{"v":24.38784,"d":"$24.39"},{"v":17.66016,"d":"$17.66"},{"v":17.66016,"d":"$17.66"},{"v":42.048,"d":"$42.0"},{"v":42.048,"d":"$42"}]
[{"$f":"IF(I398<>\"\",1+MAX($A$6:A397),\"\")","v":332},"S-2.4","S-2.4",null,"(2\"X12\") DF#2 Roof Rafters @ 16\" O.C. @ 5.13'",1,{"v":0,"d":"0%"},1,"EA",{"v":21.42288,"d":"$21.4"},{"v":21.42288,"d":"$21.42"},{"v":15.513119999999999,"d":"$15.51"},{"v":15.513119999999999,"d":"$15.51"},{"v":36.936,"d":"$36.9"},{"v":36.936,"d":"$37"}]
[{"$f":"IF(I399<>\"\",1+MAX($A$6:A398),\"\")","v":333},"S-2.4","S-2.4",null,"(2\"X12\") DF#2 Roof Rafters @ 16\" O.C. @ 4.42'",1,{"v":0,"d":"0%"},1,"EA",{"v":18.45792,"d":"$18.5"},{"v":18.45792,"d":"$18.46"},{"v":13.36608,"d":"$13.37"},{"v":13.36608,"d":"$13.37"},{"v":31.824,"d":"$31.8"},{"v":31.824,"d":"$32"}]
[{"$f":"IF(I400<>\"\",1+MAX($A$6:A399),\"\")","v":334},"S-2.4","S-2.4",null,"(2\"X12\") DF#2 Roof Rafters @ 16\" O.C. @ 3.7'",1,{"v":0,"d":"0%"},1,"EA",{"v":15.4512,"d":"$15.5"},{"v":15.4512,"d":"$15.45"},{"v":11.1888,"d":"$11.19"},{"v":11.1888,"d":"$11.19"},{"v":26.64,"d":"$26.6"},{"v":26.64,"d":"$27"}]
[{"$f":"IF(I401<>\"\",1+MAX($A$6:A400),\"\")","v":335},"S-2.4","S-2.4",null,"(2\"X12\") DF#2 Roof Rafters @ 16\" O.C. @ 2.99'",1,{"v":0,"d":"0%"},{"$f":"F401*(1+G401)","v":1},"EA",{"v":12.48624,"d":"$12.5"},{"v":12.48624,"d":"$12.49"},{"v":9.04176,"d":"$9.04"},{"v":9.04176,"d":"$9.04"},{"v":21.528000000000002,"d":"$21.5"},{"$f":"N401*H401","v":{"v":21.528000000000002,"d":"$22"}}]
[{"$f":"IF(I402<>\"\",1+MAX($A$6:A401),\"\")","v":336},"S-2.4","S-2.4",null,"(2\"X12\") DF#2 Roof Rafters @ 16\" O.C. @ 2.28'",1,{"v":0,"d":"0%"},{"$f":"F402*(1+G402)","v":1},"EA",{"v":9.521279999999999,"d":"$9.5"},{"v":9.521279999999999,"d":"$9.52"},{"v":6.8947199999999995,"d":"$6.89"},{"v":6.8947199999999995,"d":"$6.89"},{"v":16.416,"d":"$16.4"},{"$f":"N402*H402","v":{"v":16.416,"d":"$16"}}]
[{"$f":"IF(I403<>\"\",1+MAX($A$6:A402),\"\")","v":337},"S-2.4","S-2.4",null,"(2\"X12\") DF#2 Roof Rafters @ 16\" O.C. @ 1.57'",1,{"v":0,"d":"0%"},1,"EA",{"v":6.5563199999999995,"d":"$6.6"},{"v":6.5563199999999995,"d":"$6.56"},{"v":4.74768,"d":"$4.75"},{"v":4.74768,"d":"$4.75"},{"v":11.304,"d":"$11.3"},{"v":11.304,"d":"$11"}]
[{"$f":"IF(I404<>\"\",1+MAX($A$6:A403),\"\")","v":338},"S-2.4","S-2.4",null,"(2\"X12\") DF#2 Roof Rafters @ 16\" O.C. @ 13.17'",1,{"v":0,"d":"0%"},1,"EA",{"v":54.99791999999999,"d":"$55.0"},{"v":54.99791999999999,"d":"$55.00"},{"v":39.82608,"d":"$39.83"},{"v":39.82608,"d":"$39.83"},{"v":94.824,"d":"$94.8"},{"v":94.824,"d":"$95"}]
[{"$f":"IF(I405<>\"\",1+MAX($A$6:A404),\"\")","v":339},"S-2.4","S-2.4",null,"(2\"X12\") DF#2 Roof Rafters @ 16\" O.C. @ 9.08'",1,{"v":0,"d":"0%"},1,"EA",{"v":37.91808,"d":"$37.9"},{"v":37.91808,"d":"$37.92"},{"v":27.45792,"d":"$27.46"},{"v":27.45792,"d":"$27.46"},{"v":65.376,"d":"$65.4"},{"v":65.376,"d":"$65"}]
[{"$f":"IF(I406<>\"\",1+MAX($A$6:A405),\"\")","v":340},"S-2.4","S-2.4",null,"(2\"X12\") DF#2 Roof Rafters @ 16\" O.C. @ 7.04'",1,{"v":0,"d":"0%"},1,"EA",{"v":29.39904,"d":"$29.4"},{"v":29.39904,"d":"$29.40"},{"v":21.28896,"d":"$21.29"},{"v":21.28896,"d":"$21.29"},{"v":50.688,"d":"$50.7"},{"v":50.688,"d":"$51"}]
[{"$f":"IF(I407<>\"\",1+MAX($A$6:A406),\"\")","v":341},"S-2.4","S-2.4",null,"(2\"X12\") DF#2 Roof Rafters @ 16\" O.C. @ 5'",1,{"v":0,"d":"0%"},1,"EA",{"v":20.88,"d":"$20.9"},{"v":20.88,"d":"$20.88"},{"v":15.12,"d":"$15.12"},{"v":15.12,"d":"$15.12"},{"v":36,"d":"$36.0"},{"v":36,"d":"$36"}]
[{"$f":"IF(I408<>\"\",1+MAX($A$6:A407),\"\")","v":342},"S-2.4","S-2.4",null,"(2\"X12\") DF#2 Roof Rafters @ 16\" O.C. @ 2.95'",1,{"v":0,"d":"0%"},1,"EA",{"v":12.3192,"d":"$12.3"},{"v":12.3192,"d":"$12.32"},{"v":8.9208,"d":"$8.92"},{"v":8.9208,"d":"$8.92"},{"v":21.240000000000002,"d":"$21.2"},{"v":21.240000000000002,"d":"$21"}]
[{"$f":"IF(I409<>\"\",1+MAX($A$6:A408),\"\")","v":343},"S-2.4","S-2.4",null,"(2\"X12\") DF#2 Roof Rafters @ 16\" O.C. @ 0.91'",1,{"v":0,"d":"0%"},1,"EA",{"v":3.80016,"d":"$3.8"},{"v":3.80016,"d":"$3.80"},{"v":2.75184,"d":"$2.75"},{"v":2.75184,"d":"$2.75"},{"v":6.5520000000000005,"d":"$6.6"},{"v":6.5520000000000005,"d":"$7"}]
[{"$f":"IF(I410<>\"\",1+MAX($A$6:A409),\"\")","v":344},"S-2.4","S-2.4",null,"(2\"X12\") DF#2 Roof Rafters @ 16\" O.C. @ 29.59'",10,{"v":0,"d":"0%"},10,"EA",{"v":123.56783999999999,"d":"$123.6"},{"v":1235.6783999999998,"d":"$1,235.68"},{"v":89.48016,"d":"$89.48"},{"v":894.8016,"d":"$894.80"},{"v":213.048,"d":"$213.0"},{"v":2130.48,"d":"$2,130"}]
[{"$f":"IF(I411<>\"\",1+MAX($A$6:A410),\"\")","v":345},"S-2.4","S-2.4",null,"(2\"X12\") DF#2 Roof Rafters @ 16\" O.C. @ 10.18'",1,{"v":0,"d":"0%"},1,"EA",{"v":42.51168,"d":"$42.5"},{"v":42.51168,"d":"$42.51"},{"v":30.78432,"d":"$30.78"},{"v":30.78432,"d":"$30.78"},{"v":73.296,"d":"$73.3"},{"v":73.296,"d":"$73"}]
[{"$f":"IF(I412<>\"\",1+MAX($A$6:A411),\"\")","v":346},"S-2.4","S-2.4",null,"(2\"X12\") DF#2 Roof Rafters @ 16\" O.C. @ 8.55'",1,{"v":0,"d":"0%"},1,"EA",{"v":35.704800000000006,"d":"$35.7"},{"v":35.704800000000006,"d":"$35.70"},{"v":25.855200000000004,"d":"$25.86"},{"v":25.855200000000004,"d":"$25.86"},{"v":61.56000000000001,"d":"$61.6"},{"v":61.56000000000001,"d":"$62"}]
[{"$f":"IF(I413<>\"\",1+MAX($A$6:A412),\"\")","v":347},"S-2.4","S-2.4",null,"(2\"X12\") DF#2 Roof Rafters @ 16\" O.C. @ 6.92'",1,{"v":0,"d":"0%"},1,"EA",{"v":28.897919999999996,"d":"$28.9"},{"v":28.897919999999996,"d":"$28.90"},{"v":20.92608,"d":"$20.93"},{"v":20.92608,"d":"$20.93"},{"v":49.824,"d":"$49.8"},{"v":49.824,"d":"$50"}]
[{"$f":"IF(I414<>\"\",1+MAX($A$6:A413),\"\")","v":348},"S-2.4","S-2.4",null,"(2\"X12\") DF#2 Roof Rafters @ 16\" O.C. @ 5.29'",1,{"v":0,"d":"0%"},1,"EA",{"v":22.09104,"d":"$22.1"},{"v":22.09104,"d":"$22.09"},{"v":15.99696,"d":"$16.00"},{"v":15.99696,"d":"$16.00"},{"v":38.088,"d":"$38.1"},{"v":38.088,"d":"$38"}]
[{"$f":"IF(I415<>\"\",1+MAX($A$6:A414),\"\")","v":349},"S-2.4","S-2.4",null,"(2\"X12\") DF#2 Roof Rafters @ 16\" O.C. @ 3.65'",1,{"v":0,"d":"0%"},1,"EA",{"v":15.2424,"d":"$15.2"},{"v":15.2424,"d":"$15.24"},{"v":11.0376,"d":"$11.04"},{"v":11.0376,"d":"$11.04"},{"v":26.28,"d":"$26.3"},{"v":26.28,"d":"$26"}]
[{"$f":"IF(I416<>\"\",1+MAX($A$6:A415),\"\")","v":350},"S-2.4","S-2.4",null,"(2\"X12\") DF#2 Roof Rafters @ 16\" O.C. @ 2.02'",1,{"v":0,"d":"0%"},1,"EA",{"v":8.43552,"d":"$8.4"},{"v":8.43552,"d":"$8.44"},{"v":6.10848,"d":"$6.11"},{"v":6.10848,"d":"$6.11"},{"v":14.544,"d":"$14.5"},{"v":14.544,"d":"$15"}]
[{"$f":"IF(I417<>\"\",1+MAX($A$6:A416),\"\")","v":351},"S-2.4","S-2.4",null,"(2\"X12\") DF#2 Roof Rafters @ 16\" O.C. @ 0.39'",1,{"v":0,"d":"0%"},1,"EA",{"v":1.62864,"d":"$1.6"},{"v":1.62864,"d":"$1.63"},{"v":1.17936,"d":"$1.18"},{"v":1.17936,"d":"$1.18"},{"v":2.8080000000000003,"d":"$2.8"},{"v":2.8080000000000003,"d":"$3"}]
[{"$f":"IF(I418<>\"\",1+MAX($A$6:A417),\"\")","v":352},"S-2.4","S-2.4",null,"(2\"X12\") DF#2 Roof Rafters @ 16\" O.C. @ 41.26'",1,{"v":0,"d":"0%"},1,"EA",{"v":172.30176,"d":"$172.3"},{"v":172.30176,"d":"$172.30"},{"v":124.77024,"d":"$124.77"},{"v":124.77024,"d":"$124.77"},{"v":297.072,"d":"$297.1"},{"v":297.072,"d":"$297"}]
[{"$f":"IF(I419<>\"\",1+MAX($A$6:A418),\"\")","v":353},"S-2.4","S-2.4",null,"(2\"X12\") DF#2 Roof Rafters @ 16\" O.C. @ 40.23'",1,{"v":0,"d":"0%"},1,"EA",{"v":168.00047999999998,"d":"$168.0"},{"v":168.00047999999998,"d":"$168.00"},{"v":121.65552,"d":"$121.66"},{"v":121.65552,"d":"$121.66"},{"v":289.656,"d":"$289.7"},{"v":289.656,"d":"$290"}]
[{"$f":"IF(I420<>\"\",1+MAX($A$6:A419),\"\")","v":354},"S-2.4","S-2.4",null,"(2\"X12\") DF#2 Roof Rafters @ 16\" O.C. @ 39.2'",1,{"v":0,"d":"0%"},1,"EA",{"v":163.6992,"d":"$163.7"},{"v":163.6992,"d":"$163.70"},{"v":118.5408,"d":"$118.54"},{"v":118.5408,"d":"$118.54"},{"v":282.24,"d":"$282.2"},{"v":282.24,"d":"$282"}]
[{"$f":"IF(I421<>\"\",1+MAX($A$6:A420),\"\")","v":355},"S-2.4","S-2.4",null,"(2\"X12\") DF#2 Roof Rafters @ 16\" O.C. @ 38.17'",1,{"v":0,"d":"0%"},1,"EA",{"v":159.39792,"d":"$159.4"},{"v":159.39792,"d":"$159.40"},{"v":115.42608,"d":"$115.43"},{"v":115.42608,"d":"$115.43"},{"v":274.824,"d":"$274.8"},{"v":274.824,"d":"$275"}]
[{"$f":"IF(I422<>\"\",1+MAX($A$6:A421),\"\")","v":356},"S-2.4","S-2.4",null,"(2\"X12\") DF#2 Roof Rafters @ 16\" O.C. @ 37.15'",1,{"v":0,"d":"0%"},1,"EA",{"v":155.1384,"d":"$155.1"},{"v":155.1384,"d":"$155.14"},{"v":112.3416,"d":"$112.34"},{"v":112.3416,"d":"$112.34"},{"v":267.48,"d":"$267.5"},{"v":267.48,"d":"$267"}]
[{"$f":"IF(I423<>\"\",1+MAX($A$6:A422),\"\")","v":357},"S-2.4","S-2.4",null,"(2\"X12\") DF#2 Roof Rafters @ 16\" O.C. @ 36.12'",1,{"v":0,"d":"0%"},1,"EA",{"v":150.83711999999997,"d":"$150.8"},{"v":150.83711999999997,"d":"$150.84"},{"v":109.22687999999998,"d":"$109.23"},{"v":109.22687999999998,"d":"$109.23"},{"v":260.06399999999996,"d":"$260.1"},{"v":260.06399999999996,"d":"$260"}]
[{"$f":"IF(I424<>\"\",1+MAX($A$6:A423),\"\")","v":358},"S-2.4","S-2.4",null,"(2\"X12\") DF#2 Roof Rafters @ 16\" O.C. @ 35.09'",1,{"v":0,"d":"0%"},1,"EA",{"v":146.53584,"d":"$146.5"},{"v":146.53584,"d":"$146.54"},{"v":106.11216,"d":"$106.11"},{"v":106.11216,"d":"$106.11"},{"v":252.64800000000002,"d":"$252.6"},{"v":252.64800000000002,"d":"$253"}]
[{"$f":"IF(I425<>\"\",1+MAX($A$6:A424),\"\")","v":359},"S-2.4","S-2.4",null,"(2\"X12\") DF#2 Roof Rafters @ 16\" O.C. @ 34.07'",1,{"v":0,"d":"0%"},1,"EA",{"v":142.27632,"d":"$142.3"},{"v":142.27632,"d":"$142.28"},{"v":103.02768,"d":"$103.03"},{"v":103.02768,"d":"$103.03"},{"v":245.304,"d":"$245.3"},{"v":245.304,"d":"$245"}]
[{"$f":"IF(I426<>\"\",1+MAX($A$6:A425),\"\")","v":360},"S-2.4","S-2.4",null,"(2\"X12\") DF#2 Roof Rafters @ 16\" O.C. @ 33.04'",1,{"v":0,"d":"0%"},1,"EA",{"v":137.97504,"d":"$138.0"},{"v":137.97504,"d":"$137.98"},{"v":99.91296,"d":"$99.91"},{"v":99.91296,"d":"$99.91"},{"v":237.888,"d":"$237.9"},{"v":237.888,"d":"$238"}]
[{"$f":"IF(I427<>\"\",1+MAX($A$6:A426),\"\")","v":361},"S-2.4","S-2.4",null,"(2\"X12\") DF#2 Roof Rafters @ 16\" O.C. @ 32.01'",1,{"v":0,"d":"0%"},1,"EA",{"v":133.67376,"d":"$133.7"},{"v":133.67376,"d":"$133.67"},{"v":96.79823999999999,"d":"$96.80"},{"v":96.79823999999999,"d":"$96.80"},{"v":230.47199999999998,"d":"$230.5"},{"v":230.47199999999998,"d":"$230"}]
[{"$f":"IF(I428<>\"\",1+MAX($A$6:A427),\"\")","v":362},"S-2.4","S-2.4",null,"(2\"X12\") DF#2 Roof Rafters @ 16\" O.C. @ 30.98'",1,{"v":0,"d":"0%"},1,"EA",{"v":129.37248,"d":"$129.4"},{"v":129.37248,"d":"$129.37"},{"v":93.68352,"d":"$93.68"},{"v":93.68352,"d":"$93.68"},{"v":223.056,"d":"$223.1"},{"v":223.056,"d":"$223"}]
[{"$f":"IF(I429<>\"\",1+MAX($A$6:A428),\"\")","v":363},"S-2.4","S-2.4",null,"(2\"X12\") DF#2 Roof Rafters @ 16\" O.C. @ 29.96'",1,{"v":0,"d":"0%"},1,"EA",{"v":125.11296,"d":"$125.1"},{"$f":"J429*H429","v":{"v":125.11296,"d":"$125.11"}},{"v":90.59904,"d":"$90.60"},{"$f":"L429*H429","v":{"v":90.59904,"d":"$90.60"}},{"v":215.71200000000002,"d":"$215.7"},{"v":215.71200000000002,"d":"$216"}]
[{"$f":"IF(I430<>\"\",1+MAX($A$6:A429),\"\")","v":364},"S-2.4","S-2.4",null,"(2\"X12\") DF#2 Roof Rafters @ 16\" O.C. @ 10.76'",1,{"v":0,"d":"0%"},1,"EA",{"v":44.93375999999999,"d":"$44.9"},{"v":44.93375999999999,"d":"$44.93"},{"v":32.538239999999995,"d":"$32.54"},{"v":32.538239999999995,"d":"$32.54"},{"v":77.472,"d":"$77.5"},{"v":77.472,"d":"$77"}]
[{"$f":"IF(I431<>\"\",1+MAX($A$6:A430),\"\")","v":365},"S-2.4","S-2.4",null,"(2\"X12\") DF#2 Roof Rafters @ 16\" O.C. @ 10.01'",1,{"v":0,"d":"0%"},1,"EA",{"v":41.80176,"d":"$41.8"},{"v":41.80176,"d":"$41.80"},{"v":30.27024,"d":"$30.27"},{"v":30.27024,"d":"$30.27"},{"v":72.072,"d":"$72.1"},{"v":72.072,"d":"$72"}]
[{"$f":"IF(I432<>\"\",1+MAX($A$6:A431),\"\")","v":366},"S-2.4","S-2.4",null,"(2\"X12\") DF#2 Roof Rafters @ 16\" O.C. @ 9.25'",1,{"v":0,"d":"0%"},1,"EA",{"v":38.628,"d":"$38.6"},{"v":38.628,"d":"$38.63"},{"v":27.972,"d":"$27.97"},{"v":27.972,"d":"$27.97"},{"v":66.60000000000001,"d":"$66.6"},{"v":66.60000000000001,"d":"$67"}]
[{"$f":"IF(I433<>\"\",1+MAX($A$6:A432),\"\")","v":367},"S-2.4","S-2.4",null,"(2\"X12\") DF#2 Roof Rafters @ 16\" O.C. @ 8.5'",1,{"v":0,"d":"0%"},1,"EA",{"v":35.496,"d":"$35.5"},{"v":35.496,"d":"$35.50"},{"v":25.704,"d":"$25.70"},{"v":25.704,"d":"$25.70"},{"v":61.2,"d":"$61.2"},{"v":61.2,"d":"$61"}]
[{"$f":"IF(I434<>\"\",1+MAX($A$6:A433),\"\")","v":368},"S-2.4","S-2.4",null,"(2\"X12\") DF#2 Roof Rafters @ 16\" O.C. @ 7.75'",1,{"v":0,"d":"0%"},{"$f":"F434*(1+G434)","v":1},"EA",{"v":32.364,"d":"$32.4"},{"v":32.364,"d":"$32.36"},{"v":23.436,"d":"$23.44"},{"v":23.436,"d":"$23.44"},{"v":55.800000000000004,"d":"$55.8"},{"$f":"N434*H434","v":{"v":55.800000000000004,"d":"$56"}}]
[{"$f":"IF(I435<>\"\",1+MAX($A$6:A434),\"\")","v":369},"S-2.4","S-2.4",null,"(2\"X12\") DF#2 Roof Rafters @ 16\" O.C. @ 7'",1,{"v":0,"d":"0%"},1,"EA",{"v":29.231999999999996,"d":"$29.2"},{"v":29.231999999999996,"d":"$29.23"},{"v":21.168,"d":"$21.17"},{"v":21.168,"d":"$21.17"},{"v":50.4,"d":"$50.4"},{"v":50.4,"d":"$50"}]
[{"$f":"IF(I436<>\"\",1+MAX($A$6:A435),\"\")","v":370},"S-2.4","S-2.4",null,"(2\"X12\") DF#2 Roof Rafters @ 16\" O.C. @ 6.25'",1,{"v":0,"d":"0%"},1,"EA",{"v":26.099999999999998,"d":"$26.1"},{"v":26.099999999999998,"d":"$26.10"},{"v":18.9,"d":"$18.90"},{"v":18.9,"d":"$18.90"},{"v":45,"d":"$45.0"},{"v":45,"d":"$45"}]
[{"$f":"IF(I437<>\"\",1+MAX($A$6:A436),\"\")","v":371},"S-2.4","S-2.4",null,"(2\"X12\") DF#2 Roof Rafters @ 16\" O.C. @ 5.5'",1,{"v":0,"d":"0%"},1,"EA",{"v":22.968,"d":"$23.0"},{"v":22.968,"d":"$22.97"},{"v":16.632,"d":"$16.63"},{"v":16.632,"d":"$16.63"},{"v":39.6,"d":"$39.6"},{"v":39.6,"d":"$40"}]
[{"$f":"IF(I438<>\"\",1+MAX($A$6:A437),\"\")","v":372},"S-2.4","S-2.4",null,"(2\"X12\") DF#2 Roof Rafters @ 16\" O.C. @ 4.75'",1,{"v":0,"d":"0%"},1,"EA",{"v":19.836,"d":"$19.8"},{"v":19.836,"d":"$19.84"},{"v":14.364,"d":"$14.36"},{"v":14.364,"d":"$14.36"},{"v":34.2,"d":"$34.2"},{"v":34.2,"d":"$34"}]
[{"$f":"IF(I439<>\"\",1+MAX($A$6:A438),\"\")","v":373},"S-2.4","S-2.4",null,"(2\"X12\") DF#2 Roof Rafters @ 16\" O.C. @ 4'",1,{"v":0,"d":"0%"},1,"EA",{"v":16.704,"d":"$16.7"},{"v":16.704,"d":"$16.70"},{"v":12.096,"d":"$12.10"},{"v":12.096,"d":"$12.10"},{"v":28.8,"d":"$28.8"},{"v":28.8,"d":"$29"}]
[{"$f":"IF(I440<>\"\",1+MAX($A$6:A439),\"\")","v":374},"S-2.4","S-2.4",null,"(2\"X12\") DF#2 Roof Rafters @ 16\" O.C. @ 3.25'",1,{"v":0,"d":"0%"},1,"EA",{"v":13.572000000000001,"d":"$13.6"},{"v":13.572000000000001,"d":"$13.57"},{"v":9.828000000000001,"d":"$9.83"},{"v":9.828000000000001,"d":"$9.83"},{"v":23.400000000000002,"d":"$23.4"},{"v":23.400000000000002,"d":"$23"}]
[{"$f":"IF(I441<>\"\",1+MAX($A$6:A440),\"\")","v":375},"S-2.4","S-2.4",null,"(2\"X12\") DF#2 Roof Rafters @ 16\" O.C. @ 2.5'",1,{"v":0,"d":"0%"},1,"EA",{"v":10.44,"d":"$10.4"},{"v":10.44,"d":"$10.44"},{"v":7.56,"d":"$7.56"},{"v":7.56,"d":"$7.56"},{"v":18,"d":"$18.0"},{"v":18,"d":"$18"}]
[{"$f":"IF(I442<>\"\",1+MAX($A$6:A441),\"\")","v":376},"S-2.4","S-2.4",null,"(2\"X12\") DF#2 Roof Rafters @ 16\" O.C. @ 1.75'",1,{"v":0,"d":"0%"},1,"EA",{"v":7.307999999999999,"d":"$7.3"},{"v":7.307999999999999,"d":"$7.31"},{"v":5.292,"d":"$5.29"},{"v":5.292,"d":"$5.29"},{"v":12.6,"d":"$12.6"},{"v":12.6,"d":"$13"}]
[{"$f":"IF(I443<>\"\",1+MAX($A$6:A442),\"\")","v":""}]
[{"$f":"IF(I444<>\"\",1+MAX($A$6:A443),\"\")","v":""},{"$nulls":3},"WOODEN POST"]
[{"$f":"IF(I445<>\"\",1+MAX($A$6:A444),\"\")","v":377},"S-2.4","S-2.4",null,"(6\"x6\") Wooden Post - 10' High",10,{"v":0,"d":"0%"},{"$f":"F445*(1+G445)","v":10},"EA",{"v":116.25,"d":"$116.3"},{"$f":"J445*H445","v":{"v":1162.5,"d":"$1,162.50"}},{"v":71.25,"d":"$71.25"},{"$f":"L445*H445","v":{"v":712.5,"d":"$712.50"}},{"v":187.5,"d":"$187.5"},{"$f":"N445*H445","v":{"v":1875,"d":"$1,875"}}]
[{"$f":"IF(I446<>\"\",1+MAX($A$6:A445),\"\")","v":378},"S-2.4","S-2.4",null,"(4\"x10\") Wooden Post- 10' High",2,{"v":0,"d":"0%"},{"$f":"F446*(1+G446)","v":2},"EA",{"v":73,"d":"$73.0"},{"v":146,"d":"$146.00"},{"v":68,"d":"$68.00"},{"v":136,"d":"$136.00"},{"v":141,"d":"$141.0"},{"$f":"N446*H446","v":{"v":282,"d":"$282"}}]
[{"$f":"IF(I447<>\"\",1+MAX($A$6:A446),\"\")","v":379},"S-2.4","S-2.4",null,"(4\"x6\") Wooden Post- 10' High",6,{"v":0,"d":"0%"},6,"EA",{"v":72,"d":"$72.00"},{"$f":"J447*H447","v":{"v":432,"d":"$432.00"}},{"v":62,"d":"$62.00"},{"$f":"L447*H447","v":{"v":372,"d":"$372.00"}},{"v":134,"d":"$134.0"},{"v":804,"d":"$804"}]
[{"$f":"IF(I448<>\"\",1+MAX($A$6:A447),\"\")","v":""}]
[{"$f":"IF(I449<>\"\",1+MAX($A$6:A448),\"\")","v":""},{"$nulls":3},"FRAMING MISC."]
[{"$f":"IF(I450<>\"\",1+MAX($A$6:A449),\"\")","v":380},"S-2.4","S-2.4",null,"CMST14 Strap",{"v":34.67,"d":"35"},{"v":0.1,"d":"10%"},{"$f":"F450*(1+G450)","v":{"v":38.13700000000001,"d":"38"}},"LF",{"v":2.66,"d":"$2.66"},{"$f":"J450*H450","v":{"v":101.44442000000002,"d":"$101.44"}},{"v":4.34,"d":"$4.34"},{"$f":"L450*H450","v":{"v":165.51458000000002,"d":"$165.51"}},{"v":7,"d":"$7.0"},{"$f":"N450*H450","v":{"v":266.95900000000006,"d":"$267"}}]
[{"$f":"IF(I451<>\"\",1+MAX($A$6:A450),\"\")","v":381},"S-2.4","S-2.4",null,"CMSTC 16 Strap",{"v":21.3,"d":"21"},{"v":0.1,"d":"10%"},{"$f":"F451*(1+G451)","v":{"v":23.430000000000003,"d":"23"}},"LF",{"v":3.04,"d":"$3.04"},{"$f":"J451*H451","v":{"v":71.22720000000001,"d":"$71.23"}},{"v":4.96,"d":"$4.96"},{"$f":"L451*H451","v":{"v":116.21280000000002,"d":"$116.21"}},{"v":8,"d":"$8.0"},{"$f":"N451*H451","v":{"v":187.44000000000003,"d":"$187"}}]
[{"$f":"IF(I452<>\"\",1+MAX($A$6:A451),\"\")","v":382},"S-2.4","S-2.4",null,"4\"X8\" Blocking @ 10' O.C.",{"v":23.6,"d":"24"},{"v":0.1,"d":"10%"},{"v":25.960000000000004,"d":"26"},"LF",{"v":7.261,"d":"$7.26"},{"$f":"J452*H452","v":{"v":188.49556000000004,"d":"$188.50"}},{"v":6.438999999999999,"d":"$6.44"},{"$f":"L452*H452","v":{"v":167.15644,"d":"$167.16"}},{"v":13.7,"d":"$13.7"},{"v":355.65200000000004,"d":"$356"}]
[{"$f":"IF(I453<>\"\",1+MAX($A$6:A452),\"\")","v":383},"S-2.4","S-2.4",null,"CS14 Strap",{"v":63.44,"d":"63"},{"v":0.1,"d":"10%"},{"v":69.784,"d":"70"},"LF",{"v":2.66,"d":"$2.66"},{"$f":"J453*H453","v":{"v":185.62544000000003,"d":"$185.63"}},{"v":4.34,"d":"$4.34"},{"$f":"L453*H453","v":{"v":302.86256000000003,"d":"$302.86"}},{"v":7,"d":"$7.0"},{"v":488.48800000000006,"d":"$488"}]
[{"$f":"IF(I454<>\"\",1+MAX($A$6:A453),\"\")","v":384},"S-2.4","S-2.4",null,"4\"X8\" Blocking @ 10' O.C.",{"$f":"2200.23/10","v":{"v":220.023,"d":"220"}},{"v":0.1,"d":"10%"},{"$f":"F454*(1+G454)","v":{"v":242.02530000000002,"d":"242"}},"LF",{"v":7.261,"d":"$7.26"},{"$f":"J454*H454","v":{"v":1757.3457033000002,"d":"$1,757.35"}},{"v":6.438999999999999,"d":"$6.44"},{"$f":"L454*H454","v":{"v":1558.4009067,"d":"$1,558.40"}},{"v":13.7,"d":"$13.7"},{"v":3315.74661,"d":"$3,315.7"}]
[{"$f":"IF(I455<>\"\",1+MAX($A$6:A454),\"\")","v":""}]
[{"$f":"IF(I456<>\"\",1+MAX($A$6:A455),\"\")","v":""},{"$nulls":3},"RAILINGS"]
[{"$f":"IF(I457<>\"\",1+MAX($A$6:A456),\"\")","v":385},"S-2.2","S-2.2",null,"1 1/2\" Handrail @ 36\" Max Above Stair Nosing w/ Full Height Tempered Glass Guardrail",{"v":16.22,"d":"16"},{"v":0.1,"d":"10%"},{"$f":"F457*(1+G457)","v":{"v":17.842,"d":"18"}},"LF",{"v":121.6,"d":"$121.6"},{"v":2169.5872,"d":"$2,169.59"},{"v":198.4,"d":"$198.40"},{"v":3539.8527999999997,"d":"$3,539.85"},{"v":320,"d":"$320.0"},{"v":5709.44,"d":"$5,709"}]
[{"$f":"IF(I458<>\"\",1+MAX($A$6:A457),\"\")","v":""}]
[{"$f":"IF(I459<>\"\",1+MAX($A$6:A458),\"\")","v":""},{"$nulls":3},"BASEMENT FLOOR"]
[{"$f":"IF(I460<>\"\",1+MAX($A$6:A459),\"\")","v":""}]
[{"$f":"IF(I461<>\"\",1+MAX($A$6:A460),\"\")","v":""},{"$nulls":3},"WALL FRAMING"]
[{"$f":"IF(I462<>\"\",1+MAX($A$6:A461),\"\")","v":""}]
[{"$f":"IF(I463<>\"\",1+MAX($A$6:A462),\"\")","v":""},{"$nulls":3},"FURRING WALLS - (2\"X6\")",{"v":102.73,"d":"103"},9]
[{"$f":"IF(I464<>\"\",1+MAX($A$6:A463),\"\")","v":""}]
[{"$f":"IF(I465<>\"\",1+MAX($A$6:A464),\"\")","v":386},"A2.1A","A2.1A, A8.2, A5.0",null,"(2\"x6\") Pressure Treated Plate @ Bottom",{"$f":"F463*1","v":{"v":102.73,"d":"103"}},{"v":0.1,"d":"10%"},{"$f":"F465*(1+G465)","v":{"v":113.00300000000001,"d":"113"}},"LF",{"v":2.48,"d":"$2.48"},{"$f":"J465*H465","v":{"v":280.24744000000004,"d":"$280.25"}},{"v":1.52,"d":"$1.52"},{"$f":"L465*H465","v":{"v":171.76456000000002,"d":"$171.76"}},{"v":4,"d":"$4.0"},{"$f":"N465*H465","v":{"v":452.01200000000006,"d":"$452"}}]
[{"$f":"IF(I466<>\"\",1+MAX($A$6:A465),\"\")","v":387},"A2.1A","A2.1A, A8.2, A5.0",null,"(2\"x6\") Pressure Treated Plate @ Top (Double Plate)",{"$f":"F463*2","v":{"v":205.46,"d":"205"}},{"v":0.1,"d":"10%"},{"v":226.00600000000003,"d":"226"},"LF",{"v":2.48,"d":"$2.48"},{"v":560.4948800000001,"d":"$560.49"},{"v":1.52,"d":"$1.52"},{"v":343.52912000000003,"d":"$343.53"},{"v":4,"d":"$4.0"},{"v":904.0240000000001,"d":"$904"}]
[{"$f":"IF(I467<>\"\",1+MAX($A$6:A466),\"\")","v":388},"A2.1A","A2.1A, A8.2, A5.0",null,"(2\"x6\") Wooden Studs @ 16\" O.C. - 9' High",{"$f":"F463/1.33","v":{"v":77.2406015037594,"d":"77"}},{"v":0,"d":"0%"},{"v":77.2406015037594,"d":"77"},"EA",{"v":22.32,"d":"$22.32"},{"v":1724.0102255639097,"d":"$1,724.01"},{"v":13.68,"d":"$13.68"},{"v":1056.6514285714284,"d":"$1,056.65"},{"v":36,"d":"$36.0"},{"v":2780.6616541353383,"d":"$2,781"}]
[{"$f":"IF(I468<>\"\",1+MAX($A$6:A467),\"\")","v":""}]
[{"$f":"IF(I469<>\"\",1+MAX($A$6:A468),\"\")","v":""},{"$nulls":3},"FURRING WALLS - (2\"X6\") - ONE SIDE MOISTURE RESISTANT",{"v":16.07,"d":"16"},9]
[{"$f":"IF(I470<>\"\",1+MAX($A$6:A469),\"\")","v":""}]
[{"$f":"IF(I471<>\"\",1+MAX($A$6:A470),\"\")","v":389},"A2.1A","A2.1A, A8.2, A5.0",null,"(2\"x6\") Pressure Treated Plate @ Bottom",{"$f":"F469*1","v":{"v":16.07,"d":"16"}},{"v":0.1,"d":"10%"},{"$f":"F471*(1+G471)","v":{"v":17.677000000000003,"d":"18"}},"LF",{"v":2.48,"d":"$2.48"},{"$f":"J471*H471","v":{"v":43.83896000000001,"d":"$43.84"}},{"v":1.52,"d":"$1.52"},{"$f":"L471*H471","v":{"v":26.869040000000005,"d":"$26.87"}},{"v":4,"d":"$4.0"},{"$f":"N471*H471","v":{"v":70.70800000000001,"d":"$71"}}]
[{"$f":"IF(I472<>\"\",1+MAX($A$6:A471),\"\")","v":390},"A2.1A","A2.1A, A8.2, A5.0",null,"(2\"x6\") Pressure Treated Plate @ Top (Double Plate)",{"$f":"F469*2","v":{"v":32.14,"d":"32"}},{"v":0.1,"d":"10%"},{"v":35.354000000000006,"d":"35"},"LF",{"v":2.48,"d":"$2.48"},{"v":87.67792000000001,"d":"$87.68"},{"v":1.52,"d":"$1.52"},{"v":53.73808000000001,"d":"$53.74"},{"v":4,"d":"$4.0"},{"v":141.41600000000003,"d":"$141"}]
[{"$f":"IF(I473<>\"\",1+MAX($A$6:A472),\"\")","v":391},"A2.1A","A2.1A, A8.2, A5.0",null,"(2\"x6\") Wooden Studs @ 16\" O.C. - 9' High",{"$f":"F469/1.33","v":{"v":12.082706766917292,"d":"12"}},{"v":0,"d":"0%"},{"v":12.082706766917292,"d":"12"},"EA",{"v":22.32,"d":"$22.32"},{"v":269.68601503759396,"d":"$269.69"},{"v":13.68,"d":"$13.68"},{"v":165.29142857142855,"d":"$165.29"},{"v":36,"d":"$36.0"},{"v":434.97744360902254,"d":"$435"}]
[{"$f":"IF(I474<>\"\",1+MAX($A$6:A473),\"\")","v":""}]
[{"$f":"IF(I475<>\"\",1+MAX($A$6:A474),\"\")","v":""},{"$nulls":3},"FURRING WALLS - (2\"X10\")",{"v":24.6,"d":"25"},9]
[{"$f":"IF(I476<>\"\",1+MAX($A$6:A475),\"\")","v":""}]
[{"$f":"IF(I477<>\"\",1+MAX($A$6:A476),\"\")","v":392},"A2.1A","A2.1A, A8.2, A5.0",null,"(2\"x10\") Pressure Treated Plate @ Bottom",{"$f":"F475*1","v":{"v":24.6,"d":"25"}},{"v":0.1,"d":"10%"},{"$f":"F477*(1+G477)","v":{"v":27.060000000000002,"d":"27"}},"LF",{"v":4.34,"d":"$4.3"},{"$f":"J477*H477","v":{"v":117.44040000000001,"d":"$117.44"}},{"v":2.66,"d":"$2.66"},{"$f":"L477*H477","v":{"v":71.9796,"d":"$71.98"}},{"v":7,"d":"$7.0"},{"$f":"N477*H477","v":{"v":189.42000000000002,"d":"$189"}}]
[{"$f":"IF(I478<>\"\",1+MAX($A$6:A477),\"\")","v":393},"A2.1A","A2.1A, A8.2, A5.0",null,"(2\"x10\") Pressure Treated Plate @ Top (Double Plate)",{"$f":"F475*2","v":{"v":49.2,"d":"49"}},{"v":0.1,"d":"10%"},{"v":54.120000000000005,"d":"54"},"LF",{"v":4.34,"d":"$4.3"},{"$f":"J478*H478","v":{"v":234.88080000000002,"d":"$234.88"}},{"v":2.66,"d":"$2.66"},{"v":143.9592,"d":"$143.96"},{"v":7,"d":"$7.0"},{"v":378.84000000000003,"d":"$379"}]
[{"$f":"IF(I479<>\"\",1+MAX($A$6:A478),\"\")","v":394},"A2.1A","A2.1A, A8.2, A5.0",null,"(2\"x10\") Wooden Studs @ 16\" O.C. - 9' High",{"$f":"F475/1.33","v":{"v":18.49624060150376,"d":"18"}},{"v":0,"d":"0%"},{"v":18.49624060150376,"d":"18"},"EA",{"v":39.06,"d":"$39.1"},{"v":722.4631578947369,"d":"$722.46"},{"v":23.94,"d":"$23.94"},{"v":442.80000000000007,"d":"$442.80"},{"v":63,"d":"$63.0"},{"v":1165.2631578947369,"d":"$1,165"}]
[{"$f":"IF(I480<>\"\",1+MAX($A$6:A479),\"\")","v":""}]
[{"$f":"IF(I481<>\"\",1+MAX($A$6:A480),\"\")","v":""},{"$nulls":3},"INTERIOR WALLS - (2\"X4\")",{"v":88.93,"d":"89"},9]
[{"$f":"IF(I482<>\"\",1+MAX($A$6:A481),\"\")","v":""}]
[{"$f":"IF(I483<>\"\",1+MAX($A$6:A482),\"\")","v":395},"A2.1A","A2.1A, A8.2, A5.0",null,"(2\"x4\") Pressure Treated Plate @ Bottom",{"$f":"F481*1","v":{"v":88.93,"d":"89"}},{"v":0.1,"d":"10%"},{"$f":"F483*(1+G483)","v":{"v":97.82300000000002,"d":"98"}},"LF",{"v":1.8599999999999999,"d":"$1.86"},{"$f":"J483*H483","v":{"v":181.95078000000004,"d":"$181.95"}},{"v":1.1400000000000001,"d":"$1.14"},{"$f":"L483*H483","v":{"v":111.51822000000004,"d":"$111.52"}},{"v":3,"d":"$3.0"},{"$f":"N483*H483","v":{"v":293.46900000000005,"d":"$293"}}]
[{"$f":"IF(I484<>\"\",1+MAX($A$6:A483),\"\")","v":396},"A2.1A","A2.1A, A8.2, A5.0",null,"(2\"x4\") Pressure Treated Plate @ Top (Double Plate)",{"$f":"F481*2","v":{"v":177.86,"d":"178"}},{"v":0.1,"d":"10%"},{"v":195.64600000000004,"d":"196"},"LF",{"v":1.8599999999999999,"d":"$1.86"},{"v":363.9015600000001,"d":"$363.90"},{"v":1.1400000000000001,"d":"$1.14"},{"v":223.03644000000008,"d":"$223.04"},{"v":3,"d":"$3.0"},{"v":586.9380000000001,"d":"$587"}]
[{"$f":"IF(I485<>\"\",1+MAX($A$6:A484),\"\")","v":397},"A2.1A","A2.1A, A8.2, A5.0",null,"(2\"x4\") Wooden Studs @ 16\" O.C. - 9' High",{"$f":"F481/1.33","v":{"v":66.86466165413535,"d":"67"}},{"v":0,"d":"0%"},{"v":66.86466165413535,"d":"67"},"EA",{"v":16.74,"d":"$16.74"},{"v":1119.3144360902256,"d":"$1,119.31"},{"v":10.26,"d":"$10.26"},{"v":686.0314285714286,"d":"$686.03"},{"v":27,"d":"$27.0"},{"v":1805.3458646616543,"d":"$1,805"}]
[{"$f":"IF(I486<>\"\",1+MAX($A$6:A485),\"\")","v":""}]
[{"$f":"IF(I487<>\"\",1+MAX($A$6:A486),\"\")","v":""},{"$nulls":3},"INTERIOR WALLS - (2\"X4\") - ONE SIDE WEATHER RESISTANT",{"v":41.41,"d":"41"},9]
[{"$f":"IF(I488<>\"\",1+MAX($A$6:A487),\"\")","v":""}]
[{"$f":"IF(I489<>\"\",1+MAX($A$6:A488),\"\")","v":398},"A2.1A","A2.1A, A8.2, A5.0",null,"(2\"x4\") Pressure Treated Plate @ Bottom",{"$f":"F487*1","v":{"v":41.41,"d":"41"}},{"v":0.1,"d":"10%"},{"$f":"F489*(1+G489)","v":{"v":45.551,"d":"46"}},"LF",{"v":1.8599999999999999,"d":"$1.86"},{"$f":"J489*H489","v":{"v":84.72485999999999,"d":"$84.72"}},{"v":1.1400000000000001,"d":"$1.14"},{"$f":"L489*H489","v":{"v":51.928140000000006,"d":"$51.93"}},{"v":3,"d":"$3.0"},{"$f":"N489*H489","v":{"v":136.65300000000002,"d":"$137"}}]
[{"$f":"IF(I490<>\"\",1+MAX($A$6:A489),\"\")","v":399},"A2.1A","A2.1A, A8.2, A5.0",null,"(2\"x4\") Pressure Treated Plate @ Top (Double Plate)",{"$f":"F487*2","v":{"v":82.82,"d":"83"}},{"v":0.1,"d":"10%"},{"v":91.102,"d":"91"},"LF",{"v":1.8599999999999999,"d":"$1.86"},{"v":169.44971999999999,"d":"$169.45"},{"v":1.1400000000000001,"d":"$1.14"},{"v":103.85628000000001,"d":"$103.86"},{"v":3,"d":"$3.0"},{"v":273.30600000000004,"d":"$273"}]
[{"$f":"IF(I491<>\"\",1+MAX($A$6:A490),\"\")","v":400},"A2.1A","A2.1A, A8.2, A5.0",null,"(2\"x4\") Wooden Studs @ 16\" O.C. - 9' High",{"$f":"F487/1.33","v":{"v":31.135338345864657,"d":"31"}},{"v":0,"d":"0%"},{"v":31.135338345864657,"d":"31"},"EA",{"v":16.74,"d":"$16.74"},{"v":521.2055639097744,"d":"$521.21"},{"v":10.26,"d":"$10.26"},{"v":319.44857142857137,"d":"$319.45"},{"v":27,"d":"$27.0"},{"v":840.6541353383458,"d":"$841"}]
[{"$f":"IF(I492<>\"\",1+MAX($A$6:A491),\"\")","v":""}]
[{"$f":"IF(I493<>\"\",1+MAX($A$6:A492),\"\")","v":""},{"$nulls":3},"INTERIOR WALLS - (2\"X4\") - BOTH SIDE WEATHER RESISTANT",{"v":3.45,"d":"3"},9]
[{"$f":"IF(I494<>\"\",1+MAX($A$6:A493),\"\")","v":""}]
[{"$f":"IF(I495<>\"\",1+MAX($A$6:A494),\"\")","v":401},"A2.1A","A2.1A, A8.2, A5.0",null,"(2\"x4\") Pressure Treated Plate @ Bottom",{"$f":"F493*1","v":{"v":3.45,"d":"3"}},{"v":0.1,"d":"10%"},{"$f":"F495*(1+G495)","v":{"v":3.7950000000000004,"d":"4"}},"LF",{"v":1.8599999999999999,"d":"$1.86"},{"$f":"J495*H495","v":{"v":7.0587,"d":"$7.06"}},{"v":1.1400000000000001,"d":"$1.14"},{"$f":"L495*H495","v":{"v":4.326300000000001,"d":"$4.33"}},{"v":3,"d":"$3.0"},{"$f":"N495*H495","v":{"v":11.385000000000002,"d":"$11"}}]
[{"$f":"IF(I496<>\"\",1+MAX($A$6:A495),\"\")","v":402},"A2.1A","A2.1A, A8.2, A5.0",null,"(2\"x4\") Pressure Treated Plate @ Top (Double Plate)",{"$f":"F493*2","v":{"v":6.9,"d":"7"}},{"v":0.1,"d":"10%"},{"v":7.590000000000001,"d":"8"},"LF",{"v":1.8599999999999999,"d":"$1.86"},{"v":14.1174,"d":"$14.12"},{"v":1.1400000000000001,"d":"$1.14"},{"v":8.652600000000001,"d":"$8.65"},{"v":3,"d":"$3.0"},{"v":22.770000000000003,"d":"$23"}]
[{"$f":"IF(I497<>\"\",1+MAX($A$6:A496),\"\")","v":403},"A2.1A","A2.1A, A8.2, A5.0",null,"(2\"x4\") Wooden Studs @ 16\" O.C. - 9' High",{"$f":"F493/1.33","v":{"v":2.593984962406015,"d":"3"}},{"v":0,"d":"0%"},{"v":2.593984962406015,"d":"3"},"EA",{"v":16.74,"d":"$16.74"},{"v":43.42330827067669,"d":"$43.42"},{"v":10.26,"d":"$10.26"},{"v":26.614285714285714,"d":"$26.61"},{"v":27,"d":"$27.0"},{"v":70.03759398496241,"d":"$70"}]
[{"$f":"IF(I498<>\"\",1+MAX($A$6:A497),\"\")","v":""}]
[{"$f":"IF(I499<>\"\",1+MAX($A$6:A498),\"\")","v":""},{"$nulls":3},"INTERIOR WALLS - (2\"X6\")",{"v":24.62,"d":"25"},9]
[{"$f":"IF(I500<>\"\",1+MAX($A$6:A499),\"\")","v":""}]
[{"$f":"IF(I501<>\"\",1+MAX($A$6:A500),\"\")","v":404},"A2.1A","A2.1A, A8.2, A5.0",null,"(2\"x6\") Pressure Treated Plate @ Bottom",{"$f":"F499*1","v":{"v":24.62,"d":"25"}},{"v":0.1,"d":"10%"},{"$f":"F501*(1+G501)","v":{"v":27.082000000000004,"d":"27"}},"LF",{"v":2.48,"d":"$2.48"},{"$f":"J501*H501","v":{"v":67.16336000000001,"d":"$67.16"}},{"v":1.52,"d":"$1.52"},{"$f":"L501*H501","v":{"v":41.164640000000006,"d":"$41.16"}},{"v":4,"d":"$4.0"},{"$f":"N501*H501","v":{"v":108.32800000000002,"d":"$108"}}]
[{"$f":"IF(I502<>\"\",1+MAX($A$6:A501),\"\")","v":405},"A2.1A","A2.1A, A8.2, A5.0",null,"(2\"x6\") Pressure Treated Plate @ Top (Double Plate)",{"$f":"F499*2","v":{"v":49.24,"d":"49"}},{"v":0.1,"d":"10%"},{"v":54.16400000000001,"d":"54"},"LF",{"v":2.48,"d":"$2.48"},{"v":134.32672000000002,"d":"$134.33"},{"v":1.52,"d":"$1.52"},{"v":82.32928000000001,"d":"$82.33"},{"v":4,"d":"$4.0"},{"v":216.65600000000003,"d":"$217"}]
[{"$f":"IF(I503<>\"\",1+MAX($A$6:A502),\"\")","v":406},"A2.1A","A2.1A, A8.2, A5.0",null,"(2\"x6\") Wooden Studs @ 16\" O.C. - 9' High",{"$f":"F499/1.33","v":{"v":18.51127819548872,"d":"19"}},{"v":0,"d":"0%"},{"v":18.51127819548872,"d":"19"},"EA",{"v":22.32,"d":"$22.32"},{"v":413.1717293233083,"d":"$413.17"},{"v":13.68,"d":"$13.68"},{"v":253.2342857142857,"d":"$253.23"},{"v":36,"d":"$36.0"},{"v":666.406015037594,"d":"$666"}]
[{"$f":"IF(I504<>\"\",1+MAX($A$6:A503),\"\")","v":""}]
[{"$f":"IF(I505<>\"\",1+MAX($A$6:A504),\"\")","v":""},{"$nulls":3},"INTERIOR WALLS - (2\"X6\") - DOUBLE STUD WALL",{"v":32.3,"d":"32"},9]
[{"$f":"IF(I506<>\"\",1+MAX($A$6:A505),\"\")","v":""}]
[{"$f":"IF(I507<>\"\",1+MAX($A$6:A506),\"\")","v":407},"A2.1B","A2.1B, A8.2, A5.0",null,"(2\"x6\") Pressure Treated Plate @ Bottom",{"$f":"F505*2","v":{"v":64.6,"d":"65"}},{"v":0.1,"d":"10%"},{"$f":"F507*(1+G507)","v":{"v":71.06,"d":"71"}},"LF",{"v":2.48,"d":"$2.48"},{"$f":"J507*H507","v":{"v":176.2288,"d":"$176.23"}},{"v":1.52,"d":"$1.52"},{"$f":"L507*H507","v":{"v":108.0112,"d":"$108.01"}},{"v":4,"d":"$4.0"},{"$f":"N507*H507","v":{"v":284.24,"d":"$284"}}]
[{"$f":"IF(I508<>\"\",1+MAX($A$6:A507),\"\")","v":408},"A2.1B","A2.1B, A8.2, A5.0",null,"(2\"x6\") Pressure Treated Plate @ Top (Double Plate)",{"$f":"F505*4","v":{"v":129.2,"d":"129"}},{"v":0.1,"d":"10%"},{"v":142.12,"d":"142"},"LF",{"v":2.48,"d":"$2.48"},{"v":352.4576,"d":"$352.46"},{"v":1.52,"d":"$1.52"},{"v":216.0224,"d":"$216.02"},{"v":4,"d":"$4.0"},{"v":568.48,"d":"$568"}]
[{"$f":"IF(I509<>\"\",1+MAX($A$6:A508),\"\")","v":409},"A2.1B","A2.1B, A8.2, A5.0",null,"(2\"x6\") Wooden Studs @ 16\" O.C. - 9' High",{"$f":"F505*2/1.33","v":{"v":48.57142857142856,"d":"49"}},{"v":0,"d":"0%"},{"v":48.57142857142856,"d":"49"},"EA",{"v":22.32,"d":"$22.32"},{"v":1084.1142857142854,"d":"$1,084.11"},{"v":13.68,"d":"$13.68"},{"v":664.4571428571427,"d":"$664.46"},{"v":36,"d":"$36.0"},{"v":1748.5714285714282,"d":"$1,749"}]
[{"$f":"IF(I510<>\"\",1+MAX($A$6:A509),\"\")","v":""}]
[{"$f":"IF(I511<>\"\",1+MAX($A$6:A510),\"\")","v":""},{"$nulls":3},"GROUND FLOOR"]
[{"$f":"IF(I512<>\"\",1+MAX($A$6:A511),\"\")","v":""}]
[{"$f":"IF(I513<>\"\",1+MAX($A$6:A512),\"\")","v":""},{"$nulls":3},"WALL FRAMING"]
[{"$f":"IF(I514<>\"\",1+MAX($A$6:A513),\"\")","v":""}]
[{"$f":"IF(I515<>\"\",1+MAX($A$6:A514),\"\")","v":""},{"$nulls":3},"EXTERIOR WALLS - (2\"X4\")",{"v":7.19,"d":"7"},{"v":9.25,"d":"9"}]
[{"$f":"IF(I516<>\"\",1+MAX($A$6:A515),\"\")","v":""}]
[{"$f":"IF(I517<>\"\",1+MAX($A$6:A516),\"\")","v":410},"A2.1B","A2.1B, A8.2, A5.0",null,"15/32\" Structural 1 Plywood Sheathing - (4'X8' ea.)",{"$f":"F515*G515/32","v":{"v":2.0783593750000002,"d":"2"}},{"v":0,"d":"0%"},{"$f":"F517*(1+G517)","v":{"v":2.0783593750000002,"d":"2"}},"EA",{"v":90,"d":"$90.0"},{"$f":"J517*H517","v":{"v":187.05234375000003,"d":"$187.05"}},{"v":26,"d":"$26.00"},{"$f":"L517*H517","v":{"v":54.037343750000005,"d":"$54.04"}},{"v":116,"d":"$116.0"},{"$f":"N517*H517","v":{"v":241.08968750000003,"d":"$241"}}]
[{"$f":"IF(I518<>\"\",1+MAX($A$6:A517),\"\")","v":411},"A2.1B","A2.1B, A8.2, A5.0",null,"(2\"x4\") Pressure Treated Plate @ Bottom",{"$f":"F515*1","v":{"v":7.19,"d":"7"}},{"v":0.1,"d":"10%"},{"$f":"F518*(1+G518)","v":{"v":7.909000000000001,"d":"8"}},"LF",{"v":1.8599999999999999,"d":"$1.86"},{"v":14.71074,"d":"$14.71"},{"v":1.1400000000000001,"d":"$1.14"},{"v":9.016260000000003,"d":"$9.02"},{"v":3,"d":"$3.0"},{"v":23.727000000000004,"d":"$24"}]
[{"$f":"IF(I519<>\"\",1+MAX($A$6:A518),\"\")","v":412},"A2.1B","A2.1B, A8.2, A5.0",null,"(2\"x4\") Pressure Treated Plate @ Top (Double Plate)",{"$f":"F515*2","v":{"v":14.38,"d":"14"}},{"v":0.1,"d":"10%"},{"v":15.818000000000001,"d":"16"},"LF",{"v":1.8599999999999999,"d":"$1.86"},{"v":29.42148,"d":"$29.42"},{"v":1.1400000000000001,"d":"$1.14"},{"v":18.032520000000005,"d":"$18.03"},{"v":3,"d":"$3.0"},{"v":47.45400000000001,"d":"$47"}]
[{"$f":"IF(I520<>\"\",1+MAX($A$6:A519),\"\")","v":413},"A2.1B","A2.1B, A8.2, A5.0",null,"(2\"x4\") Wooden Studs @ 16\" O.C. - 9'-3\" High",{"$f":"F515/1.33","v":{"v":5.406015037593985,"d":"5"}},{"v":0,"d":"0%"},{"v":5.406015037593985,"d":"5"},"EA",{"v":17.205,"d":"$17.21"},{"v":93.0104887218045,"d":"$93.01"},{"v":10.545,"d":"$10.55"},{"v":57.00642857142857,"d":"$57.01"},{"v":27.75,"d":"$27.8"},{"v":150.0169172932331,"d":"$150"}]
[{"$f":"IF(I521<>\"\",1+MAX($A$6:A520),\"\")","v":""}]
[{"$f":"IF(I522<>\"\",1+MAX($A$6:A521),\"\")","v":""},{"$nulls":3},"EXTERIOR WALLS - (2\"X4\")",{"v":55.26,"d":"55"},{"v":11.5,"d":"12"}]
[{"$f":"IF(I523<>\"\",1+MAX($A$6:A522),\"\")","v":""}]
[{"$f":"IF(I524<>\"\",1+MAX($A$6:A523),\"\")","v":414},"A2.1B","A2.1B, A8.2, A5.0",null,"15/32\" Structural 1 Plywood Sheathing - (4'X8' ea.)",{"$f":"F522*G522/32","v":{"v":19.8590625,"d":"20"}},{"v":0,"d":"0%"},{"$f":"F524*(1+G524)","v":{"v":19.8590625,"d":"20"}},"EA",{"v":90,"d":"$90.0"},{"$f":"J524*H524","v":{"v":1787.315625,"d":"$1,787.32"}},{"v":26,"d":"$26.00"},{"$f":"L524*H524","v":{"v":516.335625,"d":"$516.34"}},{"v":116,"d":"$116.0"},{"$f":"N524*H524","v":{"v":2303.65125,"d":"$2,304"}}]
[{"$f":"IF(I525<>\"\",1+MAX($A$6:A524),\"\")","v":415},"A2.1B","A2.1B, A8.2, A5.0",null,"(2\"x4\") Pressure Treated Plate @ Bottom",{"$f":"F522*1","v":{"v":55.26,"d":"55"}},{"v":0.1,"d":"10%"},{"$f":"F525*(1+G525)","v":{"v":60.786,"d":"61"}},"LF",{"v":1.8599999999999999,"d":"$1.86"},{"v":113.06196,"d":"$113.06"},{"v":1.1400000000000001,"d":"$1.14"},{"v":69.29604,"d":"$69.30"},{"v":3,"d":"$3.0"},{"v":182.358,"d":"$182"}]
[{"$f":"IF(I526<>\"\",1+MAX($A$6:A525),\"\")","v":416},"A2.1B","A2.1B, A8.2, A5.0",null,"(2\"x4\") Pressure Treated Plate @ Top (Double Plate)",{"$f":"F522*2","v":{"v":110.52,"d":"111"}},{"v":0.1,"d":"10%"},{"v":121.572,"d":"122"},"LF",{"v":1.8599999999999999,"d":"$1.86"},{"v":226.12392,"d":"$226.12"},{"v":1.1400000000000001,"d":"$1.14"},{"v":138.59208,"d":"$138.59"},{"v":3,"d":"$3.0"},{"v":364.716,"d":"$365"}]
[{"$f":"IF(I527<>\"\",1+MAX($A$6:A526),\"\")","v":417},"A2.1B","A2.1B, A8.2, A5.0",null,"(2\"x4\") Wooden Studs @ 16\" O.C. - 11'-6\" High",{"$f":"F522/1.33","v":{"v":41.54887218045113,"d":"42"}},{"v":0,"d":"0%"},{"v":41.54887218045113,"d":"42"},"EA",{"v":21.39,"d":"$21.39"},{"v":888.7303759398496,"d":"$888.73"},{"v":13.11,"d":"$13.11"},{"v":544.7057142857143,"d":"$544.71"},{"v":34.5,"d":"$34.5"},{"v":1433.436090225564,"d":"$1,433"}]
[{"$f":"IF(I528<>\"\",1+MAX($A$6:A527),\"\")","v":""}]
[{"$f":"IF(I529<>\"\",1+MAX($A$6:A528),\"\")","v":""},{"$nulls":3},"EXTERIOR WALLS - (2\"X6\")",{"v":153.94,"d":"154"},{"v":9.25,"d":"9"}]
[{"$f":"IF(I530<>\"\",1+MAX($A$6:A529),\"\")","v":""}]
[{"$f":"IF(I531<>\"\",1+MAX($A$6:A530),\"\")","v":418},"A2.1B","A2.1B, A8.2, A5.0",null,"15/32\" Structural 1 Plywood Sheathing - (4'X8' ea.)",{"$f":"F529*G529/32","v":{"v":44.49828125,"d":"44"}},{"v":0,"d":"0%"},{"$f":"F531*(1+G531)","v":{"v":44.49828125,"d":"44"}},"EA",{"v":90,"d":"$90.0"},{"$f":"J531*H531","v":{"v":4004.8453124999996,"d":"$4,004.85"}},{"v":26,"d":"$26.00"},{"$f":"L531*H531","v":{"v":1156.9553125,"d":"$1,156.96"}},{"v":116,"d":"$116.0"},{"$f":"N531*H531","v":{"v":5161.800625,"d":"$5,162"}}]
[{"$f":"IF(I532<>\"\",1+MAX($A$6:A531),\"\")","v":419},"A2.1B","A2.1B, A8.2, A5.0",null,"(2\"x6\") Pressure Treated Plate @ Bottom",{"$f":"F529*1","v":{"v":153.94,"d":"154"}},{"v":0.1,"d":"10%"},{"$f":"F532*(1+G532)","v":{"v":169.334,"d":"169"}},"LF",{"v":2.48,"d":"$2.48"},{"v":419.94832,"d":"$419.95"},{"v":1.52,"d":"$1.52"},{"v":257.38768,"d":"$257.39"},{"v":4,"d":"$4.0"},{"v":677.336,"d":"$677"}]
[{"$f":"IF(I533<>\"\",1+MAX($A$6:A532),\"\")","v":420},"A2.1B","A2.1B, A8.2, A5.0",null,"(2\"x6\") Pressure Treated Plate @ Top (Double Plate)",{"$f":"F529*2","v":{"v":307.88,"d":"308"}},{"v":0.1,"d":"10%"},{"v":338.668,"d":"339"},"LF",{"v":2.48,"d":"$2.48"},{"v":839.89664,"d":"$839.90"},{"v":1.52,"d":"$1.52"},{"v":514.77536,"d":"$514.78"},{"v":4,"d":"$4.0"},{"v":1354.672,"d":"$1,355"}]
[{"$f":"IF(I534<>\"\",1+MAX($A$6:A533),\"\")","v":421},"A2.1B","A2.1B, A8.2, A5.0",null,"(2\"x6\") Wooden Studs @ 16\" O.C. - 9'-3\" High",{"$f":"F529/1.33","v":{"v":115.74436090225564,"d":"116"}},{"v":0,"d":"0%"},{"v":115.74436090225564,"d":"116"},"EA",{"v":22.94,"d":"$22.94"},{"v":2655.1756390977444,"d":"$2,655.18"},{"v":14.06,"d":"$14.06"},{"v":1627.3657142857144,"d":"$1,627.37"},{"v":37,"d":"$37.0"},{"v":4282.541353383459,"d":"$4,283"}]
[{"$f":"IF(I535<>\"\",1+MAX($A$6:A534),\"\")","v":""}]
[{"$f":"IF(I536<>\"\",1+MAX($A$6:A535),\"\")","v":""},{"$nulls":3},"EXTERIOR WALLS - (2\"X6\") - ONE SIDE MOISTURE RESISTANT",{"v":6.12,"d":"6"},{"v":9.25,"d":"9"}]
[{"$f":"IF(I537<>\"\",1+MAX($A$6:A536),\"\")","v":""}]
[{"$f":"IF(I538<>\"\",1+MAX($A$6:A537),\"\")","v":422},"A2.1B","A2.1B, A8.2, A5.0",null,"15/32\" Structural 1 Plywood Sheathing - (4'X8' ea.)",{"$f":"F536*G536/32","v":{"v":1.7690625,"d":"2"}},{"v":0,"d":"0%"},{"$f":"F538*(1+G538)","v":{"v":1.7690625,"d":"2"}},"EA",{"v":90,"d":"$90.0"},{"$f":"J538*H538","v":{"v":159.215625,"d":"$159.22"}},{"v":26,"d":"$26.00"},{"$f":"L538*H538","v":{"v":45.995625,"d":"$46.00"}},{"v":116,"d":"$116.0"},{"$f":"N538*H538","v":{"v":205.21125,"d":"$205"}}]
[{"$f":"IF(I539<>\"\",1+MAX($A$6:A538),\"\")","v":423},"A2.1B","A2.1B, A8.2, A5.0",null,"(2\"x6\") Pressure Treated Plate @ Bottom",{"$f":"F536*1","v":{"v":6.12,"d":"6"}},{"v":0.1,"d":"10%"},{"$f":"F539*(1+G539)","v":{"v":6.732000000000001,"d":"7"}},"LF",{"v":2.48,"d":"$2.48"},{"v":16.69536,"d":"$16.70"},{"v":1.52,"d":"$1.52"},{"v":10.232640000000002,"d":"$10.23"},{"v":4,"d":"$4.0"},{"v":26.928000000000004,"d":"$27"}]
[{"$f":"IF(I540<>\"\",1+MAX($A$6:A539),\"\")","v":424},"A2.1B","A2.1B, A8.2, A5.0",null,"(2\"x6\") Pressure Treated Plate @ Top (Double Plate)",{"$f":"F536*2","v":{"v":12.24,"d":"12"}},{"v":0.1,"d":"10%"},{"v":13.464000000000002,"d":"13"},"LF",{"v":2.48,"d":"$2.48"},{"v":33.39072,"d":"$33.39"},{"v":1.52,"d":"$1.52"},{"v":20.465280000000003,"d":"$20.47"},{"v":4,"d":"$4.0"},{"v":53.85600000000001,"d":"$54"}]
[{"$f":"IF(I541<>\"\",1+MAX($A$6:A540),\"\")","v":425},"A2.1B","A2.1B, A8.2, A5.0",null,"(2\"x6\") Wooden Studs @ 16\" O.C. - 9'-3\" High",{"$f":"F536/1.33","v":{"v":4.601503759398496,"d":"5"}},{"v":0,"d":"0%"},{"v":4.601503759398496,"d":"5"},"EA",{"v":22.94,"d":"$22.94"},{"v":105.55849624060151,"d":"$105.56"},{"v":14.06,"d":"$14.06"},{"v":64.69714285714286,"d":"$64.70"},{"v":37,"d":"$37.0"},{"v":170.25563909774436,"d":"$170"}]
[{"$f":"IF(I542<>\"\",1+MAX($A$6:A541),\"\")","v":""}]
[{"$f":"IF(I543<>\"\",1+MAX($A$6:A542),\"\")","v":""},{"$nulls":3},"EXTERIOR WALLS - (2\"X6\")",{"v":30.5,"d":"31"},{"v":11.5,"d":"12"}]
[{"$f":"IF(I544<>\"\",1+MAX($A$6:A543),\"\")","v":""}]
[{"$f":"IF(I545<>\"\",1+MAX($A$6:A544),\"\")","v":426},"A2.1B","A2.1B, A8.2, A5.0",null,"15/32\" Structural 1 Plywood Sheathing - (4'X8' ea.)",{"$f":"F543*G543/32","v":{"v":10.9609375,"d":"11"}},{"v":0,"d":"0%"},{"$f":"F545*(1+G545)","v":{"v":10.9609375,"d":"11"}},"EA",{"v":90,"d":"$90.0"},{"$f":"J545*H545","v":{"v":986.484375,"d":"$986.48"}},{"v":26,"d":"$26.00"},{"$f":"L545*H545","v":{"v":284.984375,"d":"$284.98"}},{"v":116,"d":"$116.0"},{"$f":"N545*H545","v":{"v":1271.46875,"d":"$1,271"}}]
[{"$f":"IF(I546<>\"\",1+MAX($A$6:A545),\"\")","v":427},"A2.1B","A2.1B, A8.2, A5.0",null,"(2\"x6\") Pressure Treated Plate @ Bottom",{"$f":"F543*1","v":{"v":30.5,"d":"31"}},{"v":0.1,"d":"10%"},{"$f":"F546*(1+G546)","v":{"v":33.550000000000004,"d":"34"}},"LF",{"v":2.48,"d":"$2.48"},{"v":83.20400000000001,"d":"$83.20"},{"v":1.52,"d":"$1.52"},{"v":50.99600000000001,"d":"$51.00"},{"v":4,"d":"$4.0"},{"v":134.20000000000002,"d":"$134"}]
[{"$f":"IF(I547<>\"\",1+MAX($A$6:A546),\"\")","v":428},"A2.1B","A2.1B, A8.2, A5.0",null,"(2\"x6\") Pressure Treated Plate @ Top (Double Plate)",{"$f":"F543*2","v":61},{"v":0.1,"d":"10%"},{"v":67.10000000000001,"d":"67"},"LF",{"v":2.48,"d":"$2.48"},{"v":166.40800000000002,"d":"$166.41"},{"v":1.52,"d":"$1.52"},{"v":101.99200000000002,"d":"$101.99"},{"v":4,"d":"$4.0"},{"v":268.40000000000003,"d":"$268"}]
[{"$f":"IF(I548<>\"\",1+MAX($A$6:A547),\"\")","v":429},"A2.1B","A2.1B, A8.2, A5.0",null,"(2\"x6\") Wooden Studs @ 16\" O.C. - 11'-6\" High",{"$f":"F543/1.33","v":{"v":22.932330827067666,"d":"23"}},{"v":0,"d":"0%"},{"v":22.932330827067666,"d":"23"},"EA",{"v":28.52,"d":"$28.52"},{"v":654.0300751879698,"d":"$654.03"},{"v":17.48,"d":"$17.48"},{"v":400.85714285714283,"d":"$400.86"},{"v":46,"d":"$46.0"},{"v":1054.8872180451126,"d":"$1,055"}]
[{"$f":"IF(I549<>\"\",1+MAX($A$6:A548),\"\")","v":""}]
[{"$f":"IF(I550<>\"\",1+MAX($A$6:A549),\"\")","v":""},{"$nulls":3},"INTERIOR WALLS - (2\"X6\") - DOUBLE STUD WALL",{"v":13.1,"d":"13"},{"v":9.25,"d":"9"}]
[{"$f":"IF(I551<>\"\",1+MAX($A$6:A550),\"\")","v":""}]
[{"$f":"IF(I552<>\"\",1+MAX($A$6:A551),\"\")","v":430},"A2.1B","A2.1B, A8.2, A5.0",null,"(2\"x6\") Pressure Treated Plate @ Bottom",{"$f":"F550*2","v":{"v":26.2,"d":"26"}},{"v":0.1,"d":"10%"},{"$f":"F552*(1+G552)","v":{"v":28.82,"d":"29"}},"LF",{"v":2.48,"d":"$2.48"},{"$f":"J552*H552","v":{"v":71.4736,"d":"$71.47"}},{"v":1.52,"d":"$1.52"},{"$f":"L552*H552","v":{"v":43.806400000000004,"d":"$43.81"}},{"v":4,"d":"$4.0"},{"$f":"N552*H552","v":{"v":115.28,"d":"$115"}}]
[{"$f":"IF(I553<>\"\",1+MAX($A$6:A552),\"\")","v":431},"A2.1B","A2.1B, A8.2, A5.0",null,"(2\"x6\") Pressure Treated Plate @ Top (Double Plate)",{"$f":"F550*4","v":{"v":52.4,"d":"52"}},{"v":0.1,"d":"10%"},{"v":57.64,"d":"58"},"LF",{"v":2.48,"d":"$2.48"},{"v":142.9472,"d":"$142.95"},{"v":1.52,"d":"$1.52"},{"v":87.61280000000001,"d":"$87.61"},{"v":4,"d":"$4.0"},{"v":230.56,"d":"$231"}]
[{"$f":"IF(I554<>\"\",1+MAX($A$6:A553),\"\")","v":432},"A2.1B","A2.1B, A8.2, A5.0",null,"(2\"x6\") Wooden Studs @ 16\" O.C. - 9'-3\" High",{"$f":"F550*2/1.33","v":{"v":19.69924812030075,"d":"20"}},{"v":0,"d":"0%"},{"v":19.69924812030075,"d":"20"},"EA",{"v":22.94,"d":"$22.94"},{"v":451.90075187969927,"d":"$451.90"},{"v":14.06,"d":"$14.06"},{"v":276.9714285714286,"d":"$276.97"},{"v":37,"d":"$37.0"},{"v":728.8721804511279,"d":"$729"}]
[{"$f":"IF(I555<>\"\",1+MAX($A$6:A554),\"\")","v":""}]
[{"$f":"IF(I556<>\"\",1+MAX($A$6:A555),\"\")","v":""},{"$nulls":3},"INTERIOR WALLS - (2\"X4\")",{"v":30.05,"d":"30"},{"v":9.25,"d":"9"}]
[{"$f":"IF(I557<>\"\",1+MAX($A$6:A556),\"\")","v":""}]
[{"$f":"IF(I558<>\"\",1+MAX($A$6:A557),\"\")","v":433},"A2.1B","A2.1B, A8.2, A5.0",null,"(2\"x4\") Pressure Treated Plate @ Bottom",{"$f":"F556*1","v":{"v":30.05,"d":"30"}},{"v":0.1,"d":"10%"},{"$f":"F558*(1+G558)","v":{"v":33.05500000000001,"d":"33"}},"LF",{"v":1.8599999999999999,"d":"$1.86"},{"$f":"J558*H558","v":{"v":61.48230000000001,"d":"$61.48"}},{"v":1.1400000000000001,"d":"$1.14"},{"$f":"L558*H558","v":{"v":37.68270000000001,"d":"$37.68"}},{"v":3,"d":"$3.0"},{"$f":"N558*H558","v":{"v":99.16500000000002,"d":"$99"}}]
[{"$f":"IF(I559<>\"\",1+MAX($A$6:A558),\"\")","v":434},"A2.1B","A2.1B, A8.2, A5.0",null,"(2\"x4\") Pressure Treated Plate @ Top (Double Plate)",{"$f":"F556*2","v":{"v":60.1,"d":"60"}},{"v":0.1,"d":"10%"},{"v":66.11000000000001,"d":"66"},"LF",{"v":1.8599999999999999,"d":"$1.86"},{"v":122.96460000000002,"d":"$122.96"},{"v":1.1400000000000001,"d":"$1.14"},{"v":75.36540000000002,"d":"$75.37"},{"v":3,"d":"$3.0"},{"v":198.33000000000004,"d":"$198"}]
[{"$f":"IF(I560<>\"\",1+MAX($A$6:A559),\"\")","v":435},"A2.1B","A2.1B, A8.2, A5.0",null,"(2\"x4\") Wooden Studs @ 16\" O.C. - 9'-3\" High",{"$f":"F556/1.33","v":{"v":22.593984962406015,"d":"23"}},{"v":0,"d":"0%"},{"v":22.593984962406015,"d":"23"},"EA",{"v":17.205,"d":"$17.21"},{"v":388.72951127819545,"d":"$388.73"},{"v":10.545,"d":"$10.55"},{"v":238.25357142857143,"d":"$238.25"},{"v":27.75,"d":"$27.8"},{"v":626.9830827067669,"d":"$627"}]
[{"$f":"IF(I561<>\"\",1+MAX($A$6:A560),\"\")","v":""}]
[{"$f":"IF(I562<>\"\",1+MAX($A$6:A561),\"\")","v":""},{"$nulls":3},"INTERIOR WALLS - (2\"X4\") - ONE SIDE WEATHER RESISTANT",{"v":34.42,"d":"34"},{"v":9.25,"d":"9"}]
[{"$f":"IF(I563<>\"\",1+MAX($A$6:A562),\"\")","v":""}]
[{"$f":"IF(I564<>\"\",1+MAX($A$6:A563),\"\")","v":436},"A2.1B","A2.1B, A8.2, A5.0",null,"(2\"x4\") Pressure Treated Plate @ Bottom",{"$f":"F562*1","v":{"v":34.42,"d":"34"}},{"v":0.1,"d":"10%"},{"$f":"F564*(1+G564)","v":{"v":37.862,"d":"38"}},"LF",{"v":1.8599999999999999,"d":"$1.86"},{"$f":"J564*H564","v":{"v":70.42332,"d":"$70.42"}},{"v":1.1400000000000001,"d":"$1.14"},{"$f":"L564*H564","v":{"v":43.16268000000001,"d":"$43.16"}},{"v":3,"d":"$3.0"},{"$f":"N564*H564","v":{"v":113.58600000000001,"d":"$114"}}]
[{"$f":"IF(I565<>\"\",1+MAX($A$6:A564),\"\")","v":437},"A2.1B","A2.1B, A8.2, A5.0",null,"(2\"x4\") Pressure Treated Plate @ Top (Double Plate)",{"$f":"F562*2","v":{"v":68.84,"d":"69"}},{"v":0.1,"d":"10%"},{"v":75.724,"d":"76"},"LF",{"v":1.8599999999999999,"d":"$1.86"},{"v":140.84664,"d":"$140.85"},{"v":1.1400000000000001,"d":"$1.14"},{"v":86.32536000000002,"d":"$86.33"},{"v":3,"d":"$3.0"},{"v":227.17200000000003,"d":"$227"}]
[{"$f":"IF(I566<>\"\",1+MAX($A$6:A565),\"\")","v":438},"A2.1B","A2.1B, A8.2, A5.0",null,"(2\"x4\") Wooden Studs @ 16\" O.C. - 9'-3\" High",{"$f":"F562/1.33","v":{"v":25.8796992481203,"d":"26"}},{"v":0,"d":"0%"},{"v":25.8796992481203,"d":"26"},"EA",{"v":17.205,"d":"$17.21"},{"v":445.2602255639097,"d":"$445.26"},{"v":10.545,"d":"$10.55"},{"v":272.90142857142854,"d":"$272.90"},{"v":27.75,"d":"$27.8"},{"v":718.1616541353383,"d":"$718"}]
[{"$f":"IF(I567<>\"\",1+MAX($A$6:A566),\"\")","v":""}]
[{"$f":"IF(I568<>\"\",1+MAX($A$6:A567),\"\")","v":""},{"$nulls":3},"INTERIOR WALLS - (2\"X4\") - ONE SIDE WEATHER RESISTANT",{"v":30.86,"d":"31"},{"v":11.5,"d":"12"}]
[{"$f":"IF(I569<>\"\",1+MAX($A$6:A568),\"\")","v":""}]
[{"$f":"IF(I570<>\"\",1+MAX($A$6:A569),\"\")","v":439},"A2.1B","A2.1B, A8.2, A5.0",null,"(2\"x4\") Pressure Treated Plate @ Bottom",{"$f":"F568*1","v":{"v":30.86,"d":"31"}},{"v":0.1,"d":"10%"},{"$f":"F570*(1+G570)","v":{"v":33.946000000000005,"d":"34"}},"LF",{"v":1.8599999999999999,"d":"$1.86"},{"$f":"J570*H570","v":{"v":63.13956,"d":"$63.14"}},{"v":1.1400000000000001,"d":"$1.14"},{"$f":"L570*H570","v":{"v":38.69844000000001,"d":"$38.70"}},{"v":3,"d":"$3.0"},{"$f":"N570*H570","v":{"v":101.83800000000002,"d":"$102"}}]
[{"$f":"IF(I571<>\"\",1+MAX($A$6:A570),\"\")","v":440},"A2.1B","A2.1B, A8.2, A5.0",null,"(2\"x4\") Pressure Treated Plate @ Top (Double Plate)",{"$f":"F568*2","v":{"v":61.72,"d":"62"}},{"v":0.1,"d":"10%"},{"v":67.89200000000001,"d":"68"},"LF",{"v":1.8599999999999999,"d":"$1.86"},{"v":126.27912,"d":"$126.28"},{"v":1.1400000000000001,"d":"$1.14"},{"v":77.39688000000002,"d":"$77.40"},{"v":3,"d":"$3.0"},{"v":203.67600000000004,"d":"$204"}]
[{"$f":"IF(I572<>\"\",1+MAX($A$6:A571),\"\")","v":441},"A2.1B","A2.1B, A8.2, A5.0",null,"(2\"x4\") Wooden Studs @ 16\" O.C. - 11'-6\" High",{"$f":"F568/1.33","v":{"v":23.20300751879699,"d":"23"}},{"v":0,"d":"0%"},{"v":23.20300751879699,"d":"23"},"EA",{"v":21.39,"d":"$21.39"},{"v":496.3123308270676,"d":"$496.31"},{"v":13.11,"d":"$13.11"},{"v":304.19142857142856,"d":"$304.19"},{"v":34.5,"d":"$34.5"},{"v":800.5037593984962,"d":"$801"}]
[{"$f":"IF(I573<>\"\",1+MAX($A$6:A572),\"\")","v":""}]
[{"$f":"IF(I574<>\"\",1+MAX($A$6:A573),\"\")","v":""},{"$nulls":3},"INTERIOR WALLS - (2\"X6\")",{"v":24.4,"d":"24"},{"v":9.25,"d":"9"}]
[{"$f":"IF(I575<>\"\",1+MAX($A$6:A574),\"\")","v":""}]
[{"$f":"IF(I576<>\"\",1+MAX($A$6:A575),\"\")","v":442},"A2.1B","A2.1B, A8.2, A5.0",null,"(2\"x6\") Pressure Treated Plate @ Bottom",{"$f":"F574*1","v":{"v":24.4,"d":"24"}},{"v":0.1,"d":"10%"},{"$f":"F576*(1+G576)","v":{"v":26.84,"d":"27"}},"LF",{"v":2.48,"d":"$2.48"},{"$f":"J576*H576","v":{"v":66.5632,"d":"$66.56"}},{"v":1.52,"d":"$1.52"},{"$f":"L576*H576","v":{"v":40.7968,"d":"$40.80"}},{"v":4,"d":"$4.0"},{"$f":"N576*H576","v":{"v":107.36,"d":"$107"}}]
[{"$f":"IF(I577<>\"\",1+MAX($A$6:A576),\"\")","v":443},"A2.1B","A2.1B, A8.2, A5.0",null,"(2\"x6\") Pressure Treated Plate @ Top (Double Plate)",{"$f":"F574*2","v":{"v":48.8,"d":"49"}},{"v":0.1,"d":"10%"},{"v":53.68,"d":"54"},"LF",{"v":2.48,"d":"$2.48"},{"v":133.1264,"d":"$133.13"},{"v":1.52,"d":"$1.52"},{"v":81.5936,"d":"$81.59"},{"v":4,"d":"$4.0"},{"v":214.72,"d":"$215"}]
[{"$f":"IF(I578<>\"\",1+MAX($A$6:A577),\"\")","v":444},"A2.1B","A2.1B, A8.2, A5.0",null,"(2\"x6\") Wooden Studs @ 16\" O.C. - 9'-3\" High",{"$f":"F574/1.33","v":{"v":18.345864661654133,"d":"18"}},{"v":0,"d":"0%"},{"v":18.345864661654133,"d":"18"},"EA",{"v":22.94,"d":"$22.94"},{"v":420.8541353383458,"d":"$420.85"},{"v":14.06,"d":"$14.06"},{"v":257.9428571428571,"d":"$257.94"},{"v":37,"d":"$37.0"},{"v":678.7969924812029,"d":"$679"}]
[{"$f":"IF(I579<>\"\",1+MAX($A$6:A578),\"\")","v":""}]
[{"$f":"IF(I580<>\"\",1+MAX($A$6:A579),\"\")","v":""},{"$nulls":3},"INTERIOR WALLS - (2\"X6\") - ONE SIDE WEATHER RESISTANT",{"v":12.25,"d":"12"},{"v":9.25,"d":"9"}]
[{"$f":"IF(I581<>\"\",1+MAX($A$6:A580),\"\")","v":""}]
[{"$f":"IF(I582<>\"\",1+MAX($A$6:A581),\"\")","v":445},"A2.1B","A2.1B, A8.2, A5.0",null,"(2\"x6\") Pressure Treated Plate @ Bottom",{"$f":"F580*1","v":{"v":12.25,"d":"12"}},{"v":0.1,"d":"10%"},{"$f":"F582*(1+G582)","v":{"v":13.475000000000001,"d":"13"}},"LF",{"v":2.48,"d":"$2.48"},{"$f":"J582*H582","v":{"v":33.418000000000006,"d":"$33.42"}},{"v":1.52,"d":"$1.52"},{"$f":"L582*H582","v":{"v":20.482000000000003,"d":"$20.48"}},{"v":4,"d":"$4.0"},{"$f":"N582*H582","v":{"v":53.900000000000006,"d":"$54"}}]
[{"$f":"IF(I583<>\"\",1+MAX($A$6:A582),\"\")","v":446},"A2.1B","A2.1B, A8.2, A5.0",null,"(2\"x6\") Pressure Treated Plate @ Top (Double Plate)",{"$f":"F580*2","v":{"v":24.5,"d":"25"}},{"v":0.1,"d":"10%"},{"v":26.950000000000003,"d":"27"},"LF",{"v":2.48,"d":"$2.48"},{"v":66.83600000000001,"d":"$66.84"},{"v":1.52,"d":"$1.52"},{"v":40.964000000000006,"d":"$40.96"},{"v":4,"d":"$4.0"},{"v":107.80000000000001,"d":"$108"}]
[{"$f":"IF(I584<>\"\",1+MAX($A$6:A583),\"\")","v":447},"A2.1B","A2.1B, A8.2, A5.0",null,"(2\"x6\") Wooden Studs @ 16\" O.C. - 9'-3\" High",{"$f":"F580/1.33","v":{"v":9.210526315789473,"d":"9"}},{"v":0,"d":"0%"},{"v":9.210526315789473,"d":"9"},"EA",{"v":22.94,"d":"$22.94"},{"v":211.28947368421052,"d":"$211.29"},{"v":14.06,"d":"$14.06"},{"v":129.5,"d":"$129.50"},{"v":37,"d":"$37.0"},{"v":340.78947368421046,"d":"$341"}]
[{"$f":"IF(I585<>\"\",1+MAX($A$6:A584),\"\")","v":""}]
[{"$f":"IF(I586<>\"\",1+MAX($A$6:A585),\"\")","v":""},{"$nulls":3},"INTERIOR WALLS - (2\"X6\")",{"v":5.38,"d":"5"},{"v":11.5,"d":"12"}]
[{"$f":"IF(I587<>\"\",1+MAX($A$6:A586),\"\")","v":""}]
[{"$f":"IF(I588<>\"\",1+MAX($A$6:A587),\"\")","v":448},"A2.1B","A2.1B, A8.2, A5.0",null,"(2\"x6\") Pressure Treated Plate @ Bottom",{"$f":"F586*1","v":{"v":5.38,"d":"5"}},{"v":0.1,"d":"10%"},{"$f":"F588*(1+G588)","v":{"v":5.918,"d":"6"}},"LF",{"v":2.48,"d":"$2.48"},{"$f":"J588*H588","v":{"v":14.67664,"d":"$14.68"}},{"v":1.52,"d":"$1.52"},{"$f":"L588*H588","v":{"v":8.99536,"d":"$9.00"}},{"v":4,"d":"$4.0"},{"$f":"N588*H588","v":{"v":23.672,"d":"$24"}}]
[{"$f":"IF(I589<>\"\",1+MAX($A$6:A588),\"\")","v":449},"A2.1B","A2.1B, A8.2, A5.0",null,"(2\"x6\") Pressure Treated Plate @ Top (Double Plate)",{"$f":"F586*2","v":{"v":10.76,"d":"11"}},{"v":0.1,"d":"10%"},{"v":11.836,"d":"12"},"LF",{"v":2.48,"d":"$2.48"},{"v":29.35328,"d":"$29.35"},{"v":1.52,"d":"$1.52"},{"v":17.99072,"d":"$17.99"},{"v":4,"d":"$4.0"},{"v":47.344,"d":"$47"}]
[{"$f":"IF(I590<>\"\",1+MAX($A$6:A589),\"\")","v":450},"A2.1B","A2.1B, A8.2, A5.0",null,"(2\"x6\") Wooden Studs @ 16\" O.C. - 11'-6\" High",{"$f":"F586/1.33","v":{"v":4.045112781954887,"d":"4"}},{"v":0,"d":"0%"},{"v":4.045112781954887,"d":"4"},"EA",{"v":28.52,"d":"$28.52"},{"v":115.36661654135338,"d":"$115.37"},{"v":17.48,"d":"$17.48"},{"v":70.70857142857143,"d":"$70.71"},{"v":46,"d":"$46.0"},{"v":186.0751879699248,"d":"$186"}]
[{"$f":"IF(I591<>\"\",1+MAX($A$6:A590),\"\")","v":""}]
[{"$f":"IF(I592<>\"\",1+MAX($A$6:A591),\"\")","v":""},{"$nulls":3},"INTERIOR WALLS - (2\"X6\") - ONE SIDE WEATHER RESISTANT",{"v":7.87,"d":"8"},{"v":11.5,"d":"12"}]
[{"$f":"IF(I593<>\"\",1+MAX($A$6:A592),\"\")","v":""}]
[{"$f":"IF(I594<>\"\",1+MAX($A$6:A593),\"\")","v":451},"A2.1B","A2.1B, A8.2, A5.0",null,"(2\"x6\") Pressure Treated Plate @ Bottom",{"$f":"F592*1","v":{"v":7.87,"d":"8"}},{"v":0.1,"d":"10%"},{"$f":"F594*(1+G594)","v":{"v":8.657,"d":"9"}},"LF",{"v":2.48,"d":"$2.48"},{"$f":"J594*H594","v":{"v":21.469359999999998,"d":"$21.47"}},{"v":1.52,"d":"$1.52"},{"$f":"L594*H594","v":{"v":13.15864,"d":"$13.16"}},{"v":4,"d":"$4.0"},{"$f":"N594*H594","v":{"v":34.628,"d":"$35"}}]
[{"$f":"IF(I595<>\"\",1+MAX($A$6:A594),\"\")","v":452},"A2.1B","A2.1B, A8.2, A5.0",null,"(2\"x6\") Pressure Treated Plate @ Top (Double Plate)",{"$f":"F592*2","v":{"v":15.74,"d":"16"}},{"v":0.1,"d":"10%"},{"v":17.314,"d":"17"},"LF",{"v":2.48,"d":"$2.48"},{"v":42.938719999999996,"d":"$42.94"},{"v":1.52,"d":"$1.52"},{"v":26.31728,"d":"$26.32"},{"v":4,"d":"$4.0"},{"v":69.256,"d":"$69"}]
[{"$f":"IF(I596<>\"\",1+MAX($A$6:A595),\"\")","v":453},"A2.1B","A2.1B, A8.2, A5.0",null,"(2\"x6\") Wooden Studs @ 16\" O.C. - 11'-6\" High",{"$f":"F592/1.33","v":{"v":5.917293233082707,"d":"6"}},{"v":0,"d":"0%"},{"v":5.917293233082707,"d":"6"},"EA",{"v":28.52,"d":"$28.52"},{"v":168.7612030075188,"d":"$168.76"},{"v":17.48,"d":"$17.48"},{"v":103.43428571428572,"d":"$103.43"},{"v":46,"d":"$46.0"},{"v":272.1954887218045,"d":"$272"}]
[{"$f":"IF(I597<>\"\",1+MAX($A$6:A596),\"\")","v":""}]
[{"$f":"IF(I598<>\"\",1+MAX($A$6:A597),\"\")","v":""},{"$nulls":3},"INTERIOR WALLS - (2\"X4\") - 1 HOUR RATED ",{"v":12.49,"d":"12"},{"v":9.25,"d":"9"}]
[{"$f":"IF(I599<>\"\",1+MAX($A$6:A598),\"\")","v":""}]
[{"$f":"IF(I600<>\"\",1+MAX($A$6:A599),\"\")","v":454},"A2.1B","A2.1B, A8.2, A5.0",null,"(2\"x4\") Pressure Treated Plate @ Bottom",{"$f":"F598*1","v":{"v":12.49,"d":"12"}},{"v":0.1,"d":"10%"},{"$f":"F600*(1+G600)","v":{"v":13.739,"d":"14"}},"LF",{"v":1.8599999999999999,"d":"$1.86"},{"$f":"J600*H600","v":{"v":25.55454,"d":"$25.55"}},{"v":1.1400000000000001,"d":"$1.14"},{"$f":"L600*H600","v":{"v":15.662460000000003,"d":"$15.66"}},{"v":3,"d":"$3.0"},{"$f":"N600*H600","v":{"v":41.217,"d":"$41"}}]
[{"$f":"IF(I601<>\"\",1+MAX($A$6:A600),\"\")","v":455},"A2.1B","A2.1B, A8.2, A5.0",null,"(2\"x4\") Pressure Treated Plate @ Top (Double Plate)",{"$f":"F598*2","v":{"v":24.98,"d":"25"}},{"v":0.1,"d":"10%"},{"v":27.478,"d":"27"},"LF",{"v":1.8599999999999999,"d":"$1.86"},{"v":51.10908,"d":"$51.11"},{"v":1.1400000000000001,"d":"$1.14"},{"v":31.324920000000006,"d":"$31.32"},{"v":3,"d":"$3.0"},{"v":82.434,"d":"$82"}]
[{"$f":"IF(I602<>\"\",1+MAX($A$6:A601),\"\")","v":456},"A2.1B","A2.1B, A8.2, A5.0",null,"(2\"x4\") Wooden Studs @ 16\" O.C. - 9'-3\" High",{"$f":"F598/1.33","v":{"v":9.390977443609023,"d":"9"}},{"v":0,"d":"0%"},{"v":9.390977443609023,"d":"9"},"EA",{"v":17.205,"d":"$17.21"},{"v":161.57176691729322,"d":"$161.57"},{"v":10.545,"d":"$10.55"},{"v":99.02785714285714,"d":"$99.03"},{"v":27.75,"d":"$27.8"},{"v":260.5996240601504,"d":"$261"}]
[{"$f":"IF(I603<>\"\",1+MAX($A$6:A602),\"\")","v":""}]
[{"$f":"IF(I604<>\"\",1+MAX($A$6:A603),\"\")","v":""},{"$nulls":3},"INTERIOR WALLS - (2\"X6\") - 1 HOUR RATED ",{"v":28.55,"d":"29"},{"v":9.25,"d":"9"}]
[{"$f":"IF(I605<>\"\",1+MAX($A$6:A604),\"\")","v":""}]
[{"$f":"IF(I606<>\"\",1+MAX($A$6:A605),\"\")","v":457},"A2.1B","A2.1B, A8.2, A5.0",null,"(2\"x6\") Pressure Treated Plate @ Bottom",{"$f":"F604*1","v":{"v":28.55,"d":"29"}},{"v":0.1,"d":"10%"},{"$f":"F606*(1+G606)","v":{"v":31.405000000000005,"d":"31"}},"LF",{"v":2.48,"d":"$2.48"},{"$f":"J606*H606","v":{"v":77.88440000000001,"d":"$77.88"}},{"v":1.52,"d":"$1.52"},{"$f":"L606*H606","v":{"v":47.735600000000005,"d":"$47.74"}},{"v":4,"d":"$4.0"},{"$f":"N606*H606","v":{"v":125.62000000000002,"d":"$126"}}]
[{"$f":"IF(I607<>\"\",1+MAX($A$6:A606),\"\")","v":458},"A2.1B","A2.1B, A8.2, A5.0",null,"(2\"x6\") Pressure Treated Plate @ Top (Double Plate)",{"$f":"F604*2","v":{"v":57.1,"d":"57"}},{"v":0.1,"d":"10%"},{"v":62.81000000000001,"d":"63"},"LF",{"v":2.48,"d":"$2.48"},{"v":155.76880000000003,"d":"$155.77"},{"v":1.52,"d":"$1.52"},{"v":95.47120000000001,"d":"$95.47"},{"v":4,"d":"$4.0"},{"v":251.24000000000004,"d":"$251"}]
[{"$f":"IF(I608<>\"\",1+MAX($A$6:A607),\"\")","v":459},"A2.1B","A2.1B, A8.2, A5.0",null,"(2\"x6\") Wooden Studs @ 16\" O.C. - 9'-3\" High",{"$f":"F604/1.33","v":{"v":21.466165413533833,"d":"21"}},{"v":0,"d":"0%"},{"v":21.466165413533833,"d":"21"},"EA",{"v":22.94,"d":"$22.94"},{"v":492.43383458646616,"d":"$492.43"},{"v":14.06,"d":"$14.06"},{"v":301.8142857142857,"d":"$301.81"},{"v":37,"d":"$37.0"},{"v":794.2481203007518,"d":"$794"}]
[{"$f":"IF(I609<>\"\",1+MAX($A$6:A608),\"\")","v":""}]
[{"$f":"IF(I610<>\"\",1+MAX($A$6:A609),\"\")","v":""},{"$nulls":3},"INTERIOR WALLS - (2\"X6\") - 1 HOUR RATED - ONE SIDE WEATHER RESISTANT",{"v":5.75,"d":"6"},{"v":9.25,"d":"9"}]
[{"$f":"IF(I611<>\"\",1+MAX($A$6:A610),\"\")","v":""}]
[{"$f":"IF(I612<>\"\",1+MAX($A$6:A611),\"\")","v":460},"A2.1B","A2.1B, A8.2, A5.0",null,"(2\"x6\") Pressure Treated Plate @ Bottom",{"$f":"F610*1","v":{"v":5.75,"d":"6"}},{"v":0.1,"d":"10%"},{"$f":"F612*(1+G612)","v":{"v":6.325,"d":"6"}},"LF",{"v":2.48,"d":"$2.48"},{"$f":"J612*H612","v":{"v":15.686,"d":"$15.69"}},{"v":1.52,"d":"$1.52"},{"$f":"L612*H612","v":{"v":9.614,"d":"$9.61"}},{"v":4,"d":"$4.0"},{"$f":"N612*H612","v":{"v":25.3,"d":"$25"}}]
[{"$f":"IF(I613<>\"\",1+MAX($A$6:A612),\"\")","v":461},"A2.1B","A2.1B, A8.2, A5.0",null,"(2\"x6\") Pressure Treated Plate @ Top (Double Plate)",{"$f":"F610*2","v":{"v":11.5,"d":"12"}},{"v":0.1,"d":"10%"},{"v":12.65,"d":"13"},"LF",{"v":2.48,"d":"$2.48"},{"v":31.372,"d":"$31.37"},{"v":1.52,"d":"$1.52"},{"v":19.228,"d":"$19.23"},{"v":4,"d":"$4.0"},{"v":50.6,"d":"$51"}]
[{"$f":"IF(I614<>\"\",1+MAX($A$6:A613),\"\")","v":462},"A2.1B","A2.1B, A8.2, A5.0",null,"(2\"x6\") Wooden Studs @ 16\" O.C. - 9'-3\" High",{"$f":"F610/1.33","v":{"v":4.323308270676692,"d":"4"}},{"v":0,"d":"0%"},{"v":4.323308270676692,"d":"4"},"EA",{"v":22.94,"d":"$22.94"},{"v":99.17669172932331,"d":"$99.18"},{"v":14.06,"d":"$14.06"},{"v":60.785714285714285,"d":"$60.79"},{"v":37,"d":"$37.0"},{"v":159.9624060150376,"d":"$160"}]
[{"$f":"IF(I615<>\"\",1+MAX($A$6:A614),\"\")","v":""}]
[{"$f":"IF(I616<>\"\",1+MAX($A$6:A615),\"\")","v":""},{"$nulls":3},"INTERIOR WALLS - (2\"X6\") - 1 HOUR RATED ",{"v":32.84,"d":"33"},{"v":11.6,"d":"12"}]
[{"$f":"IF(I617<>\"\",1+MAX($A$6:A616),\"\")","v":""}]
[{"$f":"IF(I618<>\"\",1+MAX($A$6:A617),\"\")","v":463},"A2.1B","A2.1B, A8.2, A5.0",null,"(2\"x6\") Pressure Treated Plate @ Bottom",{"$f":"F616*1","v":{"v":32.84,"d":"33"}},{"v":0.1,"d":"10%"},{"$f":"F618*(1+G618)","v":{"v":36.12400000000001,"d":"36"}},"LF",{"v":2.48,"d":"$2.48"},{"$f":"J618*H618","v":{"v":89.58752000000003,"d":"$89.59"}},{"v":1.52,"d":"$1.52"},{"$f":"L618*H618","v":{"v":54.90848000000001,"d":"$54.91"}},{"v":4,"d":"$4.0"},{"$f":"N618*H618","v":{"v":144.49600000000004,"d":"$144"}}]
[{"$f":"IF(I619<>\"\",1+MAX($A$6:A618),\"\")","v":464},"A2.1B","A2.1B, A8.2, A5.0",null,"(2\"x6\") Pressure Treated Plate @ Top (Double Plate)",{"$f":"F616*2","v":{"v":65.68,"d":"66"}},{"v":0.1,"d":"10%"},{"v":72.24800000000002,"d":"72"},"LF",{"v":2.48,"d":"$2.48"},{"v":179.17504000000005,"d":"$179.18"},{"v":1.52,"d":"$1.52"},{"v":109.81696000000002,"d":"$109.82"},{"v":4,"d":"$4.0"},{"v":288.9920000000001,"d":"$289"}]
[{"$f":"IF(I620<>\"\",1+MAX($A$6:A619),\"\")","v":465},"A2.1B","A2.1B, A8.2, A5.0",null,"(2\"x6\") Wooden Studs @ 16\" O.C. - 11'-6\" High",{"$f":"F616/1.33","v":{"v":24.691729323308273,"d":"25"}},{"v":0,"d":"0%"},{"v":24.691729323308273,"d":"25"},"EA",{"v":28.52,"d":"$28.52"},{"v":704.208120300752,"d":"$704.21"},{"v":17.48,"d":"$17.48"},{"v":431.61142857142863,"d":"$431.61"},{"v":46,"d":"$46.0"},{"v":1135.8195488721806,"d":"$1,136"}]
[{"$f":"IF(I621<>\"\",1+MAX($A$6:A620),\"\")","v":""}]
[{"$f":"IF(I622<>\"\",1+MAX($A$6:A621),\"\")","v":""},{"$nulls":3},"2ND FLOOR"]
[{"$f":"IF(I623<>\"\",1+MAX($A$6:A622),\"\")","v":""}]
[{"$f":"IF(I624<>\"\",1+MAX($A$6:A623),\"\")","v":""},{"$nulls":3},"WALL FRAMING"]
[{"$f":"IF(I625<>\"\",1+MAX($A$6:A624),\"\")","v":""}]
[{"$f":"IF(I626<>\"\",1+MAX($A$6:A625),\"\")","v":""},{"$nulls":3},"EXTERIOR WALLS - (2\"X6\")",{"v":67.91,"d":"68"},8]
[{"$f":"IF(I627<>\"\",1+MAX($A$6:A626),\"\")","v":""}]
[{"$f":"IF(I628<>\"\",1+MAX($A$6:A627),\"\")","v":466},"A2.1C","A2.1C, A8.2, A5.0",null,"15/32\" Structural 1 Plywood Sheathing - (4'X8' ea.)",{"$f":"F626*G626/32","v":{"v":16.9775,"d":"17"}},{"v":0,"d":"0%"},{"$f":"F628*(1+G628)","v":{"v":16.9775,"d":"17"}},"EA",{"v":90,"d":"$90.0"},{"$f":"J628*H628","v":{"v":1527.975,"d":"$1,527.98"}},{"v":26,"d":"$26.00"},{"$f":"L628*H628","v":{"v":441.41499999999996,"d":"$441.42"}},{"v":116,"d":"$116.0"},{"$f":"N628*H628","v":{"v":1969.3899999999999,"d":"$1,969"}}]
[{"$f":"IF(I629<>\"\",1+MAX($A$6:A628),\"\")","v":467},"A2.1C","A2.1C, A8.2, A5.0",null,"(2\"x6\") Pressure Treated Plate @ Bottom",{"$f":"F626*1","v":{"v":67.91,"d":"68"}},{"v":0.1,"d":"10%"},{"$f":"F629*(1+G629)","v":{"v":74.70100000000001,"d":"75"}},"LF",{"v":2.48,"d":"$2.48"},{"v":185.25848000000002,"d":"$185.26"},{"v":1.52,"d":"$1.52"},{"v":113.54552000000001,"d":"$113.55"},{"v":4,"d":"$4.0"},{"v":298.80400000000003,"d":"$299"}]
[{"$f":"IF(I630<>\"\",1+MAX($A$6:A629),\"\")","v":468},"A2.1C","A2.1C, A8.2, A5.0",null,"(2\"x6\") Pressure Treated Plate @ Top (Double Plate)",{"$f":"F626*2","v":{"v":135.82,"d":"136"}},{"v":0.1,"d":"10%"},{"v":149.40200000000002,"d":"149"},"LF",{"v":2.48,"d":"$2.48"},{"v":370.51696000000004,"d":"$370.52"},{"v":1.52,"d":"$1.52"},{"v":227.09104000000002,"d":"$227.09"},{"v":4,"d":"$4.0"},{"v":597.6080000000001,"d":"$598"}]
[{"$f":"IF(I631<>\"\",1+MAX($A$6:A630),\"\")","v":469},{"$nulls":3},"(2\"x6\") Wooden Studs @ 16\" O.C. - 8'-0\" High",{"$f":"F626/1.33","v":{"v":51.06015037593984,"d":"51"}},{"v":0,"d":"0%"},{"v":51.06015037593984,"d":"51"},"EA",{"v":19.84,"d":"$19.84"},{"v":1013.0333834586464,"d":"$1,013.03"},{"v":12.16,"d":"$12.16"},{"v":620.8914285714285,"d":"$620.89"},{"v":32,"d":"$32.0"},{"v":1633.924812030075,"d":"$1,634"}]
[{"$f":"IF(I632<>\"\",1+MAX($A$6:A631),\"\")","v":""}]
[{"$f":"IF(I633<>\"\",1+MAX($A$6:A632),\"\")","v":""},{"$nulls":3},"EXTERIOR WALLS - (2\"X6\") - ONE SIDE MOISTURE RESISTANT",{"v":15.8,"d":"16"},8]
[{"$f":"IF(I634<>\"\",1+MAX($A$6:A633),\"\")","v":""}]
[{"$f":"IF(I635<>\"\",1+MAX($A$6:A634),\"\")","v":470},"A2.1C","A2.1C, A8.2, A5.0",null,"15/32\" Structural 1 Plywood Sheathing - (4'X8' ea.)",{"$f":"F633*G633/32","v":{"v":3.95,"d":"4"}},{"v":0,"d":"0%"},{"$f":"F635*(1+G635)","v":{"v":3.95,"d":"4"}},"EA",{"v":90,"d":"$90.0"},{"$f":"J635*H635","v":{"v":355.5,"d":"$355.50"}},{"v":26,"d":"$26.00"},{"$f":"L635*H635","v":{"v":102.7,"d":"$102.70"}},{"v":116,"d":"$116.0"},{"$f":"N635*H635","v":{"v":458.20000000000005,"d":"$458"}}]
[{"$f":"IF(I636<>\"\",1+MAX($A$6:A635),\"\")","v":471},"A2.1C","A2.1C, A8.2, A5.0",null,"(2\"x6\") Pressure Treated Plate @ Bottom",{"$f":"F633*1","v":{"v":15.8,"d":"16"}},{"v":0.1,"d":"10%"},{"$f":"F636*(1+G636)","v":{"v":17.380000000000003,"d":"17"}},"LF",{"v":2.48,"d":"$2.48"},{"v":43.1024,"d":"$43.10"},{"v":1.52,"d":"$1.52"},{"v":26.417600000000004,"d":"$26.42"},{"v":4,"d":"$4.0"},{"v":69.52000000000001,"d":"$70"}]
[{"$f":"IF(I637<>\"\",1+MAX($A$6:A636),\"\")","v":472},"A2.1C","A2.1C, A8.2, A5.0",null,"(2\"x6\") Pressure Treated Plate @ Top (Double Plate)",{"$f":"F633*2","v":{"v":31.6,"d":"32"}},{"v":0.1,"d":"10%"},{"v":34.760000000000005,"d":"35"},"LF",{"v":2.48,"d":"$2.48"},{"v":86.2048,"d":"$86.20"},{"v":1.52,"d":"$1.52"},{"v":52.83520000000001,"d":"$52.84"},{"v":4,"d":"$4.0"},{"v":139.04000000000002,"d":"$139"}]
[{"$f":"IF(I638<>\"\",1+MAX($A$6:A637),\"\")","v":473},"A2.1C","A2.1C, A8.2, A5.0",null,"(2\"x6\") Wooden Studs @ 16\" O.C. - 8'-0\" High",{"$f":"F633/1.33","v":{"v":11.8796992481203,"d":"12"}},{"v":0,"d":"0%"},{"v":11.8796992481203,"d":"12"},"EA",{"v":19.84,"d":"$19.84"},{"v":235.69323308270674,"d":"$235.69"},{"v":12.16,"d":"$12.16"},{"v":144.45714285714286,"d":"$144.46"},{"v":32,"d":"$32.0"},{"v":380.1503759398496,"d":"$380"}]
[{"$f":"IF(I639<>\"\",1+MAX($A$6:A638),\"\")","v":""}]
[{"$f":"IF(I640<>\"\",1+MAX($A$6:A639),\"\")","v":""},{"$nulls":3},"EXTERIOR WALLS - (2\"X6\")",{"v":62.95,"d":"63"},{"v":10.83,"d":"11"}]
[{"$f":"IF(I641<>\"\",1+MAX($A$6:A640),\"\")","v":""}]
[{"$f":"IF(I642<>\"\",1+MAX($A$6:A641),\"\")","v":474},"A2.1C","A2.1C, A8.2, A5.0",null,"15/32\" Structural 1 Plywood Sheathing - (4'X8' ea.)",{"$f":"F640*G640/32","v":{"v":21.304640625,"d":"21"}},{"v":0,"d":"0%"},{"$f":"F642*(1+G642)","v":{"v":21.304640625,"d":"21"}},"EA",{"v":90,"d":"$90.0"},{"$f":"J642*H642","v":{"v":1917.4176562500002,"d":"$1,917.42"}},{"v":26,"d":"$26.00"},{"$f":"L642*H642","v":{"v":553.92065625,"d":"$553.92"}},{"v":116,"d":"$116.0"},{"$f":"N642*H642","v":{"v":2471.3383125,"d":"$2,471"}}]
[{"$f":"IF(I643<>\"\",1+MAX($A$6:A642),\"\")","v":475},"A2.1C","A2.1C, A8.2, A5.0",null,"(2\"x6\") Pressure Treated Plate @ Bottom",{"$f":"F640*1","v":{"v":62.95,"d":"63"}},{"v":0.1,"d":"10%"},{"$f":"F643*(1+G643)","v":{"v":69.245,"d":"69"}},"LF",{"v":2.48,"d":"$2.48"},{"v":171.72760000000002,"d":"$171.73"},{"v":1.52,"d":"$1.52"},{"v":105.25240000000001,"d":"$105.25"},{"v":4,"d":"$4.0"},{"v":276.98,"d":"$277"}]
[{"$f":"IF(I644<>\"\",1+MAX($A$6:A643),\"\")","v":476},"A2.1C","A2.1C, A8.2, A5.0",null,"(2\"x6\") Pressure Treated Plate @ Top (Double Plate)",{"$f":"F640*2","v":{"v":125.9,"d":"126"}},{"v":0.1,"d":"10%"},{"v":138.49,"d":"138"},"LF",{"v":2.48,"d":"$2.48"},{"v":343.45520000000005,"d":"$343.46"},{"v":1.52,"d":"$1.52"},{"v":210.50480000000002,"d":"$210.50"},{"v":4,"d":"$4.0"},{"v":553.96,"d":"$554"}]
[{"$f":"IF(I645<>\"\",1+MAX($A$6:A644),\"\")","v":477},"A2.1C","A2.1C, A8.2, A5.0",null,"(2\"x6\") Wooden Studs @ 16\" O.C. - 10'-10\" High",{"$f":"F640/1.33","v":{"v":47.33082706766917,"d":"47"}},{"v":0,"d":"0%"},{"v":47.33082706766917,"d":"47"},"EA",{"v":26.8584,"d":"$26.86"},{"v":1271.2302857142856,"d":"$1,271.23"},{"v":16.4616,"d":"$16.46"},{"v":779.1411428571429,"d":"$779.14"},{"v":43.32,"d":"$43.3"},{"v":2050.3714285714286,"d":"$2,050"}]
[{"$f":"IF(I646<>\"\",1+MAX($A$6:A645),\"\")","v":""}]
[{"$f":"IF(I647<>\"\",1+MAX($A$6:A646),\"\")","v":""},{"$nulls":3},"EXTERIOR WALLS - (2\"X6\") - ONE SIDE MOISTURE RESISTANT",{"v":8.77,"d":"9"},{"v":10.83,"d":"11"}]
[{"$f":"IF(I648<>\"\",1+MAX($A$6:A647),\"\")","v":""}]
[{"$f":"IF(I649<>\"\",1+MAX($A$6:A648),\"\")","v":478},"A2.1C","A2.1C, A8.2, A5.0",null,"15/32\" Structural 1 Plywood Sheathing - (4'X8' ea.)",{"$f":"F647*G647/32","v":{"v":2.968096875,"d":"3"}},{"v":0,"d":"0%"},{"$f":"F649*(1+G649)","v":{"v":2.968096875,"d":"3"}},"EA",{"v":90,"d":"$90.0"},{"$f":"J649*H649","v":{"v":267.12871875,"d":"$267.13"}},{"v":26,"d":"$26.00"},{"$f":"L649*H649","v":{"v":77.17051875,"d":"$77.17"}},{"v":116,"d":"$116.0"},{"$f":"N649*H649","v":{"v":344.2992375,"d":"$344"}}]
[{"$f":"IF(I650<>\"\",1+MAX($A$6:A649),\"\")","v":479},"A2.1C","A2.1C, A8.2, A5.0",null,"(2\"x6\") Pressure Treated Plate @ Bottom",{"$f":"F647*1","v":{"v":8.77,"d":"9"}},{"v":0.1,"d":"10%"},{"$f":"F650*(1+G650)","v":{"v":9.647,"d":"10"}},"LF",{"v":2.48,"d":"$2.48"},{"v":23.92456,"d":"$23.92"},{"v":1.52,"d":"$1.52"},{"v":14.663440000000001,"d":"$14.66"},{"v":4,"d":"$4.0"},{"v":38.588,"d":"$39"}]
[{"$f":"IF(I651<>\"\",1+MAX($A$6:A650),\"\")","v":480},"A2.1C","A2.1C, A8.2, A5.0",null,"(2\"x6\") Pressure Treated Plate @ Top (Double Plate)",{"$f":"F647*2","v":{"v":17.54,"d":"18"}},{"v":0.1,"d":"10%"},{"v":19.294,"d":"19"},"LF",{"v":2.48,"d":"$2.48"},{"v":47.84912,"d":"$47.85"},{"v":1.52,"d":"$1.52"},{"v":29.326880000000003,"d":"$29.33"},{"v":4,"d":"$4.0"},{"v":77.176,"d":"$77"}]
[{"$f":"IF(I652<>\"\",1+MAX($A$6:A651),\"\")","v":481},"A2.1C","A2.1C, A8.2, A5.0",null,"(2\"x6\") Wooden Studs @ 16\" O.C. - 10'-10\" High",{"$f":"F647/1.33","v":{"v":6.593984962406014,"d":"7"}},{"v":0,"d":"0%"},{"v":6.593984962406014,"d":"7"},"EA",{"v":26.8584,"d":"$26.86"},{"v":177.1038857142857,"d":"$177.10"},{"v":16.4616,"d":"$16.46"},{"v":108.54754285714284,"d":"$108.55"},{"v":43.32,"d":"$43.3"},{"v":285.65142857142854,"d":"$286"}]
[{"$f":"IF(I653<>\"\",1+MAX($A$6:A652),\"\")","v":""}]
[{"$f":"IF(I654<>\"\",1+MAX($A$6:A653),\"\")","v":""},{"$nulls":3},"INTERIOR WALLS - (2\"X6\") - DOUBLE STUD WALL",{"v":6.8,"d":"7"},8]
[{"$f":"IF(I655<>\"\",1+MAX($A$6:A654),\"\")","v":""}]
[{"$f":"IF(I656<>\"\",1+MAX($A$6:A655),\"\")","v":482},"A2.1B","A2.1B, A8.2, A5.0",null,"(2\"x6\") Pressure Treated Plate @ Bottom",{"$f":"F654*2","v":{"v":13.6,"d":"14"}},{"v":0.1,"d":"10%"},{"$f":"F656*(1+G656)","v":{"v":14.96,"d":"15"}},"LF",{"v":2.48,"d":"$2.48"},{"$f":"J656*H656","v":{"v":37.1008,"d":"$37.10"}},{"v":1.52,"d":"$1.52"},{"$f":"L656*H656","v":{"v":22.7392,"d":"$22.74"}},{"v":4,"d":"$4.0"},{"$f":"N656*H656","v":{"v":59.84,"d":"$60"}}]
[{"$f":"IF(I657<>\"\",1+MAX($A$6:A656),\"\")","v":483},"A2.1B","A2.1B, A8.2, A5.0",null,"(2\"x6\") Pressure Treated Plate @ Top (Double Plate)",{"$f":"F654*4","v":{"v":27.2,"d":"27"}},{"v":0.1,"d":"10%"},{"v":29.92,"d":"30"},"LF",{"v":2.48,"d":"$2.48"},{"v":74.2016,"d":"$74.20"},{"v":1.52,"d":"$1.52"},{"v":45.4784,"d":"$45.48"},{"v":4,"d":"$4.0"},{"v":119.68,"d":"$120"}]
[{"$f":"IF(I658<>\"\",1+MAX($A$6:A657),\"\")","v":484},"A2.1B","A2.1B, A8.2, A5.0",null,"(2\"x6\") Wooden Studs @ 16\" O.C. - 8'-0\" High",{"$f":"F654*2/1.33","v":{"v":10.225563909774435,"d":"10"}},{"v":0,"d":"0%"},{"v":10.225563909774435,"d":"10"},"EA",{"v":19.84,"d":"$19.84"},{"v":202.87518796992478,"d":"$202.88"},{"v":12.16,"d":"$12.16"},{"v":124.34285714285713,"d":"$124.34"},{"v":32,"d":"$32.0"},{"v":327.2180451127819,"d":"$327"}]
[{"$f":"IF(I659<>\"\",1+MAX($A$6:A658),\"\")","v":""}]
[{"$f":"IF(I660<>\"\",1+MAX($A$6:A659),\"\")","v":""},{"$nulls":3},"INTERIOR WALLS - (2\"X4\")",{"v":88.98,"d":"89"},8]
[{"$f":"IF(I661<>\"\",1+MAX($A$6:A660),\"\")","v":""}]
[{"$f":"IF(I662<>\"\",1+MAX($A$6:A661),\"\")","v":485},"A2.1C","A2.1C, A8.2, A5.0",null,"(2\"x4\") Pressure Treated Plate @ Bottom",{"$f":"F660*1","v":{"v":88.98,"d":"89"}},{"v":0.1,"d":"10%"},{"$f":"F662*(1+G662)","v":{"v":97.87800000000001,"d":"98"}},"LF",{"v":1.8599999999999999,"d":"$1.86"},{"$f":"J662*H662","v":{"v":182.05308000000002,"d":"$182.05"}},{"v":1.1400000000000001,"d":"$1.14"},{"$f":"L662*H662","v":{"v":111.58092000000003,"d":"$111.58"}},{"v":3,"d":"$3.0"},{"$f":"N662*H662","v":{"v":293.634,"d":"$294"}}]
[{"$f":"IF(I663<>\"\",1+MAX($A$6:A662),\"\")","v":486},"A2.1C","A2.1C, A8.2, A5.0",null,"(2\"x4\") Pressure Treated Plate @ Top (Double Plate)",{"$f":"F660*2","v":{"v":177.96,"d":"178"}},{"v":0.1,"d":"10%"},{"v":195.75600000000003,"d":"196"},"LF",{"v":1.8599999999999999,"d":"$1.86"},{"v":364.10616000000005,"d":"$364.11"},{"v":1.1400000000000001,"d":"$1.14"},{"v":223.16184000000007,"d":"$223.16"},{"v":3,"d":"$3.0"},{"v":587.268,"d":"$587"}]
[{"$f":"IF(I664<>\"\",1+MAX($A$6:A663),\"\")","v":487},"A2.1C","A2.1C, A8.2, A5.0",null,"(2\"x4\") Wooden Studs @ 16\" O.C. - 8'-0\" High",{"$f":"F660/1.33","v":{"v":66.90225563909775,"d":"67"}},{"v":0,"d":"0%"},{"v":66.90225563909775,"d":"67"},"EA",{"v":14.879999999999999,"d":"$14.88"},{"v":995.5055639097744,"d":"$995.51"},{"v":9.120000000000001,"d":"$9.12"},{"v":610.1485714285715,"d":"$610.15"},{"v":24,"d":"$24.0"},{"v":1605.654135338346,"d":"$1,606"}]
[{"$f":"IF(I665<>\"\",1+MAX($A$6:A664),\"\")","v":""}]
[{"$f":"IF(I666<>\"\",1+MAX($A$6:A665),\"\")","v":""},{"$nulls":3},"INTERIOR WALLS - (2\"X4\") - ONE SIDE WEATHER RESISTANT",{"v":39.44,"d":"39"},8]
[{"$f":"IF(I667<>\"\",1+MAX($A$6:A666),\"\")","v":""}]
[{"$f":"IF(I668<>\"\",1+MAX($A$6:A667),\"\")","v":488},"A2.1C","A2.1C, A8.2, A5.0",null,"(2\"x4\") Pressure Treated Plate @ Bottom",{"$f":"F666*1","v":{"v":39.44,"d":"39"}},{"v":0.1,"d":"10%"},{"$f":"F668*(1+G668)","v":{"v":43.384,"d":"43"}},"LF",{"v":1.8599999999999999,"d":"$1.86"},{"$f":"J668*H668","v":{"v":80.69424,"d":"$80.69"}},{"v":1.1400000000000001,"d":"$1.14"},{"$f":"L668*H668","v":{"v":49.45776000000001,"d":"$49.46"}},{"v":3,"d":"$3.0"},{"$f":"N668*H668","v":{"v":130.152,"d":"$130"}}]
[{"$f":"IF(I669<>\"\",1+MAX($A$6:A668),\"\")","v":489},"A2.1C","A2.1C, A8.2, A5.0",null,"(2\"x4\") Pressure Treated Plate @ Top (Double Plate)",{"$f":"F666*2","v":{"v":78.88,"d":"79"}},{"v":0.1,"d":"10%"},{"v":86.768,"d":"87"},"LF",{"v":1.8599999999999999,"d":"$1.86"},{"v":161.38848,"d":"$161.39"},{"v":1.1400000000000001,"d":"$1.14"},{"v":98.91552000000001,"d":"$98.92"},{"v":3,"d":"$3.0"},{"v":260.304,"d":"$260"}]
[{"$f":"IF(I670<>\"\",1+MAX($A$6:A669),\"\")","v":490},"A2.1C","A2.1C, A8.2, A5.0",null,"(2\"x4\") Wooden Studs @ 16\" O.C. - 8'-0\" High",{"$f":"F666/1.33","v":{"v":29.65413533834586,"d":"30"}},{"v":0,"d":"0%"},{"v":29.65413533834586,"d":"30"},"EA",{"v":14.879999999999999,"d":"$14.88"},{"v":441.2535338345864,"d":"$441.25"},{"v":9.120000000000001,"d":"$9.12"},{"v":270.44571428571425,"d":"$270.45"},{"v":24,"d":"$24.0"},{"v":711.6992481203006,"d":"$712"}]
[{"$f":"IF(I671<>\"\",1+MAX($A$6:A670),\"\")","v":""}]
[{"$f":"IF(I672<>\"\",1+MAX($A$6:A671),\"\")","v":""},{"$nulls":3},"INTERIOR WALLS - (2\"X4\")",{"v":34.5,"d":"35"},{"v":10.83,"d":"11"}]
[{"$f":"IF(I673<>\"\",1+MAX($A$6:A672),\"\")","v":""}]
[{"$f":"IF(I674<>\"\",1+MAX($A$6:A673),\"\")","v":491},"A2.1C","A2.1C, A8.2, A5.0",null,"(2\"x4\") Pressure Treated Plate @ Bottom",{"$f":"F672*1","v":{"v":34.5,"d":"35"}},{"v":0.1,"d":"10%"},{"$f":"F674*(1+G674)","v":{"v":37.95,"d":"38"}},"LF",{"v":1.8599999999999999,"d":"$1.86"},{"$f":"J674*H674","v":{"v":70.587,"d":"$70.59"}},{"v":1.1400000000000001,"d":"$1.14"},{"$f":"L674*H674","v":{"v":43.263000000000005,"d":"$43.26"}},{"v":3,"d":"$3.0"},{"$f":"N674*H674","v":{"v":113.85000000000001,"d":"$114"}}]
[{"$f":"IF(I675<>\"\",1+MAX($A$6:A674),\"\")","v":492},"A2.1C","A2.1C, A8.2, A5.0",null,"(2\"x4\") Pressure Treated Plate @ Top (Double Plate)",{"$f":"F672*2","v":69},{"v":0.1,"d":"10%"},{"v":75.9,"d":"76"},"LF",{"v":1.8599999999999999,"d":"$1.86"},{"v":141.174,"d":"$141.17"},{"v":1.1400000000000001,"d":"$1.14"},{"v":86.52600000000001,"d":"$86.53"},{"v":3,"d":"$3.0"},{"v":227.70000000000002,"d":"$228"}]
[{"$f":"IF(I676<>\"\",1+MAX($A$6:A675),\"\")","v":493},"A2.1C","A2.1C, A8.2, A5.0",null,"(2\"x4\") Wooden Studs @ 16\" O.C. - 10'-10\" High",{"$f":"F672/1.33","v":{"v":25.939849624060148,"d":"26"}},{"v":0,"d":"0%"},{"v":25.939849624060148,"d":"26"},"EA",{"v":20.143800000000002,"d":"$20.14"},{"v":522.5271428571428,"d":"$522.53"},{"v":12.346200000000001,"d":"$12.35"},{"v":320.25857142857143,"d":"$320.26"},{"v":32.49,"d":"$32.5"},{"v":842.7857142857142,"d":"$843"}]
[{"$f":"IF(I677<>\"\",1+MAX($A$6:A676),\"\")","v":""}]
[{"$f":"IF(I678<>\"\",1+MAX($A$6:A677),\"\")","v":""},{"$nulls":3},"INTERIOR WALLS - (2\"X4\") - ONE SIDE WEATHER RESISTANT",{"v":23.94,"d":"24"},{"v":10.83,"d":"11"}]
[{"$f":"IF(I679<>\"\",1+MAX($A$6:A678),\"\")","v":""}]
[{"$f":"IF(I680<>\"\",1+MAX($A$6:A679),\"\")","v":494},"A2.1C","A2.1C, A8.2, A5.0",null,"(2\"x4\") Pressure Treated Plate @ Bottom",{"$f":"F678*1","v":{"v":23.94,"d":"24"}},{"v":0.1,"d":"10%"},{"$f":"F680*(1+G680)","v":{"v":26.334000000000003,"d":"26"}},"LF",{"v":1.8599999999999999,"d":"$1.86"},{"$f":"J680*H680","v":{"v":48.98124,"d":"$48.98"}},{"v":1.1400000000000001,"d":"$1.14"},{"$f":"L680*H680","v":{"v":30.020760000000006,"d":"$30.02"}},{"v":3,"d":"$3.0"},{"$f":"N680*H680","v":{"v":79.00200000000001,"d":"$79"}}]
[{"$f":"IF(I681<>\"\",1+MAX($A$6:A680),\"\")","v":495},"A2.1C","A2.1C, A8.2, A5.0",null,"(2\"x4\") Pressure Treated Plate @ Top (Double Plate)",{"$f":"F678*2","v":{"v":47.88,"d":"48"}},{"v":0.1,"d":"10%"},{"v":52.668000000000006,"d":"53"},"LF",{"v":1.8599999999999999,"d":"$1.86"},{"v":97.96248,"d":"$97.96"},{"v":1.1400000000000001,"d":"$1.14"},{"v":60.04152000000001,"d":"$60.04"},{"v":3,"d":"$3.0"},{"v":158.00400000000002,"d":"$158"}]
[{"$f":"IF(I682<>\"\",1+MAX($A$6:A681),\"\")","v":496},"A2.1C","A2.1C, A8.2, A5.0",null,"(2\"x4\") Wooden Studs @ 16\" O.C. - 10'-10\" High",{"$f":"F678/1.33","v":18},{"v":0,"d":"0%"},18,"EA",{"v":20.143800000000002,"d":"$20.14"},{"v":362.58840000000004,"d":"$362.59"},{"v":12.346200000000001,"d":"$12.35"},{"v":222.23160000000001,"d":"$222.23"},{"v":32.49,"d":"$32.5"},{"v":584.82,"d":"$585"}]
[{"$f":"IF(I683<>\"\",1+MAX($A$6:A682),\"\")","v":""}]
[{"$f":"IF(I684<>\"\",1+MAX($A$6:A683),\"\")","v":""},{"$nulls":3},"INTERIOR WALLS - (2\"X4\") - BOTH SIDE WEATHER RESISTANT",{"v":8.29,"d":"8"},{"v":10.83,"d":"11"}]
[{"$f":"IF(I685<>\"\",1+MAX($A$6:A684),\"\")","v":""}]
[{"$f":"IF(I686<>\"\",1+MAX($A$6:A685),\"\")","v":497},"A2.1C","A2.1C, A8.2, A5.0",null,"(2\"x4\") Pressure Treated Plate @ Bottom",{"$f":"F684*1","v":{"v":8.29,"d":"8"}},{"v":0.1,"d":"10%"},{"$f":"F686*(1+G686)","v":{"v":9.119,"d":"9"}},"LF",{"v":1.8599999999999999,"d":"$1.86"},{"$f":"J686*H686","v":{"v":16.96134,"d":"$16.96"}},{"v":1.1400000000000001,"d":"$1.14"},{"$f":"L686*H686","v":{"v":10.395660000000001,"d":"$10.40"}},{"v":3,"d":"$3.0"},{"$f":"N686*H686","v":{"v":27.357,"d":"$27"}}]
[{"$f":"IF(I687<>\"\",1+MAX($A$6:A686),\"\")","v":498},"A2.1C","A2.1C, A8.2, A5.0",null,"(2\"x4\") Pressure Treated Plate @ Top (Double Plate)",{"$f":"F684*2","v":{"v":16.58,"d":"17"}},{"v":0.1,"d":"10%"},{"v":18.238,"d":"18"},"LF",{"v":1.8599999999999999,"d":"$1.86"},{"v":33.92268,"d":"$33.92"},{"v":1.1400000000000001,"d":"$1.14"},{"v":20.791320000000002,"d":"$20.79"},{"v":3,"d":"$3.0"},{"v":54.714,"d":"$55"}]
[{"$f":"IF(I688<>\"\",1+MAX($A$6:A687),\"\")","v":499},{"$nulls":3},"(2\"x4\") Wooden Studs @ 16\" O.C. - 10'-10\" High",{"$f":"F684/1.33","v":{"v":6.233082706766917,"d":"6"}},{"v":0,"d":"0%"},{"v":6.233082706766917,"d":"6"},"EA",{"v":20.143800000000002,"d":"$20.14"},{"v":125.55797142857143,"d":"$125.56"},{"v":12.346200000000001,"d":"$12.35"},{"v":76.95488571428571,"d":"$76.95"},{"v":32.49,"d":"$32.5"},{"v":202.51285714285714,"d":"$203"}]
[{"$f":"IF(I689<>\"\",1+MAX($A$6:A688),\"\")","v":""}]
[{"$f":"IF(I690<>\"\",1+MAX($A$6:A689),\"\")","v":""},{"$nulls":3},"INTERIOR WALLS - (2\"X6\") - ONE SIDE WEATHER RESISTANT",{"v":6.22,"d":"6"},8]
[{"$f":"IF(I691<>\"\",1+MAX($A$6:A690),\"\")","v":""}]
[{"$f":"IF(I692<>\"\",1+MAX($A$6:A691),\"\")","v":500},"A2.1C","A2.1C, A8.2, A5.0",null,"(2\"x6\") Pressure Treated Plate @ Bottom",{"$f":"F690*1","v":{"v":6.22,"d":"6"}},{"v":0.1,"d":"10%"},{"$f":"F692*(1+G692)","v":{"v":6.8420000000000005,"d":"7"}},"LF",{"v":2.48,"d":"$2.48"},{"$f":"J692*H692","v":{"v":16.96816,"d":"$16.97"}},{"v":1.52,"d":"$1.52"},{"$f":"L692*H692","v":{"v":10.399840000000001,"d":"$10.40"}},{"v":4,"d":"$4.0"},{"$f":"N692*H692","v":{"v":27.368000000000002,"d":"$27"}}]
[{"$f":"IF(I693<>\"\",1+MAX($A$6:A692),\"\")","v":501},"A2.1C","A2.1C, A8.2, A5.0",null,"(2\"x6\") Pressure Treated Plate @ Top (Double Plate)",{"$f":"F690*2","v":{"v":12.44,"d":"12"}},{"v":0.1,"d":"10%"},{"v":13.684000000000001,"d":"14"},"LF",{"v":2.48,"d":"$2.48"},{"v":33.93632,"d":"$33.94"},{"v":1.52,"d":"$1.52"},{"v":20.799680000000002,"d":"$20.80"},{"v":4,"d":"$4.0"},{"v":54.736000000000004,"d":"$55"}]
[{"$f":"IF(I694<>\"\",1+MAX($A$6:A693),\"\")","v":502},"A2.1C","A2.1C, A8.2, A5.0",null,"(2\"x6\") Wooden Studs @ 16\" O.C. - 8'-0\" High",{"$f":"F690/1.33","v":{"v":4.6766917293233075,"d":"5"}},{"v":0,"d":"0%"},{"v":4.6766917293233075,"d":"5"},"EA",{"v":19.84,"d":"$19.84"},{"v":92.78556390977442,"d":"$92.79"},{"v":12.16,"d":"$12.16"},{"v":56.86857142857142,"d":"$56.87"},{"v":32,"d":"$32.0"},{"v":149.65413533834584,"d":"$150"}]
[{"$f":"IF(I695<>\"\",1+MAX($A$1:A694),\"\")","v":""}]
["SUB TOTAL",{"$nulls":13},{"$f":"SUM(O8:O695)","v":{"v":350613.3128180266,"d":"$350,613"}},{"$f":"SUM(P7:P695)","v":{"v":350613.31281802634,"d":"$350,613"}}]
["OVERHEAD & PROFIT (25%)",{"$nulls":12},{"v":0.25,"d":"25%"},{"$f":"N697*O696","v":{"v":87653.32820450664,"d":"$87,653"}},{"$f":"N697*P696","v":{"v":87653.32820450659,"d":"$87,653"}}]
["TOTAL BID",{"$nulls":13},{"$f":"SUM(O696:O697)","v":{"v":438266.64102253324,"d":"$438,267"}},{"$f":"SUM(P696:P697)","v":{"v":438266.64102253295,"d":"$438,267"}}]